{"text_format":"2","workbook":"xlsx","n_sheets":11,"sheets":["Resumo","SERV. PRELIM.","Sistema 1","Sistema 2","Sistema 3","Composições","Composição eletrica","COTAÇÕES","PREÇOS COM REAJUSTAMENTO","cronograma","Plan4"],"not_rendered":{"charts":0,"images":10,"macros":0,"external_links":0,"defined_names":19,"comments":2,"pivot_tables":0},"unopened":[],"bounds":{"document_bytes":16777216,"sheet_cells":100000,"run_cost":"one","rows_first":2000,"rows_last":500,"rows_between":2000,"halvings":0,"cell_chars":16384,"cell_head_chars":4096},"cells_cut":0,"cells_raw":0,"read":"whole","date_system":"1900"}

{"sheet":"Resumo","index":0,"n_rows":16,"n_cols":6,"rows_kept":16,"cut":false,"hidden":false,"merged":[[2,0,2,5],[4,0,4,5]]}
[]
[]
["SISTEMA DE ABASTECIMENTO D'ÁGUA - REMANSO - BA"]
[]
["RESUMO GERAL DO SISTEMA"]
[null,"DATABASE: FEVEREIRO/2014"]
["ITEM","DISCRIMINAÇÃO","UNIDADE","QUANT.","V. UNITÁRIO","V. TOTAL"]
["1.0","SERVIÇOS PRELIMINARES","un ",1,{"$f":"'SERV. PRELIM.'!G17","v":225724.23},{"$f":"E8*D8","v":225724.23}]
["1.1","CONSTRUÇÃO DE SISTEMA DE ABASTECIMENTO DE ÁGUA TRATADA NOS POVOADOS DO SISTEMA 01 (NOVO MARCO, ALGODÕES, MELOSA, LAGOA GRANDE, CACIMBA DO MEIO, SALGADINHA, LAGOINHA, JUÁ E ALECRIM/MANTEIGA)","un ",1,{"$f":"'Sistema 1'!I6","v":409087.64},{"$f":"E9*D9","v":409087.64}]
["1.2","CONSTRUÇÃO DE SISTEMA DE ABASTECIMENTO DE ÁGUA TRATADA NOS POVOADOS DO SISTEMA 02 (VILA NOSSA SENHORA APARECIDA, MELANCIA, SUVELA, COAN, SANTA AROEIRA, PIMENTEIRAS, VENEZA E IGARAPÉ LAGOA DOURADA)","un ",1,{"$f":"'Sistema 2'!I346","v":768331.31},{"$f":"ROUND(E10*D10,2)","v":768331.31}]
["1.3","CONSTRUÇÃO DE SISTEMA DE ABASTECIMENTO DE ÁGUA TRATADA NOS POVOADOS DO SISTEMA 03 (MALHADINHA, SÃO FRANCISCO, VENTURA, RIACHINHO, TELHEIROS, TABULEIRO E LAGES)","un ",1,{"$f":"'Sistema 3'!I8","v":684489.93000000052},{"$f":"ROUND(E11*D11,2)","v":684489.93}]
["1.4","SISTEMA DE AUTOMAÇÃO","un",3,{"$f":"Composições!H589","v":31827.540019999993},{"$f":"ROUND(E12*D12,2)","v":95482.62}]
[{"$nulls":4},"TOTAL GERAL",{"$f":"SUM(F8:F12)","v":2183115.7300000004}]
[]
[null,"BDI SERVIÇOS: 26,44%"]
[null,"BDI INSUMOS: 16,80 %"]

{"sheet":"SERV. PRELIM.","index":1,"n_rows":17,"n_cols":9,"rows_kept":17,"cut":false,"hidden":false,"merged":[[3,0,3,5],[4,0,5,6]]}
[]
[]
[{"$nulls":5},"DATABASE: FEVEREIRO/2014"]
["SISTEMA DE ABASTECIMENTO D'ÁGUA - REMANSO - BA"]
[]
[]
["ITEM","DISCRIMINAÇÃO","UNIDADE","QUANT.","P.UNIT. ","P.UNIT.COM BDI-26,44%","Total"]
["COMPOSIÇÃO","ADMINISTRAÇÃO LOCAL E MANUTENÇÃO DE CANTEIRO DE OBRAS","Unid.",1,{"$f":"Composições!H26","v":123120.19},{"$f":"ROUND(E8*(1+$I$8),2)","v":155673.17000000001},{"$f":"IF(F8=\"\",ROUND(#REF!*D8,2),ROUND(F8*D8,2))","v":155673.17000000001},"BDI",0.26440000000000002]
["74209/001","PLACA DE IDENTIFICAÇÃO DE OBRA COM 4,5X4M - FORNECIMENTO E INSTALAÇÃO - MODELO CODEVASF-MI","M²",20,169.69,{"$f":"ROUND(E9*(1+$I$8),2)","v":214.56},{"$f":"IF(F9=\"\",ROUND(#REF!*D9,2),ROUND(F9*D9,2))","v":4291.2}]
["73805/001","INSTALAÇÃO DE CANTEIRO DE OBRAS","M²",60,205.48,259.81,{"$f":"IF(F10=\"\",ROUND(#REF!*D10,2),ROUND(F10*D10,2))","v":15588.6}]
["73948/016","LIMPEZA DO TERRENO - RASPAGEM E LIMPEZA MANUAL","M²",900,1.75,{"$f":"ROUND(E11*(1+$I$8),2)","v":2.21},{"$f":"IF(F11=\"\",ROUND(#REF!*D11,2),ROUND(F11*D11,2))","v":1989}]
["COMPOSIÇÃO","MOBILIZAÇÃO DE EQUIPAMENTO E PESSOAS","Und.",1,{"$f":"Composições!H79","v":7642.1600000000008},{"$f":"ROUND(E12*(1+$I$8),2)","v":9662.75},{"$f":"IF(F12=\"\",ROUND(#REF!*D12,2),ROUND(F12*D12,2))","v":9662.75}]
["COMPOSIÇÃO","DESMOBILIZAÇÃO DE EQUIPAMENTO E PESSOAS","Und.",1,{"$f":"Composições!H91","v":7642.1600000000008},9662.75,{"$f":"IF(F13=\"\",ROUND(#REF!*D13,2),ROUND(F13*D13,2))","v":9662.75}]
["COMPOSIÇÃO","CARGA, TRANSPORTE E DESCARGA DE MATERIAIS ORIUNDOS DO REMANESCENTE DE OBRA DO CONTRATO ANTERIOR","Und.",1,{"$f":"Composições!H101","v":1297.04},1639.98,{"$f":"IF(F14=\"\",ROUND(#REF!*D14,2),ROUND(F14*D14,2))","v":1639.98}]
["COTAÇÃO","ALUGUEL DE BANHEIROS QUÍMICOS PARA ABRIGO PROVISÓRIO","mês",6,500,632.20000000000005,{"$f":"ROUND(F15*D15,2)","v":3793.2}]
["COMPOSIÇÃO","VEÍCULO TIPO COMERCIAL LEVE 1.4 FLEX (85cv),C/ ARCONDICIONADO, DIREÇÃO HIDRÁULICA E TRAVAS ELÉTRICAS PARA APOIO À FISCALIZAÇÃO, INCL. DIREÇÃO HIDRÁULICA E TRAVAS ELÉTRICAS PARA APOIO À FISCALIZAÇÃO, INCLUINDO DESPESAS C/COMBUSTÍVEL, ÓLEOS, MANUTENÇÃO, LICENCIAMENTO, SEGUROS E IMPOSTOS.                                                                                                                ","mês",6,{"$f":"Composições!H66","v":3087.5740700863203},3903.93,{"$f":"IF(F16=\"\",ROUND(#REF!*D16,2),ROUND(F16*D16,2))","v":23423.58}]
[null,"SUB-TOTAL MATERIAIS",{"$nulls":4},{"$f":"ROUND(SUM(G8:G16),2)","v":225724.23}]

{"sheet":"Sistema 1","index":2,"n_rows":332,"n_cols":15,"rows_kept":332,"cut":false,"hidden":false,"merged":[[324,2,324,3],[325,2,325,3],[329,0,329,7],[137,2,137,3],[314,2,314,3],[315,2,315,3],[318,2,318,3],[320,2,320,3],[321,2,321,3],[301,2,301,3],[304,2,304,3],[307,2,307,3],[310,2,310,3],[311,2,311,3],[288,2,288,3],[290,2,290,3],[291,2,291,3],[293,2,293,3],[300,2,300,3],[280,2,280,3],[281,2,281,3],[284,2,284,3],[285,2,285,3],[287,2,287,3],[270,2,270,3],[272,2,272,3],[273,2,273,3],[275,2,275,3],[278,2,278,3],[254,2,254,3],[258,2,258,3],[260,2,260,3],[261,2,261,3],[268,2,268,3],[235,2,235,3],[240,2,240,3],[242,2,242,3],[247,2,247,3],[250,2,250,3],[225,2,225,3],[226,2,226,3],[231,2,231,3],[232,2,232,3],[233,2,233,3],[212,2,212,3],[213,2,213,3],[214,2,214,3],[218,2,218,3],[224,2,224,3],[201,2,201,3],[202,2,202,3],[206,2,206,3],[207,2,207,3],[208,2,208,3],[193,2,193,3],[195,2,195,3],[196,2,196,3],[197,2,197,3],[200,2,200,3],[183,2,183,3],[184,2,184,3],[186,2,186,3],[189,2,189,3],[191,2,191,3],[176,2,176,3],[177,2,177,3],[178,2,178,3],[180,2,180,3],[182,2,182,3],[153,2,153,3],[155,2,155,3],[159,2,159,3],[165,2,165,3],[173,2,173,3],[142,2,142,3],[145,2,145,3],[149,2,149,3],[150,2,150,3],[151,2,151,3],[126,2,126,3],[129,2,129,3],[131,2,131,3],[135,2,135,3],[140,2,140,3],[114,2,114,3],[119,2,119,3],[123,2,123,3],[124,2,124,3],[125,2,125,3],[103,2,103,3],[105,2,105,3],[108,2,108,3],[112,2,112,3],[113,2,113,3],[74,2,74,3],[75,2,75,3],[76,2,76,3],[80,2,80,3],[91,2,91,3],[50,2,50,3],[56,2,56,3],[64,2,64,3],[67,2,67,3],[70,2,70,3],[38,2,38,3],[41,2,41,3],[44,2,44,3],[45,2,45,3],[46,2,46,3],[73,0,73,8],[0,0,1,8],[2,0,2,8],[3,0,3,8],[6,2,6,3],[7,2,7,3],[8,2,8,3],[9,2,9,3],[13,2,13,3],[16,2,16,3],[18,2,18,3],[26,2,26,3],[29,2,29,3],[30,2,30,3],[31,2,31,3],[34,2,34,3]]}
[]
[]
["SISTEMA DE ABASTECIMENTO D'ÁGUA - REMANSO - BA"]
["REPLANILHAMENTO DA PLANILHA DO SISTEMA 01"]
["ITEM",null,"ITEM                  (SINAPI FEV/14 - C/DESONERAÇÃO)","DESCRIÇÃO DE SERVIÇOS","Unid.","Quant.","P.UNIT.","P.UNIT.C /BDI","Total"]
[null,null,null,"SISTEMA 01",{"$nulls":4},{"$f":"(SUM(I7:I328)/2)","v":409087.64},"BDI",null,null,"A0 1004812","maquinas veículos e impl agrícolas",1.0081039085222518]
[null,null,"SERVIÇOS",{"$nulls":5},{"$f":"SUM(I11:I257)","v":336194.18000000017},"SERV.",0.26440000000000002]
[1,null,"UNIDADE DO SISTEMA: CAPTAÇÃO FLUTUANTE",{"$nulls":6},"MAT",0.18,null,"col 13","MDO ESPECIALIZADA",1.0081039085222518]
["1.0",null,"OBRAS CIVIS"]
["1.1",null,"Execução de blocos de ancoragem",{"$nulls":9},"COL 15","MAQ. EQUIPAMENTOS",1.0150796840852767]
["1.1.1","74076/001","74076/001","FORMA PINHO 3A P/CONCRETO EM FUNDAÇÃO REAPROV 3 VEZES - CORTE/MONTAGEM /ESCORAMENTO/DESFORMA, NÃO INCLUÍDO DEMOLDANTE","m²",35.6,38.9,{"$f":"ROUND(G11*(1+$K$7),2)","v":49.19},{"$f":"ROUND(H11*F11,2)","v":1751.16},null,null,null,1004812]
["1.1.2","COMPOSIÇÃO","COMPOSIÇÃO","CONCRETO ESTRUTURAL, FCK = 15MPA, INCL. FORNEC. DOS MAT., PROD., LANÇ., ADEN. E CURA, EM FUNDAÇÕES","m³",{"$f":"4.45","v":4.45},{"$f":"Composições!H139","v":507.14779999999996},{"$f":"ROUND(G12*(1+$K$7),2)","v":641.24},{"$f":"ROUND(H12*F12,2)","v":2853.52}]
["1.1.3","74254/002","74254/002","ARMAÇÃO AÇO CA-50, DIAMETRO 6.3 (1/4) Á 12,5mm (1/2) - FORNECIMENTO E CORTE  (Kg PERDA DE 10%) / DOBRA / COLOCAÇÃO","Kg",{"$f":"480","v":480},6.05,{"$f":"ROUND(G13*(1+$K$7),2)","v":7.65},3672]
["1.2",null,"Pintura"]
["1.2.1","74064/001","74064/001","FUNDO ANTICORROSIVO A BASE DE OXIDO DE FERRO (ZARÇÃO)-DUAS DEMÃOS","m²",21.18,10.18,12.87,272.58999999999997]
["1.2.2","73924/002","73924/002","PINTURA ESMALTE EM ESQUADRIA DE FERRO - 2 DEMÃOS","m²",21.18,13.2,16.690000000000001,353.49]
["1.3",null,"Assentamento, montagem e instalações"]
["1.3.1","COMPOSIÇÃO","COMPOSIÇÃO","ASSENTAMENTO DE MANGOTE FLEXÍVEL PARA CAPTAÇÃO FLUTUANTE  Ø 100 MM","m",15,{"$f":"Composições!H111","v":38.700000000000003},48.93,733.95]
["1.4",null,"Instalação Elétrica"]
["1.4.1","COMPOSIÇÃO","COMPOSIÇÃO","FORNECIMENTO E INSTALAÇÃO DOS ELETRODUTOS, CABOS, QUADRO, PONTOS DE FORÇA DOS MOTORES, TOMADA, INTERRUPTOR, LUMINÁRIAS DA CAPTAÇÃO","und",1,{"$f":"'Composição eletrica'!G248","v":8826.16},{"$f":"G20","v":8826.16},8826.16]
["1.4.2","COMPOSIÇÃO","COMPOSIÇÃO","FORNECIMENTO E INSTALAÇÃO DA SUBESTAÇÃO ABAIXADORA DE 15 KVA E INTERLIGAÇÃO (CIRCUITO ALIMENTADOR) DA SE AO CCM DA CAPTAÇÃO","und",1,{"$f":"'Composição eletrica'!G201","v":16835.61},{"$f":"G21","v":16835.61},16835.61]
["1.4.3","COMPOSIÇÃO","COMPOSIÇÃO","FORNECIMENTO E INSTALAÇÃO PARA A EXTENSÃO DE REDE ELÉTRICA DE MÉDIA TENSÃO, 13,8KV, TRIFÁSICO","km",0.05,{"$f":"'Composição eletrica'!G307","v":70593.22},70593.22,3529.66]
["1.4.4","73836/001","73836/001","INSTALAÇÃO DE CONJUNTO MOTOR-BOMBA HORIZONTAL ATÉ 10CV","und",2,229.54,229.54,{"$f":"ROUND(H23*F23,2)","v":459.08}]
["1.4.5","COMPOSIÇÃO","COMPOSIÇÃO","INSTALAÇÃO/MONTAGEM ELÉTRICA E MECÂNICA DA CAPTAÇÃO FLUTUANTE","und",1,{"$f":"'Composição eletrica'!G355","v":434.6},434.6,434.6]
["1.4.6","COMPOSIÇÃO","COMPOSIÇÃO"," INSTALAÇÃO DE CABO EPROTENAX 4 x 35 mm.","m",680,{"$f":"Composições!H243","v":5.29},6.69,4549.2]
["1.4.7","COMPOSIÇÃO","COMPOSIÇÃO"," INSTALAÇÃO DE ELETRODUTO PVC 4\", INCLUSIVE ESCAVAÇÃO E REATERRO","m",120,{"$f":"Composições!H264","v":22.630000000000003},28.61,3433.2]
["1.5",null,"Diversos"]
["1.5.1","COMPOSIÇÃO","COMPOSIÇÃO","CORRENTE EM AÇO GALVANIZADO","m",60,{"$f":"Composições!H595","v":19.987977369616317},{"$f":"ROUND(G28*(1+$K$7),2)","v":25.27},1516.2]
[]
[2,null,"UNIDADE DO SISTEMA: CONSTRUÇÃO DO ABRIGO PARA COMANDO DA BOMBA"]
["2.0",null,"OBRAS CIVIS"]
["2.1",null,"Esquadrias"]
["2.1.1",85334,85334,"RETIRADA DE ESQUARIA METALICA","m²",1.68,6.3,{"$f":"ROUND(G33*(1+$K$7),2)","v":7.97},13.39]
["2.1.2","COMPOSIÇÃO","COMPOSIÇÃO","ASSENTAMENTO DE ESQUADRIA METALICA","m²",1.68,{"$f":"Composições!H274","v":27.950000000000003},{"$f":"ROUND(G34*(1+$K$7),2)","v":35.340000000000003},59.37]
["2.2",null,"Pintura"]
["2.2.1","COMPOSIÇÃO","COMPOSIÇÃO","PINTURA DA LOGOMARCA DA CODEVASF","un",2,{"$f":"Composições!H347","v":188.31200000000001},{"$f":"ROUND(G36*(1+$K$7),2)","v":238.1},476.2]
["2.2.2","73924/002","73924/002","PINTURA ESMALTE EM ESQUADRIA DE FERRO - 2 DEMÃOS","m²",3.36,13.2,16.690000000000001,56.08]
["2.2.3","73954/003","73954/003","PINTURA LATEX ACRILICA - 1 DEMÃOS","m²",59.05,4.2,5.31,313.56]
["2.3",null,"Urbanização"]
["2.3.1","74084/001","74084/001","PORTA CADEADO ZICADO OXIDADO PRETO COMCADEADO DE AÇO GRAFITADO OXIDADO ENVERNIZADO 45MM","un",1,31.5,{"$f":"ROUND(G40*(1+$K$7),2)","v":39.83},39.83]
["2.3.2","73924/002","73924/002","PINTURA ESMALTE EM ESQUADRIA DE FERRO - 2 DEMÃOS","m²",4,13.2,16.690000000000001,66.760000000000005]
["2.4",null,"Serviços finais"]
["2.4.1",9537,9537,"LIMPEZA FINAL DA OBRA","m²",5.29,1,{"$f":"ROUND(G43*(1+$K$7),2)","v":1.26},6.67]
[]
[3,null,"UNIDADE DO SISTEMA: ADUTORA DE ÁGUA BRUTA - FLUTUANTE/ ETA"]
["3.0",null,"OBRAS CIVIS"]
["3.1",null,"Serviços Preliminares"]
["3.1.1",73679,73679,"LOCAÇÃO DA ADUTORA","m",680,0.56000000000000005,{"$f":"ROUND(G48*(1+$K$7),2)","v":0.71},482.8]
["3.1.2","COMPOSIÇÃO","COMPOSIÇÃO","ACOMPANHAMENTO TOPOGRÁFICO","dia",1.5,{"$f":"Composições!H284","v":205.68},260.06,390.09]
["3.1.3","COMPOSIÇÃO","COMPOSIÇÃO","SINALIZAÇÃO ABERTA SEM ILUMINAÇÃO, MONTANTES DE H=1,00M E TELA EM PVC, INCLUINDO FORNECIMNTO, TRANSPORTE, INSTALAÇÃO E REMOÇÃO PARA OUTRO LOCAL DA OBRA","m",380,{"$f":"Composições!H295","v":23.220000000000002},29.36,11156.8]
["3.2",null,"Movimento de terra"]
["3.2.1","73965/010","73965/010","ESCAVAÇÃO MANUAL DE VALAS EM SOLO DE 1ª CAT. EXEC. COM PROFUNDIDADE ATÉ 1,5M EXCLUINDO ESGOTAMENTO / ESCORAMENTO","m³",{"$f":"60+4","v":64},22.07,{"$f":"ROUND(G52*(1+$K$7),2)","v":27.91},1786.24]
["3.2.2","73962/013","73962/013","ESCAVACAO DE VALA NAO ESCORADA EM MATERIAL 1A CATEGORIA , PROFUNDIDADE ATE 1,5 M COM ESCAVADEIRA HIDRAULICA 105 HP(CAPACIDADE DE 0,78M3), SEM ESGOTAMENTO","m³",{"$f":"223.34+60","v":283.34000000000003},3.59,4.54,1286.3599999999999]
["3.2.3","SERVIÇO 74015/001","SERVIÇO 74015/001","EXEC. DE ATERRO EM VALAS/POCOS/CAVAS DE FUNDACAO C/ SOLO PROVENIENTE DAS ESCAVACOES,  INCL. LANCAM.,  ESPALHAM.,  COMPACT. C/ PLACA VIBRAT.,  SOQUETE PNEUMATICO ","m³",223.34,14.97,18.93,4227.83]
["3.2.4","74010/001","74010/001","CARGA E DESCARGA MECANIZADA DE MATERIAL DE 1ª  CATEGORIA EM CAMINHÃO BASCULANTE","m³",{"$f":"(F52+F53)-F54","v":124.00000000000003},0.98,1.24,153.76]
["3.2.5",72855,72855,"TRANSPORTE LOCAL  COM CAMINHÃO BASCULHANTE 6M³, EM RODOVIA EM LEITO NATURAL DMT 800 A 1.000M","m³",{"$f":"F55","v":124.00000000000003},2.79,3.53,437.72]
["3.3",null,"Assentamento e Envelopamento das tubulações"]
["3.3.1","COMPOSIÇÃO","COMPOSIÇÃO","CARGA E DESCARGA DE TUBULAÇÃO EM POLIETILENO PARA Ø ATÉ 160MM","m",680,{"$f":"Composições!H304","v":1.4778815999999999},{"$f":"ROUND(G58*(1+$K$7),2)","v":1.87},1271.5999999999999]
["3.3.2","COMPOSIÇÃO","COMPOSIÇÃO","MOMENTO DE TRANSPORTE DE TUBULAÇÃO, PEÇAS E CONEXÕES EM POLIETILENO DE ALTA DENSIDADE, PEAD, PE-80 ATÉ 160 MM","m",680,{"$f":"Composições!H313","v":0.94619999999999993},1.2,816]
["3.3.3","COMPOSIÇÃO","COMPOSIÇÃO","ASSENTAMENTO DE TUBO DE POLIETILENO PEAD PE-80 PN 12,5 DN 125 MM","m",680,{"$f":"Composições!H519","v":1.1000000000000001},{"$f":"ROUND(G60*(1+$K$7),2)","v":1.39},945.2]
["3.3.4","73884/003","73884/003","INSTALAÇÃO DE VÁLVULAS OU REGISTRO COM JUNTA ELÁSTICA DN 100","un",1,48.62,{"$f":"ROUND(G61*(1+$K$7),2)","v":61.48},61.48]
["3.3.5","COMPOSIÇÃO","COMPOSIÇÃO","RETIRADA DE TUBO DE POLIETILENO PEAD PE-80 PN 12,5 DN 125 MM","m",200,{"$f":"Composições!H527","v":1.1000000000000001},{"$f":"ROUND(G62*(1+$K$7),2)","v":1.39},278]
["3.3.6","COMPOSIÇÃO","COMPOSIÇÃO","EXECUÇÃO DE ENVELOPAMENTO DE TUBULAÇÃO EM CONCRETO SIMPLES,INCLUIDO PREPARO MECANICO, LANÇAMENTO E ADENSAMENTO.","m³",1,{"$f":"Composições!H152","v":687.76},{"$f":"ROUND(G63*(1+$K$7),2)","v":869.6},869.6]
["3.3.7","COMPOSIÇÃO","COMPOSIÇÃO","ASSENTAMENTO DE CONEXÃO EM PEAD PE-80 EM GERAL","un",11,{"$f":"Composições!H164","v":91.81},{"$f":"ROUND(G64*(1+$K$7),2)","v":116.08},1276.8800000000001]
["3.4",null,"Caixas para válvulas, ventosas e energia"]
["3.4.1","COMPOSIÇÃO","COMPOSIÇÃO","CONSTRUÇÃO DE CAIXA DE ALVENARIA COM TAMPA METÁLICA E PORTA CADEADO, COM FUNDO DRENANTE, FORRADO DE BRITA (5,0 CM) PARA ABRIGAR OS REGISTROS DE GAVETA, COM DIMENSÕES 1,0 X 1,0 X 1,0.","un",1,{"$f":"Composições!H464","v":519.30427999999995},{"$f":"ROUND(G66*(1+$K$7),2)","v":656.61},656.61]
["3.4.2","74166/001","74166/001","CAIXA PRE-MOLDADA DE D=60CM PARA REDE ELETRICA","un",8,123.18,{"$f":"ROUND(G67*(1+$K$7),2)","v":155.75},1246]
["3.5",null,"Bloco de Ancoragem e Descarga"]
["3.5.1","74007/002","74007/002","FORMA COMUM DE MADEIRA","m²",9.6,55,{"$f":"ROUND(G69*(1+$K$7),2)","v":69.540000000000006},667.58]
["3.5.2","COMPOSIÇÃO","COMPOSIÇÃO","CONCRETO ESTRUTURAL, FCK = 15MPA, INCL. FORNEC. DOS MAT., PROD., LANÇ., ADEN. E CURA, EM FUNDAÇÕES","m³",0.68,{"$f":"Composições!H139","v":507.14779999999996},{"$f":"ROUND(G70*(1+$K$7),2)","v":641.24},436.04]
["3.6",null,"Serviços Diversos"]
["3.6.1",73678,73678,"CADASTRO DA ADUTORA","m",680,1.72,{"$f":"ROUND(G72*(1+$K$7),2)","v":2.17},1475.6]
["3.6.2","COMPOSIÇÃO","COMPOSIÇÃO","TESTE HIDROSTÁTICO EM REDE DE ÁGUA/ADUTORA","m",980,{"$f":"Composições!H474","v":0.22534699999999999},{"$f":"ROUND(G73*(1+$K$7),2)","v":0.28000000000000003},274.39999999999998]
[]
[4,null,"UNIDADE DO SISTEMA: ADUTORAS DE ÁGUA TRATADA "]
["4.0",null,"OBRAS CIVIS"]
["4.1",null,"Serviços Preliminares"]
["4.1.1",73679,73679,"LOCAÇÃO DA ADUTORA","m",150,0.56000000000000005,{"$f":"ROUND(G78*(1+$K$7),2)","v":0.71},{"$f":"ROUND(H78*F78,2)","v":106.5}]
["4.1.2","COMPOSIÇÃO","COMPOSIÇÃO","ACOMPANHAMENTO TOPOGRÁFICO","dia",1,{"$f":"Composições!H284","v":205.68},260.06,260.06]
["4.1.3","COMPOSIÇÃO","COMPOSIÇÃO","SINALIZAÇÃO ABERTA SEM ILUMINAÇÃO, MONTANTES DE H=1,00M E TELA EM PVC, INCLUINDO FORNECIMNTO, TRANSPORTE, INSTALAÇÃO E REMOÇÃO PARA OUTRO LOCAL DA OBRA","m",40,{"$f":"Composições!H295","v":23.220000000000002},29.36,1174.4000000000001]
["4.2",null,"Movimento de terra"]
["4.2.1","73965/010","73965/010","ESCAVAÇÃO MANUAL DE VALAS EM SOLO DE 1ª CAT. EXEC. COM PROFUNDIDADE ATÉ 1,5M EXCLUINDO ESGOTAMENTO / ESCORAMENTO","m³",{"$f":"56*0.4+168+200","v":390.4},22.07,27.91,10896.06]
["4.2.2","73965/001","73965/001","ESCAVAÇÃO MANUAL DE VALAS , A FRIO EM MATERIAL DE 2ª CATEGORIA, COM PROFUNDIDADE ATÉ 1,5M","m³",{"$f":"56-22.4","v":33.6},47.3,{"$f":"ROUND(G83*(1+$K$7),2)","v":59.81},2009.62]
["4.2.3","73962/013","73962/013","ESCAVACAO DE VALA NAO ESCORADA EM MATERIAL 1A CATEGORIA , PROFUNDIDADE ATE 1,5 M COM ESCAVADEIRA HIDRAULICA 105 HP(CAPACIDADE DE 0,78M3), SEM ESGOTAMENTO","m³",{"$f":"42+240","v":282},3.59,4.54,1280.28]
["4.2.4",72915,72915,"ESCAVAÇÃO MECANIZADA DE MATERIAL DE  2ª CATEGORIA","m³",21,9.44,11.94,250.74]
["4.2.5","COMPOSIÇÃO","COMPOSIÇÃO","ESCAVAÇÃO MECANIZADA DE MATERIAL DE 3ª CATEGORIA","m³",{"$f":"69-21","v":48},{"$f":"Composições!H220","v":121.64649500000002},153.81,7382.88]
["4.2.6","74010/001","74010/001","CARGA E DESCARGA MECANIZADA DE MATERIAL DE 1ª, 2ª E 3ª CATEGORIA EM CAMINHÃO BASCULANTE","m³",55.69,0.98,1.24,69.06]
["4.2.7",72900,72900,"TRANSPORTE DE ENTULHO  COM CAMINHÃO BASCULHANTE 6M³, EM RODOVIA PAVIMENTADA DMT 0,5 A 1,0 KM","m³",{"$f":"F87","v":55.69},3.96,5.01,279.01]
["4.2.8",72921,72921,"EXECUÇÃO DE ENVOLTÓRIO DE AREIA EM VALAS, INCL. LANÇAM., ESPALHAM., E COMPAC. MANUAL, COM FORNECIM. DO MATERIAL","m³",19.61,43.08,54.47,1068.1600000000001]
["4.2.9",72856,72856,"TRANSPORTE LOCAL  COM CAMINHÃO BASCULHANTE 6M³, EM RODOVIA EM LEITO NATURAL","m³ x km",{"$f":"69*15","v":1035},1.22,1.54,1593.9]
["4.2.10","SERVIÇO 74015/001","SERVIÇO 74015/001","EXEC. DE ATERRO EM VALAS/POCOS/CAVAS DE FUNDACAO C/ SOLO PROVENIENTE DAS ESCAVACOES,  INCL. LANCAM.,  ESPALHAM.,  COMPACT. C/ PLACA VIBRAT.,  SOQUETE PNEUMATICO ","m³",{"$f":"567.31+200","v":767.31},14.97,18.93,14525.18]
["4.3",null,"Assentamento e Envelopamento das tubulações"]
["4.3.1","COMPOSIÇÃO","COMPOSIÇÃO","CARGA E DESCARGA DE TUBULAÇÃO EM POLIETILENO PARA Ø ATÉ 160MM","m",150,{"$f":"Composições!H304","v":1.4778815999999999},1.87,280.5]
["4.3.2","COMPOSIÇÃO","COMPOSIÇÃO","MOMENTO DE TRANSPORTE DE TUBULAÇÃO, PEÇAS E CONEXÕES EM POLIETILENO DE ALTA DENSIDADE, PEAD, PE-80 ATÉ 160 MM","m",150,{"$f":"Composições!H313","v":0.94619999999999993},1.2,180]
["4.3.3","COMPOSIÇÃO","COMPOSIÇÃO","CARGA E DESCARGA DE TUBULAÇÃO EM PVC RÍGIDO OU DEFOFO PARA Ø ATÉ 350MM","m",750,{"$f":"Composições!H181","v":0.73044000000000009},0.92,690]
["4.3.4","COMPOSIÇÃO","COMPOSIÇÃO","MOMENTO DE TRANSPORTE DE TUBULAÇÃO, PEÇAS E CONEXÕES EM PVC RÍGIDO DN ATÉ 350 MM","m",750,{"$f":"Composições!H190","v":1.2174000000000003},1.54,1155]
["4.3.5","COMPOSIÇÃO","COMPOSIÇÃO","ASSENTAMENTO DE TUBO DE POLIETILENO PEAD PE-80 PN 12,5 DN 110 MM","m",150,{"$f":"Composições!H543","v":1.04},1.31,196.5]
["4.3.6","73888/002","73888/002","ASSENTAMENTO DE TUBOS E CONEXÕES EM PVC RÍG. PBA, PB JE P/ ÁGUA Ø 75MM","m",400,0.95,1.2,480]
["4.3.7","COMPOSIÇÃO","COMPOSIÇÃO","EXECUÇÃO DE ENVELOPAMENTO DE TUBULAÇÃO EM CONCRETO SIMPLES,INCLUIDO PREPARO MECANICO, LANÇAMENTO E ADENSAMENTO.","m³",3.8,{"$f":"Composições!H152","v":687.76},869.6,3304.48]
["4.3.8","73976/011","73976/011","ENVELOPAMENTO EM TUBO GALVANIZADO COM COSTURA 6\" (150MM), INCLUSIVE CONEXÕES - FORNECIMENTO E INSTALAÇÃO","m",50,234.47,{"$f":"ROUND(G100*(1+$K$7),2)","v":296.45999999999998},14823]
["4.3.9","73884/003","73884/003","INSTALAÇÃO DE VÁLVULAS OU REGISTRO COM JUNTA ELÁSTICA DN 100","un",14,48.62,{"$f":"ROUND(G101*(1+$K$7),2)","v":61.48},860.72]
["4.3.10","COMPOSIÇÃO","COMPOSIÇÃO","ASSENTAMENTO DE CONEXÃO EM PEAD PE-80 EM GERAL","un",{"$f":"14*2+3+210","v":241},{"$f":"Composições!H164","v":91.81},{"$f":"ROUND(G102*(1+$K$7),2)","v":116.08},27975.279999999999]
["4.3.11","COMPOSIÇÃO","COMPOSIÇÃO","RETIRADA DE TUBOS E CONEXÕES EM PVC RÍG. PBA, PB JE P/ ÁGUA Ø 75MM","m",350,{"$f":"Composições!H172","v":0.95},{"$f":"ROUND(G103*(1+$K$7),2)","v":1.2},420]
["4.4",null,"Caixas para válvulas e ventosas"]
["4.4.1","COMPOSIÇÃO","COMPOSIÇÃO","CONSTRUÇÃO DE CAIXA DE ALVENARIA COM TAMPA METÁLICA E PORTA CADEADO, COM FUNDO DRENANTE, FORRADO DE BRITA (5,0 CM) PARA ABRIGAR OS REGISTROS DE GAVETA, COM DIMENSÕES 1,0 X 1,0 X 1,0.","un",14,{"$f":"Composições!H464","v":519.30427999999995},{"$f":"ROUND(G105*(1+$K$7),2)","v":656.61},9192.5400000000009]
["4.5",null,"Bloco de Ancoragem e Descarga",{"$nulls":5},0]
["4.5.1","74007/002","74007/002","FORMA COMUM DE MADEIRA","m²",6.5,55,{"$f":"ROUND(G107*(1+$K$7),2)","v":69.540000000000006},452.01]
["4.5.2","COMPOSIÇÃO","COMPOSIÇÃO","CONCRETO ESTRUTURAL, FCK = 15MPA, INCL. FORNEC. DOS MAT., PROD., LANÇ., ADEN. E CURA, EM FUNDAÇÕES","m³",0.34,{"$f":"G12","v":507.14779999999996},{"$f":"ROUND(G108*(1+$K$7),2)","v":641.24},218.02]
["4.6",null,"Serviços Diversos"]
["4.6.1",73678,73678,"CADASTRO DA ADUTORA","m",150,1.72,{"$f":"ROUND(G110*(1+$K$7),2)","v":2.17},325.5]
["4.6.2","COMPOSIÇÃO","COMPOSIÇÃO","TESTE HIDROSTÁTICO EM REDE DE ÁGUA/ADUTORA","m",13020,{"$f":"G73","v":0.22534699999999999},{"$f":"ROUND(G111*(1+$K$7),2)","v":0.28000000000000003},3645.6]
[]
[5,null,"UNIDADE DO SISTEMA: SUB-ADUTORAS DE ÁGUA TRATADA "]
["5.0",null,"OBRAS CIVIS"]
["5.1",null,"Assentamento das tubulações"]
["5.1.1","COMPOSIÇÃO","COMPOSIÇÃO","CARGA E DESCARGA DE TUBULAÇÃO EM PVC RÍGIDO OU DEFOFO PARA Ø ATÉ 350MM","m",750,{"$f":"Composições!H181","v":0.73044000000000009},{"$f":"ROUND(G116*(1+$K$7),2)","v":0.92},690]
["5.1.2","COMPOSIÇÃO","COMPOSIÇÃO","MOMENTO DE TRANSPORTE DE TUBULAÇÃO, PEÇAS E CONEXÕES EM PVC RÍGIDO DN ATÉ 350 MM","m",750,{"$f":"Composições!H190","v":1.2174000000000003},1.54,1155]
["5.1.3","73888/001","73888/001","ASSENTAMENTO DE TUBOS E CONEXÕES EM PVC RÍG. PBA, PB JE P/ ÁGUA Ø 50MM","m",400,0.71,0.9,360]
["5.1.4","COMPOSIÇÃO","COMPOSIÇÃO","RETIRADA DE TUBOS E CONEXÕES EM PVC RÍG. PBA, PB JE P/ ÁGUA Ø 50MM","m",350,{"$f":"Composições!H198","v":0.72},{"$f":"ROUND(G119*(1+$K$7),2)","v":0.91},318.5]
["5.2",null,"Serviços Diversos"]
["5.2.1","COMPOSIÇÃO","COMPOSIÇÃO","TESTE HIDROSTÁTICO EM REDE DE ÁGUA/ADUTORA","m",12195.46,{"$f":"G73","v":0.22534699999999999},{"$f":"ROUND(G121*(1+$K$7),2)","v":0.28000000000000003},3414.73]
["5.2.2","COMPOSIÇÃO","COMPOSIÇÃO","EXECUÇÃO DE ENVELOPAMENTO DE TUBULAÇÃO EM CONCRETO SIMPLES,INCLUIDO PREPARO MECANICO, LANÇAMENTO E ADENSAMENTO.","m³",{"$f":"0.86*5","v":4.3},{"$f":"Composições!H152","v":687.76},{"$f":"ROUND(G122*(1+$K$7),2)","v":869.6},3739.28]
[]
[6,null,"UNIDADE DO SISTEMA: ESTAÇÃO DE TRATAMENTO DE ÁGUA (Q = 7,0 l/s)"]
["6.0",null,"OBRAS CIVIS"]
[null,null,"SUMIDOURO 2,5 X 2,5 m"]
["6.1",null,"Serviços Preliminares"]
["6.1.1","73948/016","73948/016","LIMPEZA DO TERRENO","m²",50,1.57,{"$f":"ROUND(G128*(1+$K$7),2)","v":1.99},99.5]
["6.1.2","73992/001","73992/001","LOCAÇÃO DA OBRA","m²",9,8.84,11.18,100.62]
["6.2",null,"Movimento de terra"]
["6.2.1","73904/001","73904/001","EXECUÇÃO DE ATERRO EM VALAS, POÇOS, CAVAS DE FUNDAÇÃO COM AQUISIÇÃO DE MATERIAL, INC. LANÇ., ESPAL., COMPAC. MANUAL","m³",108,60.17,76.08,8216.64]
["6.3",null,"Fundações  e Estrutura"]
["6.3.1","74076/001","74076/001","FORMA PINHO 3A P/CONCRETO EM FUNDAÇÃO REAPROV 3 VEZES - CORTE/MONTAGEM /ESCORAMENTO/DESFORMA, NÃO INCLUÍDO DEMOLDANTE","m²",4,38.06,{"$f":"ROUND(G133*(1+$K$7),2)","v":48.12},192.48]
["6.3.2","74254/002","74254/002","ARMAÇÃO AÇO CA-50, DIAMETRO 6.3 (1/4) Á 12,5mm (1/2) - FORNECIMENTO E CORTE  (Kg PERDA DE 10%) / DOBRA / COLOCAÇÃO","Kg",35,6.05,7.65,267.75]
["6.3.3","COMPOSIÇÃO","COMPOSIÇÃO","CONCRETO ESTRUTURAL, FCK = 15MPA, INCL. FORNEC. DOS MAT., PROD., LANÇ., ADEN. E CURA, EM FUNDAÇÕES","m³",0.41,{"$f":"Composições!H139","v":507.14779999999996},{"$f":"ROUND(G135*(1+$K$7),2)","v":641.24},262.91000000000003]
["6.4",null,"Vedação"]
["6.4.1","73935/002","73935/002","ALVENARIA DE TIJOLO CERÂMICO 1 VEZ","m²",8.8000000000000007,48.04,{"$f":"ROUND(G137*(1+$K$7),2)","v":60.74},534.51]
["6.5",null,"Revestimento"]
["6.5.1","73928/001","73928/001","CHAPISCO","m²",17.600000000000001,3.33,{"$f":"ROUND(G139*(1+$K$7),2)","v":4.21},{"$f":"ROUND(H139*F139,2)","v":74.099999999999994}]
["6.5.2",5976,5976,"REBOCO","m²",17.600000000000001,15.18,19.190000000000001,337.74]
["6.6",null,"Pintura"]
["6.6.1","73924/002","73924/002","PINTURA ESMALTE EM ESQUADRIA DE FERRO - 2 DEMÃOS","m²",4,13.2,{"$f":"ROUND(G142*(1+$K$7),2)","v":16.690000000000001},66.760000000000005]
["6.7",null,"Urbanização"]
["6.7.1","74142/004","74142/004","CERCA COM 14 FIOS DE ARAME FARPADO 16BWG 4X4\", COM ESTACAS DE CONCRETO PRÉ-MOLDADA, COM DIMENSÕES 10X10X2,45CM","m",22.5,33.94,{"$f":"ROUND(G144*(1+$K$7),2)","v":42.91},965.48]
["6.7.2","74100/001","74100/001","PORTÃO EM TUBO DE FERRO COM VARA 1/2\" COMREQUADRO, INCL. GUARNIÇÕES E FERRAGENS","m²",2,213.55,{"$f":"ROUND(G145*(1+$K$7),2)","v":270.01},540.02]
["6.8",null,"Montagem dos Equipamentos"]
["6.8.1","COMPOSIÇÃO","COMPOSIÇÃO","REALIZAÇÃO DE TESTES PRÉ-OPERACIONAIS E TESTE DE FUCIONAMENTE DO SISTEMA, INCLUISIVE FORNECIMENTO DOS PRODUTOS QUÍMICOS NECESSÁRIOS PARA UM MÊS DE OPERAÇÃO, E TREINAMENTO DE PESSOAL PARA OPERAÇÃO E MANUTENÇÃO DA ETA  ATE 13,00 L/S","un",1,{"$f":"Composições!H397","v":1307.5600000000002},1653.28,1653.28]
["6.8.2","COMPOSIÇÃO","COMPOSIÇÃO","MONTAGEM DA ESCADA DE ACESSO AOS FLOCULADORES DA ESTAÇÃO DE TRATAMENTO.","un",1,{"$f":"Composições!H335","v":379.91999999999996},480.37,480.37]
[]
[7,null,"UNIDADE DO SISTEMA: ESTAÇÃO ELEVATÓRIA (15 CV) E CASA DE QUÍMICA"]
["7.0",null,"OBRAS CIVIS"]
["7.1",null,"Pisos"]
["7.1.1","73829/001","73829/001","PISO EM CERAMICA ESMALTADA PEI-V","m²",3.12,43.46,{"$f":"ROUND(G153*(1+$K$7),2)","v":54.95},171.44]
["7.2",null,"Revestimento"]
["7.2.1","73912/001","73912/001","Revestimento cerâmico 20x20 PEI-IV","m²",19.600000000000001,26.4,{"$f":"ROUND(G155*(1+$K$7),2)","v":33.380000000000003},654.25]
["7.3",null,"Pintura"]
["7.3.1","COMPOSIÇÃO","COMPOSIÇÃO","PINTURA DA LOGOMARCA DA CODEVASF","un",2,{"$f":"Composições!H347","v":188.31200000000001},{"$f":"ROUND(G157*(1+$K$7),2)","v":238.1},476.2]
["7.3.2","73924/002","73924/002","PINTURA ESMALTE EM ESQUADRIA DE FERRO - 2 DEMÃOS","m²",7.56,13.2,{"$f":"ROUND(G158*(1+$K$7),2)","v":16.690000000000001},126.18]
["7.3.3","73954/003","73954/003","PINTURA LATEX ACRILICA - 1 DEMÃOS","m²",190.05,4.2,5.31,1009.17]
["7.4",null,"Instalação elétrica"]
["7.4.1","Composição","Composição","FORNECIMENTO E INSTALAÇÃO DOS ELETRODUTOS, CABOS, QUADROS, PONTOS DE FORÇA DOS MOTORES, TOMADAS, INTERRUPTORES, LUMINÁRIAS E ILUMINAÇÃO EXTERNA DA ETA","und",1,{"$f":"'Composição eletrica'!G71","v":15519.46},{"$f":"G161","v":15519.46},15519.46]
["7.4.2","Composição","Composição","FORNECIMENTO E INSTALAÇÃO DA SUBESTAÇÃO ABAIXADORA DE 30 KVA E INTERLIGAÇÃO (CIRCUITO ALIMENTADOR) DA SE AO QGBT DA ETA/CAPTAÇÃO","und",1,{"$f":"'Composição eletrica'!G136","v":18377.5},18377.5,18377.5]
["7.4.3","Composição","Composição","FORNECIMENTO E INSTALAÇÃO PARA A EXTENSÃO DE REDE ELÉTRICA DE MÉDIA TENSÃO, 13,8KV, TRIFÁSICO","km",0.2,{"$f":"'Composição eletrica'!G307","v":70593.22},70593.22,14118.64]
["7.4.4","73836/002","73836/002","INSTALAÇÃO DE CONJUNTO MOTOR-BOMBA HORIZONTAL DE 12,5 A 25CV","und",2,298.41000000000003,298.41000000000003,596.82000000000005]
["7.4.5","Composição","Composição","ELABORAÇÃO DE PROJETO EXECUTIVO DAS INSTALAÇÕES ELÉTRICAS DE MÉDIA E BAIXA TENSÃO DA ETA E CAPTAÇÃO/FLUTUANTE, COM  APROVAÇÃO E EMOLUMENTOS JUNTO A CONCESSIONÁRIA","und",1,{"$f":"'Composição eletrica'!G330","v":2800.6},2800.6,2800.6]
["7.5",null,"Instalações hidráulicas e sanitárias"]
["7.5.1",72685,72685,"RALO SINFONADO DE PVC 100 X 100 MM SIMPLES - FORNECIMENTO E INSTALAÇÃO","un",1,15.25,{"$f":"ROUND(G167*(1+$K$7),2)","v":19.28},19.28]
["7.5.2",86943,86943,"LAVATÓRIO LOUÇA BRANCA, SEM COLUNA PADRÃO POPULAR, COM TORNEIRA, SIFÃO, VÁLVULA E ENGATE PLÁSTICO","un",1,97.3,{"$f":"ROUND(G168*(1+$K$7),2)","v":123.03},123.03]
["7.5.3",86931,86931,"VASO SANITÁRIO BRANCO COM CAIXA ACOPLADA,PADRÃO MÉDIO, INCLUINDO ENGATE ","un",1,267.02,337.62,337.62]
["7.5.4",6004,6004,"PAPELEIRA DE LOUÇA BRANCA - FORNECIMENTO E INSTALAÇÃO","un",1,44,55.63,55.63]
["7.5.5",6007,6007,"SABONETEIRA DE LOUÇA BRANCA 7,5 X 15 CM - FORNECIMENTO E INSTALAÇÃO","un",1,36.14,45.7,45.7]
["7.5.6",72671,72671,"NIPLE DE PVC ROSCÁVEL ÁGUA FRIA 1/2\"- FORNECIMENTO E INSTALAÇÃO","un",1,2.7,3.41,3.41]
["7.5.7",68061,68061,"CHUVEIRO PLÁSTICO BRANCO SIMPLES - FORNECIMENTO E INSTALAÇÃO","un",1,10.78,13.63,13.63]
["7.6",null,"Serviços finais"]
["7.6.1",9537,9537,"LIMPEZA FINAL DA OBRA","m²",38.69,1,{"$f":"ROUND(G175*(1+$K$7),2)","v":1.26},48.75]
[]
[8,null,"UNIDADE DO SISTEMA: LEITO DE SECAGEM ( 8 m x 8 m)"]
["8.0",null,"OBRAS CIVIS"]
["8.1",null,"Pintura"]
["8.1.1","79334/001","79334/001","PINTURA A BASE DE CAL  FIXADOR A BASE DE COLA - 2 DEMÃOS","m²",36.31,3.7,{"$f":"ROUND(G180*(1+$K$7),2)","v":4.68},169.93]
["8.2",null,"Serviços finais"]
["8.2.1",9537,9537,"LIMPEZA FINAL DA OBRA","m²",70.42,1,{"$f":"ROUND(G182*(1+$K$7),2)","v":1.26},88.73]
[9,null,"UNIDADE DO SISTEMA: RESERVATÓRIO ENTERRADO 15 m³ "]
["9.0",null,"OBRAS CIVIS"]
["9.1",null,"Impermeabilização"]
["9.1.1",83738,83738,"IMPERMEABILIZANTE DE SUPERFICIE COM MANTA ASFALTICA ( COM POLIMETRO TIPO APP), E= 4 MM","m²",36.840000000000003,49.43,{"$f":"ROUND(G186*(1+$K$7),2)","v":62.5},2302.5]
["9.2",null,"Revestimento"]
["9.2.1","73928/001","73928/001","CHAPISCO","m²",28.3,3.33,4.21,119.14]
["9.2.2",5976,5976,"REBOCO","m²",28.3,15.18,19.190000000000001,543.08000000000004]
["9.3",null,"Pintura"]
["9.3.1","79334/001","79334/001","PINTURA A CAL - 2 DEMÃOS","m²",28.3,3.7,4.68,132.44]
["9.4",null,"Assentamento, montagem e instalações"]
["9.4.1","COMPOSIÇÃO","COMPOSIÇÃO","MONTAGEM DE PEÇAS, CONEXÕES, VÁLVULAS, APARELHOS E ACESSÓRIOS DE FERRO","kg",150,{"$f":"Composições!H234","v":1.79538478},{"$f":"ROUND(G193*(1+$K$7),2)","v":2.27},340.5]
["9.5",null,"Serviços finais"]
["9.5.1",9537,9537,"LIMPEZA FINAL DA OBRA","m²",14.55,1,{"$f":"ROUND(G195*(1+$K$7),2)","v":1.26},18.329999999999998]
[10,null,"UNIDADE DO SISTEMA: RESERVATÓRIO E REDE DE DISTRIBUIÇÃO"]
["10.0",null,"OBRAS CIVIS"]
["10.1",null,"Diversos"]
["10.1.1","COMPOSIÇÃO","COMPOSIÇÃO","ASSENTAMENTO DE CONEXÃO EM PEAD PE-80 EM GERAL","un",6,{"$f":"Composições!H164","v":91.81},{"$f":"ROUND(G199*(1+$K$7),2)","v":116.08},696.48]
["10.1.2","Composição","Composição","FORNECIMENTO E INSTALAÇÃO DO SPDA (SISTEMA DE PROTEÇÃO CONTRA DESCARGAS ATMOSFÉRICAS) DOS RESERVATÓRIOS DE ÁGUA","und",6,{"$f":"'Composição eletrica'!G395","v":3666.67},{"$f":"G200","v":3666.67},22000.02]
[11,null,"UNID. DO SIST.: RESERVAT. E REDE DE DISTRIBUIÇÃO DA ALGODÕES/MELOSA - 15 M³"]
["11.0",null,"OBRAS CIVIS"]
["11.1",null,"Diversos"]
["11.1.1","COMPOSIÇÃO","COMPOSIÇÃO","PINTURA DA LOGOMARCA DA CODEVASF NO RESERVATÓRIO ","un",1,{"$f":"Composições!H359","v":376.77199999999999},{"$f":"ROUND(G204*(1+$K$7),2)","v":476.39},{"$f":"ROUND(H204*F204,2)","v":476.39}]
["11.1.2",9537,9537,"LIMPEZA FINAL DA OBRA","m²",9,1,{"$f":"ROUND(G205*(1+$K$7),2)","v":1.26},11.34]
["11.1.3","COMPOSIÇÃO","COMPOSIÇÃO","TESTE HIDROSTÁTICO EM REDE DE ÁGUA/ADUTORA","m",6252,{"$f":"G121","v":0.22534699999999999},{"$f":"ROUND(G206*(1+$K$7),2)","v":0.28000000000000003},1750.56]
[12,null,"UNIDADE DO SISTEMA: RESERVATÓRIO E REDE DE DISTRIBUIÇÃO DA SALGADINHA/ LAGOA GRANDE/ CACIMBA DO MEIO - 20 M³"]
["12.0",null,"OBRAS CIVIS"]
["12.1",null,"Diversos"]
["12.1.1","COMPOSIÇÃO","COMPOSIÇÃO","PINTURA DA LOGOMARCA DA CODEVASF NO RESERVATÓRIO ","un",1,{"$f":"Composições!H359","v":376.77199999999999},{"$f":"ROUND(G210*(1+$K$7),2)","v":476.39},476.39]
["12.1.2",9537,9537,"LIMPEZA FINAL DA OBRA","m²",9,1,{"$f":"ROUND(G211*(1+$K$7),2)","v":1.26},11.34]
["12.1.3","COMPOSIÇÃO","COMPOSIÇÃO","TESTE HIDROSTÁTICO EM REDE DE ÁGUA/ADUTORA","m",10860,{"$f":"G206","v":0.22534699999999999},{"$f":"ROUND(G212*(1+$K$7),2)","v":0.28000000000000003},3040.8]
[13,null,"UNIDADE DO SISTEMA: RESERVATÓRIO E REDE DE DISTRIBUIÇÃO DA LAGOINHA 5 M³ "]
["13.0",null,"OBRAS CIVIS"]
["13.1",null,"Diversos"]
["13.1.1","COMPOSIÇÃO","COMPOSIÇÃO","PINTURA DA LOGOMARCA DA CODEVASF NO RESERVATÓRIO ","un",1,{"$f":"G210","v":376.77199999999999},{"$f":"ROUND(G216*(1+$K$7),2)","v":476.39},476.39]
["13.1.2",9537,9537,"LIMPEZA FINAL DA OBRA","m²",7.84,1,{"$f":"ROUND(G217*(1+$K$7),2)","v":1.26},9.8800000000000008]
["13.1.3","COMPOSIÇÃO","COMPOSIÇÃO","TESTE HIDROSTÁTICO EM REDE DE ÁGUA/ADUTORA","m",4461,{"$f":"G212","v":0.22534699999999999},{"$f":"ROUND(G218*(1+$K$7),2)","v":0.28000000000000003},1249.08]
[14,null,"UNIDADE DO SISTEMA: RESERVATÓRIO E REDE DE DISTRIBUIÇÃO DO JUÁ 5 M³ "]
["14.0",null,null,"OBRAS CIVIS"]
["14.1",null,"7.0","Diversos"]
["14.1.1","COMPOSIÇÃO","COMPOSIÇÃO","PINTURA DA LOGOMARCA DA CODEVASF NO RESERVATÓRIO ","un",1,{"$f":"G216","v":376.77199999999999},{"$f":"ROUND(G222*(1+$K$7),2)","v":476.39},476.39]
["14.1.2",null,9537,"LIMPEZA FINAL DA OBRA","m²",7.84,1,{"$f":"ROUND(G223*(1+$K$7),2)","v":1.26},9.8800000000000008]
["14.1.3","COMPOSIÇÃO","COMPOSIÇÃO","TESTE HIDROSTÁTICO EM REDE DE ÁGUA/ADUTORA","m",2646,{"$f":"G218","v":0.22534699999999999},{"$f":"ROUND(G224*(1+$K$7),2)","v":0.28000000000000003},740.88]
[15,null,"UNIDADE DO SISTEMA: RESERVATÓRIO E REDE DE DISTRIBUIÇÃO DO ALECRIM/MANTEIGA 10 M³ "]
["15.0",null,"OBRAS CIVIS"]
["15.1",null,"Diversos"]
["15.1.1","73884/003","73884/003","INSTALAÇÃO DE VÁLVULAS OU REGISTRO COM JUNTA ELÁSTICA DN 100","un",1,48.62,{"$f":"ROUND(G228*(1+$K$7),2)","v":61.48},61.48]
["15.1.2","COMPOSIÇÃO","COMPOSIÇÃO","PINTURA DA LOGOMARCA DA CODEVASF NO RESERVATÓRIO ","un",1,{"$f":"G222","v":376.77199999999999},{"$f":"ROUND(G229*(1+$K$7),2)","v":476.39},476.39]
["15.1.3",9537,9537,"LIMPEZA FINAL DA OBRA","m²",7.84,1,{"$f":"ROUND(G230*(1+$K$7),2)","v":1.26},9.8800000000000008]
["15.1.4","COMPOSIÇÃO","COMPOSIÇÃO","TESTE HIDROSTÁTICO EM REDE DE ÁGUA/ADUTORA","m",12232,{"$f":"G224","v":0.22534699999999999},{"$f":"ROUND(G231*(1+$K$7),2)","v":0.28000000000000003},3424.96]
[16,null,"UNIDADE DO SISTEMA: RESERVATÓRIO E REDE DE DISTRIBUIÇÃO DO NOVO MARCO 70 M³ "]
["16.0",null,"OBRAS CIVIS"]
["16.1",null,"Serviços Preliminares"]
["16.1.1","73992/001","73992/001","LOCAÇÃO DA OBRA","m²",18.489999999999998,8.84,{"$f":"ROUND(G235*(1+$K$7),2)","v":11.18},206.72]
["16.2",null,"Movimento de terra "]
["16.2.1",72915,72915,"ESCAVAÇÃO MECANIZADA DE MATERIAL DE  2ª CATEGORIA","m³",6.98,9.44,11.94,83.34]
["16.2.2","COMPOSIÇÃO","COMPOSIÇÃO","ESCAVAÇÃO MECANIZADA DE MATERIAL DE 3ª CATEGORIA","m³",0.37,{"$f":"Composições!H220","v":121.64649500000002},153.81,56.91]
["16.2.3","74010/001","74010/001","CARGA E DESCARGA MECANIZADA DE MATERIAL DE  2ª E 3ª CATEGORIA EM CAMINHÃO BASCULANTE","m³",7.35,0.98,1.24,9.11]
["16.2.4",72855,72855,"TRANSPORTE LOCAL  COM CAMINHÃO BASCULHANTE 6M³, EM RODOVIA EM LEITO NATURAL DMT 800 A 1.000M","m³",7.35,2.79,3.53,25.95]
["16.3",null,"Fundações"]
["16.3.1","COMPOSIÇÃO","COMPOSIÇÃO","EXECUÇÃO DE FUNDAÇÃO RESERVATORIO DE 70M³ EM ESTACA ESCAVADA E BLOCO","un",1,{"$f":"Composições!H492","v":16794.660676547996},21235.17,21235.17]
["16.4",null,"Calçada de contorno"]
["16.4.1",6110,6110,"BALDRAME DE TIJOLOS CERÂMICOS MACIÇO","m³",0.3,432.27,546.55999999999995,163.97]
["16.4.2","COMPOSIÇÃO","COMPOSIÇÃO","LASTRO EM CONCRETO SIMPLES, INCL. FORNEC. DE MATERIAIS E  PRODUÇÃO. (1:2:5:6),INCLUIDO PREPARO MANUAL.","m³",1.1100000000000001,{"$f":"Composições!H503","v":450.52620000000007},569.65,632.30999999999995]
["16.4.3","74157/004","74157/004","LANÇAMENTO/APLICAÇÃO MANUAL DE CONCRETO SIMPLES.","m³",1.1100000000000001,16.53,20.9,23.2]
["16.4.4",73465,73465,"PISO CIMENTADO E = 1,5 CM","m²",18.489999999999998,18.3,23.14,427.86]
["16.5",null,"Instalação e Montagem"]
["16.5.1","COMPOSIÇÃO","COMPOSIÇÃO","MONTAGEM DO RESERVATÓRIO COM USO DE GUINDASTE HIDRÁULICO AUTOPROPELIDO SOBRE PNEUS CAPAC. 35T","h",8,{"$f":"Composições!H511","v":183.98},{"$f":"ROUND(G249*(1+$K$7),2)","v":232.62},{"$f":"ROUND(H249*F249,2)","v":1860.96}]
["16.5.2",72840,72840,"TRANSPORTE DE EQUIPAMENTOS ATÉ O LOCAL DA OBRA","TXKM ",{"$f":"500*19","v":9500},0.45,0.56999999999999995,5415]
["16.6",null,"Urbanização"]
["16.6.1","74142/004","74142/004","CERCA COM 14 FIOS DE ARAME FARPADO 16BWG 4X4\", COM ESTACAS DE CONCRETO PRÉ-MOLDADA, COM DIMENSÕES 10X10X2,45CM","m",40,33.94,42.91,1716.4]
["16.6.2","74100/001","74100/001","PORTÃO EM TUBO DE FERRO COM VARA 1/2\" COMREQUADRO, INCL. GUARNIÇÕES E FERRAGENS","m²",4,213.55,270.01,1080.04]
["16.6.3","73924/002","73924/002","PINTURA ESMALTE EM ESQUADRIA DE FERRO - 2 DEMÃOS","m²",8,13.2,16.690000000000001,133.52000000000001]
["16.7",null,"Diversos",{"$nulls":5},0]
["16.7.1","COMPOSIÇÃO","COMPOSIÇÃO","PINTURA DA LOGOMARCA DA CODEVASF NO RESERVATÓRIO ","un",1,{"$f":"G229","v":376.77199999999999},476.39,476.39]
["16.7.2",9537,9537,"LIMPEZA FINAL DA OBRA","m²",18.489999999999998,1,1.26,23.3]
[]
[1,null,"MATERIAIS",{"$nulls":5},{"$f":"SUM(I263:I328)","v":72893.459999999977}]
[]
["1.1",null,"UNIDADE DO SISTEMA: CAPTAÇÃO FLUTUANTE"]
["1.1.1",null,"FORNECIMENTO DAS TUBULAÇÕES"]
["1.1.1.1",7696,7696,"TUBO ACO GALV C/ COSTURA DIN 2440/NBR 5580 CLASSE MEDIA DN 2\"","m",1,38.04,{"$f":"ROUND(G263*(1+$K$8),2)","v":44.89},{"$f":"ROUND(H263*F263,2)","v":44.89}]
["1.1.1.2",7695,7695,"TUBO ACO GALV C/ COSTURA DIN 2440/NBR 5580 CLASSE MEDIA DN 6\" ","m",1.5,142.91999999999999,{"$f":"ROUND(G264*(1+$K$8),2)","v":168.65},252.98]
["1.1.1.3",7693,7693,"TUBO AÇO GALV C/ COSTURA DIN 2440/NBR 5580 CLASSE LEVE DN 4\"  E = 3,75MM - 10,55KG/M","m",3,92.24,{"$f":"ROUND(G265*(1+$K$8),2)","v":108.84},326.52]
["1.1.1.4","COTAÇÃO","COTAÇÃO","MANGOTE FLEXÍVEL REF CDF- HD DN 150 MM (KANAFLEX) ","m",15.8,1720,{"$f":"ROUND(G266*(1+$K$8),2)","v":2029.6},32067.68]
["1.1.1.5","00002683","00002683","ELETRODUTO PVC ROSCA S/ LUVA - 100 MM - 4\"","m",70,31.66,{"$f":"ROUND(G267*(1+$K$8),2)","v":37.36},2615.1999999999998]
["1.1.1.6",10442,10442,"VENTOSA SIMPLES FOFO C/ROSCA PN-25 DN 3/4","un",5,281.48,{"$f":"ROUND(G268*(1+$K$7),2)","v":355.9},{"$f":"ROUND(H268*F268,2)","v":1779.5}]
["1.1.2",null,"FORNECIMENTO DE EQUIPAMENTOS"]
["1.1.2.1",10417,10417,"VALVULA RETENCAO VERTICAL BRONZE (PN- 16) 2\" 200PSI- EXTREMIDADES C/ ROSCA\"","un",2,199,{"$f":"ROUND(G270*(1+$K$8),2)","v":234.82},{"$f":"ROUND(H270*F270,2)","v":469.64}]
["1.1.3",null,"FORNECIMENTO DE MATERIAIS HIDRÁULICOS"]
["1.1.3.1",4372,4372,"BRACADEIRA C/ PARAFUSO D = 4\"","un",1,3.96,{"$f":"ROUND(G272*(1+$K$8),2)","v":4.67},{"$f":"ROUND(H272*F272,2)","v":4.67}]
["1.2",null,"UNIDADE DO SISTEMA: CONSTRUÇÃO DO ABRIGO PARA COMANDO DA BOMBA"]
["1.2.1",null,"FORNECIMENTO DAS TUBULAÇÕES"]
["1.2.1.1",21015,21015,"TUBO DE AÇO GALVANIZADO COM COSTURA 5580 CLASSE MÉDIA DN 3\"","m",4,60.14,{"$f":"ROUND(G275*(1+$K$8),2)","v":70.97},{"$f":"ROUND(H275*F275,2)","v":283.88}]
["1.2.2",null,"FORNECIMENTO DE EQUIPAMENTOS"]
["1.2.2.1",10407,10407,"VALVULA RETENCAO HORIZONTAL BRONZE (PN-25) 4\" ","un",1,1142.31,{"$f":"ROUND(G277*(1+$K$8),2)","v":1347.93},{"$f":"ROUND(H277*F277,2)","v":1347.93}]
["1.2.2.2",12898,12898,"MANÔMETRO DE PRESSÃO (DN 100, 150, 200 MM)  X DN 1 1/2\"","un",1,80.92,{"$f":"ROUND(G278*(1+$K$8),2)","v":95.49},{"$f":"ROUND(H278*F278,2)","v":95.49}]
["1.2.3",null,"FORNECIMENTO DE MATERIAIS HIDRÁULICOS"]
["1.2.3.1",4372,4372,"BRACADEIRA C/ PARAFUSO D = 4\"","un",1,3.96,{"$f":"ROUND(G280*(1+$K$8),2)","v":4.67},{"$f":"ROUND(H280*F280,2)","v":4.67}]
["1.3",null,"UNIDADE DO SISTEMA: ADUTORA DE ÁGUA BRUTA - FLUTUANTE/ ETA"]
["1.3.1",null,"FORNECIMENTO DE MATERIAIS HIDRÁULICOS"]
["1.3.1.1","COTAÇÃO","COTAÇÃO","TE PEAD 90º Ø110 MM","un",15,137.56,{"$f":"ROUND(G283*(1+$K$8),2)","v":162.32},{"$f":"ROUND(H283*F283,2)","v":2434.8000000000002}]
["1.3.1.2","06339/ORSE","06339/ORSE","VALVULA CONTROLADORA DENIVEL 150 MM","un",3,2967.8,{"$f":"ROUND(G284*(1+$K$8),2)","v":3502},10506]
["1.4",null,"UNIDADE DO SISTEMA: ADUTORAS DE ÁGUA TRATADA "]
["1.4.1",null,"FORNECIMENTO DAS TUBULAÇÕES"]
["1.4.1.1",9846,9846,"TUBOS EM PVC RÍG. PBA, PB JE P/ ÁGUA Ø 75MM","m",100,19.920000000000002,{"$f":"ROUND(G287*(1+$K$8),2)","v":23.51},{"$f":"ROUND(H287*F287,2)","v":2351}]
["1.5",null,"UNIDADE DO SISTEMA: SUB-ADUTORAS DE ÁGUA TRATADA "]
["1.5.1.",null,"FORNECIMENTO DAS TUBULAÇÕES"]
["1.5.1.1",9844,9844,"TUBOS EM PVC RÍG. PBA, PB JE P/ ÁGUA Ø 50MM","m",100,9.76,{"$f":"ROUND(G290*(1+$K$8),2)","v":11.52},{"$f":"ROUND(H290*F290,2)","v":1152}]
["1.6",null,"UNIDADE DO SISTEMA: ESTAÇÃO DE TRATAMENTO DE ÁGUA (Q = 7,0 l/s)"]
["1.6.1.",null,"FORNECIMENTO DE EQUIPAMENTOS"]
["1.6.1.1","COTAÇÃO","COTAÇÃO","COMPRESSOR DE AR DIRETO, PARA MISTURA DAS SOLUÇÕES QUÍMICAS, COM VAZÃO 2,3 PCM, PRESSÃO 40 PSIG, MOTOR ELÉTRICO MONOFÁSICO DE 0,5 CV, 220 V, 60 HZ.","un",3,314.8,{"$f":"ROUND(G293*(1+$K$8),2)","v":371.46},{"$f":"ROUND(H293*F293,2)","v":1114.3800000000001}]
["1.6.2",null,"FORNECIMENTO DOS MATERIAIS HIDRÁULICOS"]
["1.6.2.1",9867,9867,"TUBO DE PVC SOLDAVEL, DN = 20 MM (NBR-5648)","m",120,1.55,{"$f":"ROUND(G295*(1+$K$8),2)","v":1.83},{"$f":"ROUND(H295*F295,2)","v":219.6}]
["1.6.2.2",3542,3542,"JOELHO PVC SOLD 90G P/AGUA FRIA PREDIAL 20 MM","un",40,0.4,0.47,18.8]
["1.6.2.3",7139,7139,"TE PVC SOLD 90G P/ AGUA FRIA PREDIAL 25MM","un",20,0.73,0.86,{"$f":"ROUND(H297*F297,2)","v":17.2}]
["1.6.2.4",107,107,"ADAPTADOR PVC SOLDAVEL CURTO C/ BOLSA E ROSCA P/ REGISTRO 20MM X 1/2\"","un",12,0.56999999999999995,0.67,{"$f":"ROUND(H298*F298,2)","v":8.0399999999999991}]
["1.6.2.5",3859,3859,"LUVA PVC SOLDAVEL / ROSCA P/AGUA FRIA PREDIAL 20MM X 1/2\"","un",12,0.92,1.0900000000000001,{"$f":"ROUND(H299*F299,2)","v":13.08}]
["1.6.2.6",6036,6036,"REGISTRO PVC ESFERA BORB C/ROSCA REF 1/2\"","un",12,7.35,8.67,{"$f":"ROUND(H300*F300,2)","v":104.04}]
["1.7",null,"UNIDADE DO SISTEMA: ESTAÇÃO ELEVATÓRIA (15 CV) E CASA DE QUÍMICA"]
["1.7.1",null,"FORNECIMENTO DE EQUIPAMENTOS"]
["1.7.1.1",12898,12898,"MANÔMETRO DE PRESSÃO (DN 100, 150, 200 MM)  X DN 1 1/2\"","un",1,80.92,{"$f":"ROUND(G303*(1+$K$8),2)","v":95.49},{"$f":"ROUND(H303*F303,2)","v":95.49}]
["1.7.1.2",10406,10406,"VALVULA RETENCAO HORIZONTAL BRONZE (PN-25) 3\" ","un",2,588.04,{"$f":"ROUND(G304*(1+$K$8),2)","v":693.89},1387.78]
["1.7.2",null,"FORNECIMENTO DOS MATERIAIS HIDRÁULICOS"]
["1.7.2.1","COTAÇÃO","COTAÇÃO","REDUÇÃO EXCÊNTRICA EM AÇO GALVANIZADO DN 100x80mm","un",1,108,{"$f":"ROUND(G306*(1+$K$8),2)","v":127.44},{"$f":"ROUND(H306*F306,2)","v":127.44}]
["1.7.2.2","COTAÇÃO","COTAÇÃO","CONEXÃO FLANGEADA MANGOTE 100 PSI DN 100","un",2,516,{"$f":"ROUND(G307*(1+$K$8),2)","v":608.88},1217.76]
["1.7.3",null,"FORNECIMENTO DE EQUIPAMENTOS"]
["1.7.3.1","COTAÇÃO","COTAÇÃO","VÁLVULA CONTROLADORA DE NÍVEL MÁXIMO DO RESERVATÓRIO Ø 2\"","un",1,1990,{"$f":"ROUND(G309*(1+$K$8),2)","v":2348.1999999999998},{"$f":"ROUND(H309*F309,2)","v":2348.1999999999998}]
["1.7.3.2","74194/001","74194/001","ESCADA TIPO MARINHEIRO EM TUBO GALVANIZADO 1 1/2\" 5 DEGRAUS","m",1,168.01,{"$f":"ROUND(G310*(1+$K$8),2)","v":198.25},198.25]
["1.8",null,"UNIDADE DO SISTEMA: RESERVATÓRIO SALGADINHA/ LAGOA GRANDE/ CACIMBA DO MEIO - 20 M³"]
["1.8.1",null,"FORNECIMENTO DE EQUIPAMENTOS"]
["1.8.1.1","COTAÇÃO","COTAÇÃO","VÁLVULA CONTROLADORA DE NÍVEL MÁXIMO DO RESERVATÓRIO Ø 2\"","un",1,1990,{"$f":"ROUND(G313*(1+$K$8),2)","v":2348.1999999999998},{"$f":"ROUND(H313*F313,2)","v":2348.1999999999998}]
["1.8.1.2","74194/001","74194/001","ESCADA TIPO MARINHEIRO EM TUBO GALVANIZADO 1 1/2\" 5 DEGRAUS","m",1,168.01,{"$f":"ROUND(G314*(1+$K$8),2)","v":198.25},198.25]
["1.9",null,"UNIDADE DO SISTEMA: RESERVATÓRIO LAGOINHA 5 M³ "]
["1.9.1",null,"FORNECIMENTO DE EQUIPAMENTOS"]
["1.9.1.1","COTAÇÃO","COTAÇÃO","VÁLVULA CONTROLADORA DE NÍVEL MÁXIMO DO RESERVATÓRIO Ø 2\"","un",1,1990,{"$f":"ROUND(G317*(1+$K$8),2)","v":2348.1999999999998},{"$f":"ROUND(H317*F317,2)","v":2348.1999999999998}]
["1.9.1.2","74194/001","74194/001","ESCADA TIPO MARINHEIRO EM TUBO GALVANIZADO 1 1/2\" 5 DEGRAUS","m",1,168.01,{"$f":"ROUND(G318*(1+$K$8),2)","v":198.25},198.25]
["1.9.2",null,"FORNECIMENTO DOS MATERIAIS HIDRÁULICOS E ELÉTRICOS"]
["1.9.2.1",21129,21129,"ELETRODUTO FERRO GALV OU ZINCADO ELETROLIT LEVE PAREDE 0,90MM - 1/2\" NBR 13057","m",13,6.57,{"$f":"ROUND(G320*(1+$K$8),2)","v":7.75},{"$f":"ROUND(H320*F320,2)","v":100.75}]
["1.10",null,"UNIDADE DO SISTEMA: RESERVATÓRIO JUÁ 5 M³ "]
["1.10.1",null,"FORNECIMENTO DE EQUIPAMENTOS"]
["1.10-1.1","COTAÇÃO","COTAÇÃO","VÁLVULA CONTROLADORA DE NÍVEL MÁXIMO DO RESERVATÓRIO Ø 2\"","un",1,1990,{"$f":"ROUND(G323*(1+$K$8),2)","v":2348.1999999999998},{"$f":"ROUND(H323*F323,2)","v":2348.1999999999998}]
["1.10-1.2","74194/001","74194/001","ESCADA TIPO MARINHEIRO EM TUBO GALVANIZADO 1 1/2\" 5 DEGRAUS","m",1,168.01,{"$f":"ROUND(G324*(1+$K$8),2)","v":198.25},198.25]
["1.11",null,"UNIDADE DO SISTEMA: RESERVATÓRIO ALECRIM/MANTEIGA 10 M³ "]
["1.11-1",null,"FORNECIMENTO DE EQUIPAMENTOS"]
["1.11.-1.1","COTAÇÃO","COTAÇÃO","VÁLVULA CONTROLADORA DE NÍVEL MÁXIMO DO RESERVATÓRIO Ø 2\"","un",1,1990,{"$f":"ROUND(G327*(1+$K$8),2)","v":2348.1999999999998},{"$f":"ROUND(H327*F327,2)","v":2348.1999999999998}]
["1.11.-1.2","74194/001","74194/001","ESCADA TIPO MARINHEIRO EM TUBO GALVANIZADO 1 1/2\" 5 DEGRAUS","m",1,168.01,{"$f":"ROUND(G328*(1+$K$8),2)","v":198.25},198.25]
[]
["TOTAL SISTEMA 01 (SERVIÇOS+MATERIAIS)",{"$nulls":7},{"$f":"I7+I259","v":409087.64000000013}]
[]
[{"$nulls":7},4]

{"sheet":"Sistema 2","index":3,"n_rows":346,"n_cols":11,"rows_kept":346,"cut":false,"hidden":false,"merged":[[343,2,343,3],[345,0,345,7],[148,2,148,3],[332,2,332,3],[333,2,333,3],[336,2,336,3],[337,2,337,3],[342,2,342,3],[320,2,320,3],[321,2,321,3],[324,2,324,3],[328,2,328,3],[329,2,329,3],[308,2,308,3],[309,2,309,3],[312,2,312,3],[317,2,317,3],[318,2,318,3],[299,2,299,3],[301,2,301,3],[302,2,302,3],[305,2,305,3],[306,2,306,3],[290,2,290,3],[292,2,292,3],[295,2,295,3],[296,2,296,3],[298,2,298,3],[281,2,281,3],[282,2,282,3],[284,2,284,3],[287,2,287,3],[289,2,289,3],[271,2,271,3],[272,2,272,3],[275,2,275,3],[277,2,277,3],[279,2,279,3],[258,2,258,3],[263,2,263,3],[264,2,264,3],[265,2,265,3],[270,2,270,3],[249,2,249,3],[250,2,250,3],[252,2,252,3],[256,2,256,3],[257,2,257,3],[242,2,242,3],[243,2,243,3],[244,2,244,3],[214,2,214,3],[215,2,215,3],[217,2,217,3],[220,2,220,3],[222,2,222,3],[224,2,224,3],[177,2,177,3],[183,2,183,3],[191,2,191,3],[194,2,194,3],[195,2,195,3],[166,2,166,3],[167,2,167,3],[169,2,169,3],[171,2,171,3],[173,2,173,3],[193,2,193,3],[207,2,207,3],[226,2,226,3],[248,2,248,3],[227,2,227,3],[203,2,203,3],[208,2,208,3],[209,2,209,3],[211,2,211,3],[213,2,213,3],[230,2,230,3],[231,2,231,3],[232,2,232,3],[236,2,236,3],[237,2,237,3],[238,2,238,3],[154,2,154,3],[157,2,157,3],[159,2,159,3],[162,2,162,3],[165,2,165,3],[141,2,141,3],[142,2,142,3],[143,2,143,3],[146,2,146,3],[152,2,152,3],[105,2,105,3],[108,2,108,3],[133,2,133,3],[136,2,136,3],[140,2,140,3],[82,2,82,3],[83,2,83,3],[87,2,87,3],[94,2,94,3],[103,2,103,3],[111,0,111,8],[9,0,9,8],[64,2,64,3],[71,2,71,3],[74,2,74,3],[77,2,77,3],[81,2,81,3],[43,2,43,3],[48,2,48,3],[49,2,49,3],[50,2,50,3],[54,2,54,3],[3,0,3,8],[0,0,2,8],[4,0,5,8],[139,0,139,8],[118,2,118,3],[114,2,114,3],[113,2,113,3],[112,2,112,3],[124,2,124,3],[131,2,131,3],[25,2,25,3],[26,2,26,3],[27,2,27,3],[30,2,30,3],[34,2,34,3],[14,2,14,3],[18,2,18,3],[21,2,21,3],[23,2,23,3],[7,2,7,3],[8,2,8,3],[10,2,10,3],[11,2,11,3],[12,2,12,3]]}
[]
[]
[]
["SISTEMA DE ABASTECIMENTO D'ÁGUA - REMANSO - BA"]
["REPLANILHAMENTO DA PLANILHA DO SISTEMA 02"]
[]
["ITEM",null,"ITEM                  (SINAPI FEV/14 - C/DESONERAÇÃO)","DESCRIÇÃO DE SERVIÇOS","Unid.","Quant.","P.UNIT.","P.UNIT.C /BDI","Total","VALOR"]
[null,null,"SISTEMA 02",{"$nulls":5},{"$f":"(SUM(I9:I345)/2)","v":768331.30999999971},"BDI"]
[null,null,"SERVIÇOS",{"$nulls":5},{"$f":"SUM(I11:I269)","v":615197.63},"SERV.",0.26440000000000002]
[{"$nulls":9},"MAT",0.16800000000000001]
[1,null,"UNIDADE DO SISTEMA: CAPTAÇÃO FLUTUANTE"]
["1.0",null,"OBRAS CIVIS"]
["1.1",null,"Transporte de equipamentos, tubos e conexões"]
["1.1.1","COMPOSIÇÃO","COMPOSIÇÃO","CARGA E DESCARGA DE TUBO DE FERRO, FOFO DUCTIL OU AÇO CARBONO PARA Ø ATÉ 300MM","t",0.36,{"$f":"Composições!H208","v":29.758999999999997},{"$f":"ROUND(G14*(1+$K$9),2)","v":37.630000000000003},{"$f":"ROUND(H14*F14,2)","v":13.55}]
["1.2",null,"Execução de blocos de ancoragem",{"$nulls":7},{"$f":"G15-H15","v":0}]
["1.2.1","74076/001","74076/001","FORMA PINHO 3A P/CONCRETO EM FUNDAÇÃO REAPROV 3 VEZES - CORTE/MONTAGEM /ESCORAMENTO/DESFORMA, NÃO INCLUÍDO DEMOLDANTE","m²",39.049999999999997,38.06,{"$f":"ROUND(G16*(1+$K$9),2)","v":48.12},{"$f":"ROUND(H16*F16,2)","v":1879.09},null,-10.059999999999995]
["1.2.2","COMPOSIÇÃO","COMPOSIÇÃO","CONCRETO FCK 15 MPA (1:2:5:3),INCLUIDO PREPARO MECANICO, LANÇAMENTO E ADENSAMENTO.","m³",4.5599999999999996,{"$f":"Composições!H139","v":507.14779999999996},641.24,2924.05]
["1.2.3","74254/002","74254/002","ARMAÇÃO AÇO CA-50, DIAMETRO 6.3 (1/4) Á 12,5mm (1/2) - FORNECIMENTO E CORTE  (Kg PERDA DE 10%) / DOBRA / COLOCAÇÃO","Kg",480,6.05,7.65,3672,null,-1.6000000000000005]
["1.3",null,"Pintura",{"$nulls":7},0]
["1.3.1","74064/001","74064/001","FUNDO ANTICORROSIVO A BASE DE OXIDO DE FERRO (ZARÇÃO)-DUAS DEMÃOS","m²",21.18,10.18,{"$f":"ROUND(G20*(1+$K$9),2)","v":12.87},{"$f":"ROUND(H20*F20,2)","v":272.58999999999997},null,-2.6899999999999995]
["1.3.2","73924/002","73924/002","PINTURA ESMALTE EM ESQUADRIA DE FERRO - 2 DEMÃOS","m²",21.18,13.2,16.690000000000001,353.49,null,-3.490000000000002]
["1.4",null,"Assentamento, montagem e instalações",{"$nulls":7},0]
["1.4.1","COMPOSIÇÃO","COMPOSIÇÃO","ASSENTAMENTO DE MANGOTE FLEXÍVEL PARA CAPTAÇÃO FLUTUANTE  Ø 100 MM","m",15,{"$f":"Composições!H111","v":38.700000000000003},{"$f":"ROUND(G23*(1+$K$9),2)","v":48.93},{"$f":"ROUND(H23*F23,2)","v":733.95}]
["1.5",null,"Diversos",{"$nulls":7},0]
["1.5.1","COMPOSIÇÃO","COMPOSIÇÃO","CORRENTE EM AÇO GALVANIZADO","m",45,{"$f":"Composições!H595","v":19.987977369616317},{"$f":"ROUND(G25*(1+$K$9),2)","v":25.27},{"$f":"ROUND(H25*F25,2)","v":1137.1500000000001}]
[2,null,"UNIDADE DO SISTEMA: CONSTRUÇÃO DO ABRIGO PARA COMANDO DA BOMBA",{"$nulls":7},0]
["2.0",null,"OBRAS CIVIS",{"$nulls":7},0]
["2.1",null,"Esquadrias",{"$nulls":7},0]
["2.1.1",85334,85334,"RETIRADA DE ESQUARIA METALICA ","m²",1.68,6.3,{"$f":"ROUND(G29*(1+$K$9),2)","v":7.97},{"$f":"ROUND(H29*F29,2)","v":13.39},null,-1.67]
["2.1.2","COMPOSIÇÃO","COMPOSIÇÃO","ASSENTAMENTO DE ESQUADRIA METALICA ","m²",1.68,{"$f":"Composições!H274","v":27.950000000000003},35.340000000000003,59.37]
["2.2",null,"Pintura",{"$nulls":7},0]
["2.2.1","COMPOSIÇÃO","COMPOSIÇÃO","PINTURA DA LOGOMARCA DA CODEVASF","un",2,{"$f":"Composições!H347","v":188.31200000000001},{"$f":"ROUND(G32*(1+$K$9),2)","v":238.1},{"$f":"ROUND(H32*F32,2)","v":476.2}]
["2.2.2","73924/002","73924/002","PINTURA ESMALTE EM ESQUADRIA DE FERRO - 2 DEMÃOS","m²",3.36,13.2,16.690000000000001,56.08,null,-3.490000000000002]
["2.2.3","73954/003","73954/003","PINTURA LATEX ACRILICA - 1 DEMÃOS","m²",59.05,4.2,5.31,313.56,null,-1.1099999999999994]
["2.3",null,"Instalação elétrica",{"$nulls":7},0]
["2.3.1","Composição","Composição","FORNECIMENTO E INSTALAÇÃO DOS ELETRODUTOS, CABOS, QUADRO, PONTOS DE FORÇA DOS MOTORES, TOMADA, INTERRUPTOR, LUMINÁRIAS DA CAPTAÇÃO","und",1,{"$f":"'Composição eletrica'!G248","v":8826.16},{"$f":"G36","v":8826.16},{"$f":"ROUND(H36*F36,2)","v":8826.16}]
["2.3.2","Composição","Composição","FORNECIMENTO E INSTALAÇÃO DA SUBESTAÇÃO ABAIXADORA DE 15 KVA E INTERLIGAÇÃO (CIRCUITO ALIMENTADOR) DA SE AO CCM DA CAPTAÇÃO","und",1,{"$f":"'Composição eletrica'!G201","v":16835.61},{"$f":"G37","v":16835.61},16835.61]
["2.3.3","Composição","Composição","FORNECIMENTO E INSTALAÇÃO PARA A EXTENSÃO DE REDE ELÉTRICA DE MÉDIA TENSÃO, 13,8KV, TRIFÁSICO","km",0.7,{"$f":"'Composição eletrica'!G307","v":70593.22},70593.22,49415.25]
["2.3.4","73836/001","73836/001","MONTAGEM E INSTALAÇÃO DE CONJUNTO MOTOR-BOMBA CENTRÍFUGA ATÉ 10CV","un",2,229.54,229.54,{"$f":"ROUND(H39*F39,2)","v":459.08},null,0]
["2.3.5","04618/ORSE","04618/ORSE","CABO TIPO PP DE COBRE 0,6/1KV MULTIPLEXADOS 4#35MM²","m",3500,12.94,12.94,{"$f":"ROUND(H40*F40,2)","v":45290},null,0]
["2.3.6","Composição","Composição","INSTALAÇÃO/MONTAGEM ELÉTRICA E MECÂNICA DA CAPTAÇÃO FLUTUANTE","und",1,{"$f":"'Composição eletrica'!G355","v":434.6},434.6,{"$f":"ROUND(H41*F41,2)","v":434.6}]
["2.3.7","COMPOSIÇÃO","COMPOSIÇÃO"," INSTALAÇÃO DE CABO EPROTENAX 4 X 50 MM.","m",2700,{"$f":"Composições!H253","v":7.9399999999999995},{"$f":"ROUND(G42*(1+$K$9),2)","v":10.039999999999999},{"$f":"ROUND(H42*F42,2)","v":27108}]
["2.3.8","COMPOSIÇÃO","COMPOSIÇÃO"," INSTALAÇÃO DE ELETRODUTO PVC 4\", INCLUSIVE ESCAVAÇÃO E REATERRO","m",2000,{"$f":"Composições!H264","v":22.630000000000003},{"$f":"ROUND(G43*(1+$K$9),2)","v":28.61},{"$f":"ROUND(H43*F43,2)","v":57220}]
["2.4",null,"Urbanização",{"$nulls":7},0]
["2.4.1","74084/001","74084/001","PORTA CADEADO ZICADO OXIDADO PRETO COMCADEADO DE AÇO GRAFITADO OXIDADO ENVERNIZADO 45MM","un",1,31.5,{"$f":"ROUND(G45*(1+$K$9),2)","v":39.83},{"$f":"ROUND(H45*F45,2)","v":39.83},null,-8.3299999999999983]
["2.4.2","73924/002","73924/002","PINTURA ESMALTE EM ESQUADRIA DE FERRO - 2 DEMÃOS","m²",4,13.2,16.690000000000001,66.760000000000005,null,-3.490000000000002]
["2.5",null,null,"Serviços finais",{"$nulls":6},0]
["2.5.1",9537,9537,"LIMPEZA FINAL DA OBRA","m²",5.29,1,{"$f":"ROUND(G48*(1+$K$9),2)","v":1.26},{"$f":"ROUND(H48*F48,2)","v":6.67},null,-0.26]
[3,null,"UNIDADE DO SISTEMA: ADUTORA DE ÁGUA BRUTA - FLUTUANTE/ ETA",{"$nulls":7},0]
["3.0",null,"OBRAS CIVIS",{"$nulls":7},0]
["3.1",null,"Serviços Preliminares",{"$nulls":7},0]
["3.1.1",73679,73679,"LOCAÇÃO DA ADUTORA","m",2140,0.56000000000000005,{"$f":"ROUND(G52*(1+$K$9),2)","v":0.71},{"$f":"ROUND(H52*F52,2)","v":1519.4},null,-0.14999999999999991]
["3.1.2","COMPOSIÇÃO","COMPOSIÇÃO","ACOMPANHAMENTO TOPOGRÁFICO","dia",3,{"$f":"Composições!H284","v":205.68},260.06,780.18]
["3.1.3","COMPOSIÇÃO","COMPOSIÇÃO","SINALIZAÇÃO ABERTA SEM ILUMINAÇÃO, MONTANTES DE H=1,00M E TELA EM PVC, INCLUINDO FORNECIMNTO, TRANSPORTE, INSTALAÇÃO E REMOÇÃO PARA OUTRO LOCAL DA OBRA","m",550,{"$f":"Composições!H295","v":23.220000000000002},29.36,16148]
["3.2",null,"Movimento de terra",{"$nulls":7},0]
["3.2.1","73965/010","73965/010","ESCAVAÇÃO MANUAL DE VALAS EM SOLO DE 1ª CAT. EXEC. COM PROFUNDIDADE ATÉ 1,5M EXCLUINDO ESGOTAMENTO / ESCORAMENTO","m³",35,22.07,{"$f":"ROUND(G56*(1+$K$9),2)","v":27.91},{"$f":"ROUND(H56*F56,2)","v":976.85},null,-5.84]
["3.2.2","73962/013","73962/013","ESCAVACAO DE VALA NAO ESCORADA EM MATERIAL 1A CATEGORIA , PROFUNDIDADE ATE 1,5 M COM ESCAVADEIRA HIDRAULICA 105 HP(CAPACIDADE DE 0,78M3), SEM ESGOTAMENTO","m³",720,3.59,4.54,3268.8,null,-0.95000000000000018]
["3.2.3",72915,72915,"ESCAVAÇÃO MECANIZADA DE MATERIAL DE  2ª CATEGORIA","m³",343.2,9.44,11.94,4097.8100000000004,null,-2.5]
["3.2.4","COMPOSIÇÃO","COMPOSIÇÃO","ESCAVAÇÃO MECANIZADA DE MATERIAL DE 3ª CATEGORIA","m³",136.80000000000001,{"$f":"Composições!H220","v":121.64649500000002},153.81,21041.21]
["3.2.5","74010/001","74010/001","CARGA E DESCARGA MECANIZADA DE MATERIAL DE 1ª, 2ª E 3ª CATEGORIA EM CAMINHÃO BASCULANTE","m³",{"$f":"F58*0.5+F59+18","v":326.39999999999998},0.98,1.24,404.74,null,-0.26]
["3.2.6",72855,72855,"TRANSPORTE LOCAL  COM CAMINHÃO BASCULHANTE 6M³, EM RODOVIA EM LEITO NATURAL DMT 800 A 1.000M","m³",{"$f":"F60","v":326.39999999999998},2.79,3.53,1152.19,null,-0.73999999999999977]
["3.2.7",72921,72921,"EXECUÇÃO DE ENVOLTÓRIO DE AREIA EM VALAS, INCL. LANÇAM., ESPALHAM., E COMPAC. MANUAL, COM FORNECIM. DO MATERIAL","m³",43.92,43.08,54.47,2392.3200000000002,null,-11.39]
["3.2.8","73904/001","73904/001","EXECUÇÃO DE ATERRO EM VALAS, POÇOS, CAVAS DE FUNDAÇÃO COM AQUISIÇÃO DE MATERIAL, INC. LANÇ., ESPAL., COMPAC. MANUAL","m³",{"$f":"F58*0.5+F59-F62-123.15","v":141.32999999999996},60.17,76.08,10752.39,null,-15.909999999999997]
["3.2.9","SERVIÇO 74015/001","SERVIÇO 74015/001","EXEC. DE ATERRO EM VALAS/POCOS/CAVAS DE FUNDACAO C/ SOLO PROVENIENTE DAS ESCAVACOES,  INCL. LANCAM.,  ESPALHAM.,  COMPACT. C/ PLACA VIBRAT.,  SOQUETE PNEUMATICO ","m³",{"$f":"F57+F58*0.5","v":891.6},14.97,18.93,16877.990000000002,null,-3.9599999999999991]
["3.3",null,"Assentamento e Envelopamento das tubulações",{"$nulls":7},0]
["3.3.1","COMPOSIÇÃO","COMPOSIÇÃO","CARGA E DESCARGA DE TUBULAÇÃO EM POLIETILENO PARA Ø ATÉ 160MM","m",2140,{"$f":"Composições!H304","v":1.4778815999999999},{"$f":"ROUND(G66*(1+$K$9),2)","v":1.87},{"$f":"ROUND(H66*F66,2)","v":4001.8}]
["3.3.2","COMPOSIÇÃO","COMPOSIÇÃO","MOMENTO DE TRANSPORTE DE TUBULAÇÃO, PEÇAS E CONEXÕES EM POLIETILENO DE ALTA DENSIDADE, PEAD, PE-80 ATÉ 160 MM","m",{"$f":"F66","v":2140},{"$f":"Composições!H313","v":0.94619999999999993},1.2,2568]
["3.3.3","COMPOSIÇÃO","COMPOSIÇÃO","ASSENTAMENTO DE TUBO DE POLIETILENO PEAD PE-80 PN 12,5 DN 140 MM","m",{"$f":"F66","v":2140},{"$f":"Composições!H535","v":1.1099999999999999},1.4,2996]
["3.3.4","73884/003","73884/003","INSTALAÇÃO DE VÁLVULAS OU REGISTRO COM JUNTA ELÁSTICA DN 100","un",1,48.62,61.48,61.48,null,-12.86]
["3.3.5","COMPOSIÇÃO","COMPOSIÇÃO","EXECUÇÃO DE ENVELOPAMENTO DE TUBULAÇÃO EM CONCRETO SIMPLES,INCLUIDO PREPARO MECANICO, LANÇAMENTO E ADENSAMENTO.","m³",1,{"$f":"Composições!H152","v":687.76},869.6,869.6]
["3.3.6","COMPOSIÇÃO","COMPOSIÇÃO","ASSENTAMENTO DE CONEXÃO EM PEAD PE-80 EM GERAL","un",{"$f":"1*2+43","v":45},{"$f":"Composições!H164","v":91.81},116.08,5223.6000000000004]
["3.4",null,"Caixas para válvulas, ventosas e energia",{"$nulls":7},0]
["3.4.1","COMPOSIÇÃO","COMPOSIÇÃO","CONSTRUÇÃO DE CAIXA DE ALVENARIA COM TAMPA METÁLICA E PORTA CADEADO, COM FUNDO DRENANTE, FORRADO DE BRITA (5,0 CM) PARA ABRIGAR OS REGISTROS DE GAVETA, COM DIMENSÕES 1,0 X 1,0 X 1,0.","un",5,{"$f":"Composições!H464","v":519.30427999999995},{"$f":"ROUND(G73*(1+$K$9),2)","v":656.61},{"$f":"ROUND(H73*F73,2)","v":3283.05}]
["3.4.2","74166/001","74166/001","CAIXA PRE-MOLDADA DE D=60CM PARA REDE ELETRICA","un",55,123.18,155.75,8566.25,null,-32.569999999999993]
["3.5",null,"Bloco de Ancoragem e Descarga",{"$nulls":7},0]
["3.5.1","74076/001","74076/001","FORMA PINHO 3A P/CONCRETO EM FUNDAÇÃO REAPROV 3 VEZES - CORTE/MONTAGEM /ESCORAMENTO/DESFORMA, NÃO INCLUÍDO DEMOLDANTE","m²",4.0999999999999996,38.06,{"$f":"ROUND(G76*(1+$K$9),2)","v":48.12},{"$f":"ROUND(H76*F76,2)","v":197.29},null,-10.059999999999995]
["3.5.2","COMPOSIÇÃO","COMPOSIÇÃO","CONCRETO FCK 15 MPA (1:2:5:3),INCLUIDO PREPARO MECANICO, LANÇAMENTO E ADENSAMENTO.","m³",0.51,{"$f":"Composições!H139","v":507.14779999999996},641.24,327.02999999999997]
["3.6",null,"Serviços Diversos",{"$nulls":7},0]
["3.6.1",73678,73678,"CADASTRO DA ADUTORA","m",2140,1.72,{"$f":"ROUND(G79*(1+$K$9),2)","v":2.17},{"$f":"ROUND(H79*F79,2)","v":4643.8},null,{"$f":"G79-H79","v":-0.44999999999999996}]
["3.6.2","COMPOSIÇÃO","COMPOSIÇÃO","TESTE HIDROSTÁTICO EM REDE DE ÁGUA/ADUTORA","m",3300,{"$f":"Composições!H474","v":0.22534699999999999},0.28000000000000003,924]
[{"$nulls":10},0]
[4,null,"UNIDADE DO SISTEMA: ADUTORAS DE ÁGUA TRATADA ",{"$nulls":7},0]
["4.0",null,"OBRAS CIVIS",{"$nulls":7},0]
["4.1",null,"Serviços Preliminares",{"$nulls":7},0]
["4.1.1",73679,73679,"LOCAÇÃO DA ADUTORA","m",92,0.56000000000000005,{"$f":"ROUND(G85*(1+$K$9),2)","v":0.71},{"$f":"ROUND(H85*F85,2)","v":65.319999999999993},null,-0.14999999999999991]
["4.1.2","COMPOSIÇÃO","COMPOSIÇÃO","ACOMPANHAMENTO TOPOGRÁFICO","dia",1,{"$f":"Composições!H284","v":205.68},260.06,260.06]
["4.1.3","COMPOSIÇÃO","COMPOSIÇÃO","SINALIZAÇÃO ABERTA SEM ILUMINAÇÃO, MONTANTES DE H=1,00M E TELA EM PVC, INCLUINDO FORNECIMNTO, TRANSPORTE, INSTALAÇÃO E REMOÇÃO PARA OUTRO LOCAL DA OBRA","m",40,{"$f":"Composições!H295","v":23.220000000000002},29.36,1174.4000000000001]
["4.2",null,"Movimento de terra",{"$nulls":7},0]
["4.2.1","73965/010","73965/010","ESCAVAÇÃO MANUAL DE VALAS EM SOLO DE 1ª CAT. EXEC. COM PROFUNDIDADE ATÉ 1,5M EXCLUINDO ESGOTAMENTO / ESCORAMENTO","m³",{"$f":"120*0.4+30+311","v":389},22.07,27.91,10856.99,null,-5.84]
["4.2.2","73965/001","73965/001","ESCAVAÇÃO MANUAL DE VALAS , A FRIO EM MATERIAL DE 2ª CATEGORIA, COM PROFUNDIDADE ATÉ 1,5M","m³",{"$f":"120-78+18.6","v":60.6},47.03,59.46,3603.28,null,-12.43]
["4.2.3","73962/013","73962/013","ESCAVACAO DE VALA NAO ESCORADA EM MATERIAL 1A CATEGORIA , PROFUNDIDADE ATE 1,5 M COM ESCAVADEIRA HIDRAULICA 105 HP(CAPACIDADE DE 0,78M3), SEM ESGOTAMENTO","m³",6.6,3.59,4.54,29.96,null,-0.95000000000000018]
["4.2.4","SERVIÇO 74015/001","SERVIÇO 74015/001","EXEC. DE ATERRO EM VALAS/POCOS/CAVAS DE FUNDACAO C/ SOLO PROVENIENTE DAS ESCAVACOES,  INCL. LANCAM.,  ESPALHAM.,  COMPACT. C/ PLACA VIBRAT.,  SOQUETE PNEUMATICO ","m³",{"$f":"30+6.25+47.6+311","v":394.85},14.97,18.93,7474.51,null,-3.9599999999999991]
["4.2.5","74010/001","74010/001","CARGA E DESCARGA MECANIZADA DE MATERIAL DE 2ª E 3ª CATEGORIA EM CAMINHÃO BASCULANTE","m³",61.35,0.98,1.24,76.069999999999993,null,-0.26]
["4.2.6",72855,72855,"TRANSPORTE LOCAL  COM CAMINHÃO BASCULHANTE 6M³, EM RODOVIA EM LEITO NATURAL DMT 800 A 1.000M","m³",{"$f":"F93","v":61.35},2.79,3.53,216.57,null,-0.73999999999999977]
["4.3",null,"Assentamento e Envelopamento das tubulações",{"$nulls":7},0]
["4.3.1","COMPOSIÇÃO","COMPOSIÇÃO","CARGA E DESCARGA DE TUBULAÇÃO EM POLIETILENO PARA Ø ATÉ 160MM","m",92,{"$f":"Composições!H304","v":1.4778815999999999},{"$f":"ROUND(G96*(1+$K$9),2)","v":1.87},{"$f":"ROUND(H96*F96,2)","v":172.04}]
["4.3.2","COMPOSIÇÃO","COMPOSIÇÃO","MOMENTO DE TRANSPORTE DE TUBULAÇÃO, PEÇAS E CONEXÕES EM POLIETILENO DE ALTA DENSIDADE, PEAD, PE-80 ATÉ 160 MM","m",92,{"$f":"Composições!H313","v":0.94619999999999993},1.2,110.4]
["4.3.3","COMPOSIÇÃO","COMPOSIÇÃO","ASSENTAMENTO DE TUBO DE POLIETILENO PEAD PE-80 PN 12,5 DN 140 MM","m",35,{"$f":"Composições!H535","v":1.1099999999999999},1.4,49]
["4.3.4","COMPOSIÇÃO","COMPOSIÇÃO","ASSENTAMENTO DE TUBO DE POLIETILENO PEAD PE-80 PN 12,5 DN 110 MM","m",25,{"$f":"Composições!H543","v":1.04},1.31,32.75]
["4.3.5","COMPOSIÇÃO","COMPOSIÇÃO","ASSENTAMENTO DE TUBO DE POLIETILENO PEAD PE-80 PN 10 DN 90 MM","m",32,{"$f":"Composições!H551","v":0.92999999999999994},1.18,37.76]
["4.3.6","73884/003","73884/003","INSTALAÇÃO DE VÁLVULAS OU REGISTRO COM JUNTA ELÁSTICA DN 100","un",30,48.62,61.48,1844.4,null,-12.86]
["4.3.7","COMPOSIÇÃO","COMPOSIÇÃO","EXECUÇÃO DE ENVELOPAMENTO DE TUBULAÇÃO EM CONCRETO SIMPLES,INCLUIDO PREPARO MECANICO, LANÇAMENTO E ADENSAMENTO.","m³",2.35,{"$f":"Composições!H152","v":687.76},869.6,2043.56]
["4.3.8","COMPOSIÇÃO","COMPOSIÇÃO","ASSENTAMENTO DE CONEXÃO EM PEAD PE-80 EM GERAL","un",{"$f":"30+5+311","v":346},{"$f":"Composições!H164","v":91.81},116.08,40163.68]
["4.4",null,"Caixas para válvulas e ventosas",{"$nulls":7},0]
["4.4.1","COMPOSIÇÃO","COMPOSIÇÃO","CONSTRUÇÃO DE CAIXA DE ALVENARIA COM TAMPA METÁLICA E PORTA CADEADO, COM FUNDO DRENANTE, FORRADO DE BRITA (5,0 CM) PARA ABRIGAR OS REGISTROS DE GAVETA, COM DIMENSÕES 1,0 X 1,0 X 1,0.","un",30,{"$f":"Composições!H464","v":519.30427999999995},{"$f":"ROUND(G105*(1+$K$9),2)","v":656.61},{"$f":"ROUND(H105*F105,2)","v":19698.3}]
["4.5",null,"Bloco de Ancoragem e Descarga",{"$nulls":7},0]
["4.5.1","74076/001","74076/001","FORMA PINHO 3A P/CONCRETO EM FUNDAÇÃO REAPROV 3 VEZES - CORTE/MONTAGEM /ESCORAMENTO/DESFORMA, NÃO INCLUÍDO DEMOLDANTE","m²",14.879999999999999,38.06,{"$f":"ROUND(G107*(1+$K$9),2)","v":48.12},{"$f":"ROUND(H107*F107,2)","v":716.03},null,-10.059999999999995]
["4.5.2","COMPOSIÇÃO","COMPOSIÇÃO","CONCRETO FCK 15 MPA (1:2:5:3),INCLUIDO PREPARO MECANICO, LANÇAMENTO E ADENSAMENTO.","m³",3.8,{"$f":"Composições!H139","v":507.14779999999996},{"$f":"ROUND(G108*(1+$K$9),2)","v":641.24},{"$f":"ROUND(H108*F108,2)","v":2436.71}]
["4.6",null,"Serviços Diversos",{"$nulls":7},0]
["4.6.1",73678,73678,"CADASTRO DA ADUTORA","m",92,1.72,{"$f":"ROUND(G110*(1+$K$9),2)","v":2.17},{"$f":"ROUND(H110*F110,2)","v":199.64},null,-0.44999999999999996]
["4.6.2","COMPOSIÇÃO","COMPOSIÇÃO","TESTE HIDROSTÁTICO EM REDE DE ÁGUA/ADUTORA","m",22721.25,{"$f":"Composições!H474","v":0.22534699999999999},0.28000000000000003,6361.95]
[{"$nulls":10},0]
[5,null,"UNIDADE DO SISTEMA: SUB-ADUTORAS DE ÁGUA TRATADA ",{"$nulls":7},0]
["5.0",null,"OBRAS CIVIS",{"$nulls":7},0]
["5.1",null,"Serviços Preliminares",{"$nulls":7},0]
["5.1.1",73679,73679,"LOCAÇÃO DA ADUTORA","m",33,0.56000000000000005,{"$f":"ROUND(G116*(1+$K$9),2)","v":0.71},{"$f":"ROUND(H116*F116,2)","v":23.43},null,-0.14999999999999991]
["5.1.2","COMPOSIÇÃO","COMPOSIÇÃO","ACOMPANHAMENTO TOPOGRÁFICO","dia",1,{"$f":"Composições!H284","v":205.68},260.06,260.06]
["5.1.3","COMPOSIÇÃO","COMPOSIÇÃO","SINALIZAÇÃO ABERTA SEM ILUMINAÇÃO, MONTANTES DE H=1,00M E TELA EM PVC, INCLUINDO FORNECIMNTO, TRANSPORTE, INSTALAÇÃO E REMOÇÃO PARA OUTRO LOCAL DA OBRA","m",30,{"$f":"Composições!H295","v":23.220000000000002},{"$f":"ROUND(G118*(1+$K$9),2)","v":29.36},{"$f":"ROUND(H118*F118,2)","v":880.8}]
["5.2",null,"Movimento de terra",{"$nulls":7},0]
["5.2.1","73965/010","73965/010","ESCAVAÇÃO MANUAL DE VALAS EM SOLO DE 1ª CAT. EXEC. COM PROFUNDIDADE ATÉ 1,5M EXCLUINDO ESGOTAMENTO / ESCORAMENTO","m³",{"$f":"28","v":28},22.07,{"$f":"ROUND(G120*(1+$K$9),2)","v":27.91},{"$f":"ROUND(H120*F120,2)","v":781.48},null,-5.84]
["5.2.2",72915,72915,"ESCAVAÇÃO MECANIZADA DE MATERIAL DE  2ª CATEGORIA","m³",9.9,9.44,11.94,118.21,null,-2.5]
["5.2.3","SERVIÇO 74015/001","SERVIÇO 74015/001","EXEC. DE ATERRO EM VALAS/POCOS/CAVAS DE FUNDACAO C/ SOLO PROVENIENTE DAS ESCAVACOES,  INCL. LANCAM.,  ESPALHAM.,  COMPACT. C/ PLACA VIBRAT.,  SOQUETE PNEUMATICO ","m³",{"$f":"9.52+F120","v":37.519999999999996},14.97,18.93,710.25,null,-3.9599999999999991]
["5.2.4","73904/001","73904/001","EXECUÇÃO DE ATERRO EM VALAS, POÇOS, CAVAS DE FUNDAÇÃO COM AQUISIÇÃO DE MATERIAL, INC. LANÇ., ESPAL., COMPAC. MANUAL","m³",10,60.17,76.08,760.8,null,-15.909999999999997]
["5.2.5",72855,72855,"TRANSPORTE LOCAL  COM CAMINHÃO BASCULHANTE 6M³, EM RODOVIA EM LEITO NATURAL DMT 800 A 1.000M","m³",10.38,2.79,3.53,36.64,null,-0.73999999999999977]
["5.3",null,"Assentamento e Envelopamento das tubulações",{"$nulls":7},0]
["5.3.1","COMPOSIÇÃO","COMPOSIÇÃO","CARGA E DESCARGA DE TUBULAÇÃO EM PVC RÍGIDO OU DEFOFO PARA Ø ATÉ 350MM","m",58,{"$f":"Composições!H181","v":0.73044000000000009},{"$f":"ROUND(G126*(1+$K$9),2)","v":0.92},{"$f":"ROUND(H126*F126,2)","v":53.36}]
["5.3.2","COMPOSIÇÃO","COMPOSIÇÃO","MOMENTO DE TRANSPORTE DE TUBULAÇÃO, PEÇAS E CONEXÕES EM PVC RÍGIDO DN ATÉ 350 MM","m",58,{"$f":"Composições!H190","v":1.2174000000000003},1.54,89.32]
["5.3.3","73888/001","73888/001","ASSENTAMENTO DE TUBOS E CONEXÕES EM PVC RÍG. PBA, PB JE P/ ÁGUA Ø 50MM","m",33,0.71,0.9,29.7,null,-0.19000000000000006]
["5.3.4","73888/002","73888/002","ASSENTAMENTO DE TUBOS E CONEXÕES EM PVC RÍG. PBA, PB JE P/ ÁGUA Ø 75MM","m",25,0.95,1.2,30,null,-0.25]
["5.3.5","73884/003","73884/003","INSTALAÇÃO DE VÁLVULAS OU REGISTRO COM JUNTA ELÁSTICA DN 100","un",12,48.62,61.48,737.76,null,-12.86]
["5.3.6","COMPOSIÇÃO","COMPOSIÇÃO","EXECUÇÃO DE ENVELOPAMENTO DE TUBULAÇÃO EM CONCRETO SIMPLES,INCLUIDO PREPARO MECANICO, LANÇAMENTO E ADENSAMENTO.","m³",5.16,{"$f":"Composições!H152","v":687.76},869.6,4487.1400000000003]
["5.4",null,"Caixas para válvulas e ventosas",{"$nulls":7},0]
["5.4.1","COMPOSIÇÃO","COMPOSIÇÃO","CONSTRUÇÃO DE CAIXA DE ALVENARIA COM TAMPA METÁLICA E PORTA CADEADO, COM FUNDO DRENANTE, FORRADO DE BRITA (5,0 CM) PARA ABRIGAR OS REGISTROS DE GAVETA, COM DIMENSÕES 1,0 X 1,0 X 1,0.","un",13,{"$f":"Composições!H464","v":519.30427999999995},{"$f":"ROUND(G133*(1+$K$9),2)","v":656.61},{"$f":"ROUND(H133*F133,2)","v":8535.93}]
["5.5",null,"Bloco de Ancoragem e Descarga",{"$nulls":7},0]
["5.5.1","74076/001","74076/001","FORMA PINHO 3A P/CONCRETO EM FUNDAÇÃO REAPROV 3 VEZES - CORTE/MONTAGEM /ESCORAMENTO/DESFORMA, NÃO INCLUÍDO DEMOLDANTE","m²",11.2,38.06,{"$f":"ROUND(G135*(1+$K$9),2)","v":48.12},{"$f":"ROUND(H135*F135,2)","v":538.94000000000005},null,-10.059999999999995]
["5.5.2","COMPOSIÇÃO","COMPOSIÇÃO","CONCRETO FCK 15 MPA (1:2:5:3),INCLUIDO PREPARO MECANICO, LANÇAMENTO E ADENSAMENTO.","m³",0.51,{"$f":"Composições!H139","v":507.14779999999996},641.24,327.02999999999997]
["5.6",null,"Serviços Diversos",{"$nulls":7},0]
["5.6.1",73678,73678,"CADASTRO DA ADUTORA","m",58,1.72,{"$f":"ROUND(G138*(1+$K$9),2)","v":2.17},{"$f":"ROUND(H138*F138,2)","v":125.86},null,-0.44999999999999996]
["5.6.2","COMPOSIÇÃO","COMPOSIÇÃO","TESTE HIDROSTÁTICO EM REDE DE ÁGUA/ADUTORA","m",10059.23,{"$f":"Composições!H474","v":0.22534699999999999},0.28000000000000003,2816.58]
[{"$nulls":10},0]
[6,null,"UNIDADE DO SISTEMA: ESTAÇÃO DE TRATAMENTO DE ÁGUA (Q = 9,0 l/s)",{"$nulls":7},0]
["6.0",null,"OBRAS CIVIS",{"$nulls":7},0]
[null,null,"SUMIDOURO 2,5 X 2,5 m",{"$nulls":7},{"$f":"G143-H143","v":0}]
["6.1",null,"Serviços Preliminares",{"$nulls":7},0]
["6.1.1","73948/016","73948/016","LIMPEZA DO TERRENO","m²",50,1.57,{"$f":"ROUND(G145*(1+$K$9),2)","v":1.99},{"$f":"ROUND(H145*F145,2)","v":99.5},null,-0.41999999999999993]
["6.1.2","73992/001","73992/001","LOCAÇÃO DA OBRA","m²",9,8.84,11.18,100.62,null,-2.34]
["6.2",null,"Movimento de terra",{"$nulls":7},0]
["6.2.1","73904/001","73904/001","EXECUÇÃO DE ATERRO EM VALAS, POÇOS, CAVAS DE FUNDAÇÃO COM AQUISIÇÃO DE MATERIAL, INC. LANÇ., ESPAL., COMPAC. MANUAL","m³",108,60.17,76.08,8216.64,null,-15.909999999999997]
["6.3",null,"Fundações  e Estrutura",{"$nulls":7},0]
["6.3.1","74076/001","74076/001","FORMA PINHO 3A P/CONCRETO EM FUNDAÇÃO REAPROV 3 VEZES - CORTE/MONTAGEM /ESCORAMENTO/DESFORMA, NÃO INCLUÍDO DEMOLDANTE","m²",4,38.06,48.12,192.48,null,-10.059999999999995]
["6.3.2","74254/002","74254/002","ARMAÇÃO AÇO CA-50, DIAMETRO 6.3 (1/4) Á 12,5mm (1/2) - FORNECIMENTO E CORTE  (Kg PERDA DE 10%) / DOBRA / COLOCAÇÃO","Kg",35,6.05,7.65,267.75,null,-1.6000000000000005]
["6.3.3","COMPOSIÇÃO","COMPOSIÇÃO","CONCRETO FCK 15 MPA (1:2:5:3),INCLUIDO PREPARO MECANICO, LANÇAMENTO E ADENSAMENTO.","m³",0.41,{"$f":"Composições!H139","v":507.14779999999996},641.24,{"$f":"ROUND(H152*F152,2)","v":262.91000000000003}]
["6.4",null,"Vedação",{"$nulls":7},0]
["6.4.1","73935/002","73935/002","ALVENARIA DE TIJOLO CERÂMICO 1 VEZ","m²",8.8000000000000007,48.04,60.74,534.51,null,-12.700000000000003]
["6.5",null,"Revestimento",{"$nulls":7},0]
["6.5.1","73928/001","73928/001","CHAPISCO ","m²",17.600000000000001,3.33,4.21,74.099999999999994,null,-0.87999999999999989]
["6.5.2",5976,5976,"REBOCO ","m²",17.600000000000001,15.18,19.190000000000001,337.74,null,-4.0100000000000016]
["6.6",null,"Pintura",{"$nulls":7},0]
["6.6.1","73924/002","73924/002","PINTURA ESMALTE EM ESQUADRIA DE FERRO - 2 DEMÃOS","m²",4,13.2,{"$f":"ROUND(G159*(1+$K$9),2)","v":16.690000000000001},66.760000000000005,null,-3.490000000000002]
["6.7",null,"Urbanização",{"$nulls":7},0]
["6.7.1","74142/004","74142/004","CERCA COM 14 FIOS DE ARAME FARPADO 16BWG 4X4\", COM ESTACAS DE CONCRETO PRÉ-MOLDADA, COM DIMENSÕES 10X10X2,45CM","m",56,33.94,{"$f":"ROUND(G161*(1+$K$9),2)","v":42.91},{"$f":"ROUND(H161*F161,2)","v":2402.96},null,-8.9699999999999989]
["6.7.2","74100/001","74100/001","PORTÃO EM TUBO DE FERRO COM VARA 1/2\" COMREQUADRO, INCL. GUARNIÇÕES E FERRAGENS","m²",2,213.55,270.01,540.02,null,-56.45999999999998]
["6.8",null,"Montagem dos Equipamentos",{"$nulls":7},0]
["6.8.1","COMPOSIÇÃO","COMPOSIÇÃO","REALIZAÇÃO DE TESTES PRÉ-OPERACIONAIS E TESTE DE FUCIONAMENTE DO SISTEMA, INCLUISIVE FORNECIMENTO DOS PRODUTOS QUÍMICOS NECESSÁRIOS PARA UM MÊS DE OPERAÇÃO, E TREINAMENTO DE PESSOAL PARA OPERAÇÃO E MANUTENÇÃO DA ETA  ATE 13,00 L/S","un",1,{"$f":"Composições!H397","v":1307.5600000000002},{"$f":"ROUND(G164*(1+$K$9),2)","v":1653.28},{"$f":"ROUND(H164*F164,2)","v":1653.28}]
["6.8.2","COMPOSIÇÃO","COMPOSIÇÃO","MONTAGEM DA ESCADA DE ACESSO AOS FLOCULADORES DA ESTAÇÃO DE TRATAMENTO.","un",1,{"$f":"Composições!H335","v":379.91999999999996},{"$f":"ROUND(G165*(1+$K$9),2)","v":480.37},480.37]
[7,null,"UNIDADE DO SISTEMA: ESTAÇÃO ELEVATÓRIA (20 CV) E CASA DE QUÍMICA",{"$nulls":7},0]
["7.0",null,"OBRAS CIVIS",{"$nulls":7},0]
["7.1",null,"Pisos",{"$nulls":7},0]
["7.1.1","73829/001","73829/001","PISO EM CERAMICA ESMALTADA PEI-V","m²",3.12,43.46,{"$f":"ROUND(G169*(1+$K$9),2)","v":54.95},{"$f":"ROUND(H169*F169,2)","v":171.44},null,-11.490000000000002]
["7.2",null,"Revestimento",{"$nulls":7},0]
["7.2.1","73912/001","73912/001","Revestimento cerâmico 20x20 PEI-IV","m²",19.600000000000001,26.4,{"$f":"ROUND(G171*(1+$K$9),2)","v":33.380000000000003},{"$f":"ROUND(H171*F171,2)","v":654.25},null,-6.980000000000004]
["7.3",null,"Esquadrias",{"$nulls":7},0]
["7.3.1","73933/002","73933/002","FORNECIMENTO E ASSENTAMENTO DE PORTA EM CHAPA DE FERRO DE ABRIR COM UMA FOLHA, COLOCAÇÃO E ACABAMENTO","m²",2.0999999999999996,317.08999999999997,{"$f":"ROUND(G173*(1+$K$9),2)","v":400.93},{"$f":"ROUND(H173*F173,2)","v":841.95},null,-83.840000000000032]
["7.4",null,"Pintura",{"$nulls":7},0]
["7.4.1","COMPOSIÇÃO","COMPOSIÇÃO","PINTURA DA LOGOMARCA DA CODEVASF","un",2,{"$f":"Composições!H347","v":188.31200000000001},{"$f":"ROUND(G175*(1+$K$9),2)","v":238.1},{"$f":"ROUND(H175*F175,2)","v":476.2}]
["7.4.2","73924/002","73924/002","PINTURA ESMALTE EM ESQUADRIA DE FERRO - 2 DEMÃOS","m²",7.56,13.2,{"$f":"ROUND(G176*(1+$K$9),2)","v":16.690000000000001},126.18,null,-3.490000000000002]
["7.4.3","73954/003","73954/003","PINTURA LATEX ACRILICA - 1 DEMÃOS","m²",190.05,13.27,16.78,3189.04,null,-3.5100000000000016]
["7.5",null,"Instalação elétrica",{"$nulls":7},0]
["7.5.1","Composição","Composição","FORNECIMENTO E INSTALAÇÃO DOS ELETRODUTOS, CABOS, QUADROS, PONTOS DE FORÇA DOS MOTORES, TOMADAS, INTERRUPTORES, LUMINÁRIAS E ILUMINAÇÃO EXTERNA DA ETA","und",1,{"$f":"'Composição eletrica'!G71","v":15519.46},{"$f":"G179","v":15519.46},{"$f":"ROUND(H179*F179,2)","v":15519.46}]
["7.5.2","Composição","Composição","FORNECIMENTO E INSTALAÇÃO DA SUBESTAÇÃO ABAIXADORA DE 30 KVA E INTERLIGAÇÃO (CIRCUITO ALIMENTADOR) DA SE AO QGBT DA ETA/CAPTAÇÃO","und",1,{"$f":"'Composição eletrica'!G136","v":18377.5},18377.5,18377.5]
["7.5.3","Composição","Composição","FORNECIMENTO E INSTALAÇÃO PARA A EXTENSÃO DE REDE ELÉTRICA DE MÉDIA TENSÃO, 13,8KV, TRIFÁSICO","km",0.25,{"$f":"'Composição eletrica'!G307","v":70593.22},70593.22,17648.310000000001]
["7.5.4","73836/002","73836/002","INSTALAÇÃO DE CONJUNTO MOTOR-BOMBA HORIZONTAL DE 12,5 A 25CV","und",2,298.41000000000003,298.41000000000003,596.82000000000005,null,0]
["7.5.5","Composição","Composição","ELABORAÇÃO DE PROJETO EXECUTIVO DAS INSTALAÇÕES ELÉTRICAS DE MÉDIA E BAIXA TENSÃO DA ETA E CAPTAÇÃO/FLUTUANTE, COM  APROVAÇÃO E EMOLUMENTOS JUNTO A CONCESSIONÁRIA","und",1,{"$f":"'Composição eletrica'!G330","v":2800.6},2800.6,2800.6]
["7.6",null,"Instalações hidráulicas e sanitárias",{"$nulls":7},0]
["7.6.1",72685,72685,"RALO SINFONADO DE PVC 100 X 100 MM SIMPLES - FORNECIMENTO E INSTALAÇÃO","un",1,15.25,{"$f":"ROUND(G185*(1+$K$9),2)","v":19.28},{"$f":"ROUND(H185*F185,2)","v":19.28},null,-4.0300000000000011]
["7.6.2",86942,86942,"LAVATÓRIO LOUÇA BRANCA, S/COLUNA PADRÃO POPULAR, COM TORNEIRA, SIFÃO, VÁLVULA E ENGATE PLÁSTICO FORN. E INST.","un",1,90.83,114.85,114.85,null,-24.019999999999996]
["7.6.3",86931,86931,"VASO SANITÁRIO BRANCO COM CAIXA ACOPLADA,PADRÃO MÉDIO, INCLUINDO ENGATE, FORN E INSTALAÇÃO ","un",1,267.02,337.62,337.62,null,-70.600000000000023]
["7.6.4",6004,6004,"PAPELEIRA DE LOUÇA BRANCA - FORNECIMENTO E INSTALAÇÃO","un",1,44,55.63,55.63,null,-11.630000000000003]
["7.6.5",6007,6007,"SABONETEIRA DE LOUÇA BRANCA 7,5 X 15 CM - FORNECIMENTO E INSTALAÇÃO","un",1,36.14,45.7,45.7,null,-9.5600000000000023]
["7.6.6",72671,72671,"NIPLE DE PVC ROSCÁVEL ÁGUA FRIA 1/2\"- FORNECIMENTO E INSTALAÇÃO","un",1,2.7,3.41,3.41,null,-0.71]
["7.6.7",68061,68061,"CHUVEIRO PLÁSTICO BRANCO SIMPLES - FORNECIMENTO E INSTALAÇÃO","un",1,10.78,13.63,13.63,null,-2.8500000000000014]
["7.7",null,"Serviços finais",{"$nulls":7},0]
["7.7.1",9537,9537,"LIMPEZA FINAL DA OBRA","m²",38.69,1,{"$f":"ROUND(G193*(1+$K$9),2)","v":1.26},{"$f":"ROUND(H193*F193,2)","v":48.75},null,-0.26]
[8,null,"UNIDADE DO SISTEMA: DESCARGA DE LAVAGEM DOS FILTROS",{"$nulls":7},0]
["8.0",null,"OBRAS CIVIS",{"$nulls":7},0]
["8.1",null,"Movimento de terra",{"$nulls":7},0]
["8.1.1","73962/013","73962/013","ESCAVACAO DE VALA NAO ESCORADA EM MATERIAL 1A CATEGORIA , PROFUNDIDADE ATE 1,5 M COM ESCAVADEIRA HIDRAULICA 105 HP(CAPACIDADE DE 0,78M3), SEM ESGOTAMENTO","m³",25,3.59,{"$f":"ROUND(G197*(1+$K$9),2)","v":4.54},{"$f":"ROUND(H197*F197,2)","v":113.5},null,-0.95000000000000018]
["8.1.2",72915,72915,"ESCAVAÇÃO MECANIZADA DE MATERIAL DE  2ª CATEGORIA","m³",{"$f":"75.58-F197","v":50.58},9.44,{"$f":"ROUND(G198*(1+$K$9),2)","v":11.94},{"$f":"ROUND(H198*F198,2)","v":603.92999999999995},null,-2.5]
["8.1.3","COMPOSIÇÃO","COMPOSIÇÃO","ESCAVAÇÃO MECANIZADA DE MATERIAL DE 3ª CATEGORIA","m³",26.4,{"$f":"Composições!H220","v":121.64649500000002},153.81,4060.58]
["8.1.4","74010/001","74010/001","CARGA E DESCARGA MECANIZADA DE MATERIAL DE 1ª, 2ª E 3ª CATEGORIA EM CAMINHÃO BASCULANTE","m³",{"$f":"(F197+F198+F202)-F203","v":42.050000000000011},0.98,1.24,52.14,null,-0.26]
["8.1.5",72856,72856,"MOMENTO DE TRANSPORTE DE SOLO , EM CAMINHÃO BASCULHANTE  EM BOTA FORA ","m³ x Km",{"$f":"F200*5","v":210.25000000000006},1.22,1.54,323.79000000000002,null,-0.32000000000000006]
["8.1.6",73692,73692,"LASTRO DE AREIA MEDIA","m³",68.47,77.010000000000005,97.37,6666.92,null,-20.36]
["8.1.7","SERVIÇO 74015/001","SERVIÇO 74015/001","EXEC. DE ATERRO EM VALAS/POCOS/CAVAS DE FUNDACAO C/ SOLO PROVENIENTE DAS ESCAVACOES,  INCL. LANCAM.,  ESPALHAM.,  COMPACT. C/ PLACA VIBRAT.,  SOQUETE PNEUMATICO ","m³",102,14.07,17.79,1814.58,null,-3.7199999999999989]
["8.2",null,"Assentamento das tubulações",{"$nulls":7},0]
["8.2.1","COMPOSIÇÃO","COMPOSIÇÃO","CARGA E DESCARGA DE TUBOS PVC RIG. / RPVC,  DN ATE 350 MM","m",760.58,{"$f":"Composições!H181","v":0.73044000000000009},0.92,699.73]
["8.2.2","COMPOSIÇÃO","COMPOSIÇÃO","MOMENTO DE TRANSPORTE DE TUBULAÇÃO, PEÇAS E CONEXÕES EM PVC RÍGIDO DN ATÉ 350 MM","m",760.58,{"$f":"Composições!H190","v":1.2174000000000003},1.54,1171.29]
["8.2.3","73840/003","73840/003","ASSENTAMENTO DE TUBOS PVC ESGOTO DE DRENAGEM PERFURADOS E CORRUGADO DN 150 MM","m",760.58,1.9,2.4,1825.39,null,{"$f":"G207-H207","v":-0.5}]
[9,null,"UNIDADE DO SISTEMA: LEITO DE SECAGEM ( 8 m x 8 m)",{"$nulls":7},0]
["9.0",null,"OBRAS CIVIS",{"$nulls":7},0]
["9.1",null,"Pintura",{"$nulls":7},0]
["9.1.1","73999/001","73999/001","PINTURA A CAL - 3 DEMÃOS","m²",36.31,4.22,{"$f":"ROUND(G211*(1+$K$9),2)","v":5.34},{"$f":"ROUND(H211*F211,2)","v":193.9},null,-1.1200000000000001]
["9.2",null,"Serviços finais",{"$nulls":7},0]
["9.2.1",9537,9537,"LIMPEZA FINAL DA OBRA","m²",70.42,1,{"$f":"ROUND(G213*(1+$K$9),2)","v":1.26},{"$f":"ROUND(H213*F213,2)","v":88.73},null,-0.26]
[10,null,"UNIDADE DO SISTEMA: RESERVATÓRIO ENTERRADO 15 m³ ",{"$nulls":7},0]
["10.0",null,"OBRAS CIVIS",{"$nulls":7},0]
["10.1",null,"Impermeabilização",{"$nulls":7},0]
["10.1.1",83738,83738,"IMPERMEABILIZANTE DE SUPERFICIE COM MANTA ASFALTICA ( COM POLIMETRO TIPO APP), E= 4 MM","m²",36.840000000000003,49.43,{"$f":"ROUND(G217*(1+$K$9),2)","v":62.5},{"$f":"ROUND(H217*F217,2)","v":2302.5},null,-13.07]
["10.2",null,"Revestimento",{"$nulls":7},0]
["10.2.1","73928/001","73928/001","CHAPISCO ","m²",28.3,3.33,{"$f":"ROUND(G219*(1+$K$9),2)","v":4.21},{"$f":"ROUND(H219*F219,2)","v":119.14},null,-0.87999999999999989]
["10.2.2",5976,5976,"REBOCO ","m²",28.3,15.18,19.190000000000001,543.08000000000004,null,-4.0100000000000016]
["10.3",null,"Pintura",{"$nulls":7},0]
["10.3.1","79334/001","79334/001","PINTURA A CAL - 2 DEMÃOS","m²",28.3,3.7,{"$f":"ROUND(G222*(1+$K$9),2)","v":4.68},{"$f":"ROUND(H222*F222,2)","v":132.44},null,-0.97999999999999954]
["10.4",null,"Assentamento, montagem e instalações",{"$nulls":7},0]
["10.4.1","COMPOSIÇÃO","COMPOSIÇÃO","MONTAGEM DE PEÇAS, CONEXÕES, VÁLVULAS, APARELHOS E ACESSÓRIOS DE FERRO","kg",150,{"$f":"Composições!H220","v":121.64649500000002},{"$f":"ROUND(G224*(1+$K$9),2)","v":153.81},{"$f":"ROUND(H224*F224,2)","v":23071.5}]
["10.5",null,"Serviços finais",{"$nulls":7},0]
["10.5.1",9537,9537,"LIMPEZA FINAL DA OBRA","m²",14.55,1,{"$f":"ROUND(G226*(1+$K$9),2)","v":1.26},{"$f":"ROUND(H226*F226,2)","v":18.329999999999998},null,-0.26]
[11,null,"UNIDADE DO SISTEMA: RESERVATÓRIO E  REDE DE DISTRIBUIÇÃO",{"$nulls":7},0]
["11.0",null,"Diversos",{"$nulls":7},0]
["11.1","COMPOSIÇÃO","COMPOSIÇÃO","ASSENTAMENTO DE CONEXÃO EM PEAD PE-80 EM GERAL","un",6,{"$f":"Composições!H164","v":91.81},{"$f":"ROUND(G229*(1+$K$9),2)","v":116.08},{"$f":"ROUND(H229*F229,2)","v":696.48}]
["11.2","Composição","Composição","FORNECIMENTO E INSTALAÇÃO DO SPDA (SISTEMA DE PROTEÇÃO CONTRA DESCARGAS ATMOSFÉRICAS) DOS RESERVATÓRIOS DE ÁGUA","und",6,{"$f":"'Composição eletrica'!G395","v":3666.67},{"$f":"G230","v":3666.67},22000.02]
[12,null,"UNIDADE DO SISTEMA: RESERVATÓRIO E REDE DE DISTRIBUIÇÃO DAVILA Nª Sª APARECIDA - 20 M³",{"$nulls":7},0]
["12.0",null,"OBRAS CIVIS",{"$nulls":7},0]
["12.1",null,"Diversos",{"$nulls":7},0]
["12.1.1","COMPOSIÇÃO","COMPOSIÇÃO","TESTE HIDROSTÁTICO EM REDE DE ÁGUA/ADUTORA","m",4867,{"$f":"Composições!H474","v":0.22534699999999999},{"$f":"ROUND(G234*(1+$K$9),2)","v":0.28000000000000003},{"$f":"ROUND(H234*F234,2)","v":1362.76}]
["12.1.2","COMPOSIÇÃO","COMPOSIÇÃO","PINTURA DA LOGOMARCA DA CODEVASF NO RESERVATÓRIO ","un",1,{"$f":"Composições!H359","v":376.77199999999999},476.39,476.39]
["12.1.3",9537,9537,"LIMPEZA FINAL DA OBRA","m²",9,1,1.26,11.34,null,-0.26]
[13,null,"UNIDADE DO SISTEMA: RESERVATÓRIO E REDE DE DISTRIBUIÇÃO DA MELANCIA - 30 M³",{"$nulls":7},0]
["13.0",null,"OBRAS CIVIS",{"$nulls":7},0]
["13.1",null,"Diversos",{"$nulls":7},0]
["13.1.1","COMPOSIÇÃO","COMPOSIÇÃO","TESTE HIDROSTÁTICO EM REDE DE ÁGUA/ADUTORA","m",15195,{"$f":"Composições!H474","v":0.22534699999999999},{"$f":"ROUND(G240*(1+$K$9),2)","v":0.28000000000000003},{"$f":"ROUND(H240*F240,2)","v":4254.6000000000004}]
["13.1.2","COMPOSIÇÃO","COMPOSIÇÃO","PINTURA DA LOGOMARCA DA CODEVASF NO RESERVATÓRIO ","un",1,{"$f":"Composições!H359","v":376.77199999999999},476.39,476.39]
["13.1.3",9537,9537,"LIMPEZA FINAL DA OBRA","m²",10.89,1,1.26,13.72,null,-0.26]
[14,null,"UNIDADE DO SISTEMA: RESERVATÓRIO E REDE DE DISTRIBUIÇÃO DA SUVELA - 10 M³ ",{"$nulls":7},0]
["14.0",null,"OBRAS CIVIS",{"$nulls":7},0]
["14.1",null,"Diversos",{"$nulls":7},0]
["14.1.1","COMPOSIÇÃO","COMPOSIÇÃO","TESTE HIDROSTÁTICO EM REDE DE ÁGUA/ADUTORA","m",6188,{"$f":"Composições!H474","v":0.22534699999999999},{"$f":"ROUND(G246*(1+$K$9),2)","v":0.28000000000000003},{"$f":"ROUND(H246*F246,2)","v":1732.64}]
["14.1.2","COMPOSIÇÃO","COMPOSIÇÃO","PINTURA DA LOGOMARCA DA CODEVASF NO RESERVATÓRIO ","un",1,{"$f":"Composições!H359","v":376.77199999999999},476.39,476.39]
["14.1.3",9537,9537,"LIMPEZA FINAL DA OBRA","m²",7.84,1,1.26,9.8800000000000008,null,-0.26]
[15,null,"UNIDADE DO SISTEMA: RESERVATÓRIO E REDE DE DISTRIBUIÇÃO DE COAN, SANTA AROEIRA E PIMENTEIRAS - 50 M³ ",{"$nulls":7},0]
["15.0",null,"OBRAS CIVIS",{"$nulls":7},0]
["15.1",null,"Movimento de terra",{"$nulls":7},0]
["15.1.1","73965/010","73965/010","ESCAVAÇÃO MANUAL DE VALAS EM SOLO DE 1ª CAT. EXEC. COM PROFUNDIDADE ATÉ 1,5M EXCLUINDO ESGOTAMENTO / ESCORAMENTO","m³",0.10000000000013642,22.07,{"$f":"ROUND(G252*(1+$K$9),2)","v":27.91},{"$f":"ROUND(H252*F252,2)","v":2.79},null,-5.84]
["15.2",null,"Diversos",{"$nulls":7},0]
["15.2.1","COMPOSIÇÃO","COMPOSIÇÃO","TESTE HIDROSTÁTICO EM REDE DE ÁGUA/ADUTORA","m",23836,{"$f":"Composições!H474","v":0.22534699999999999},{"$f":"ROUND(G254*(1+$K$9),2)","v":0.28000000000000003},{"$f":"ROUND(H254*F254,2)","v":6674.08}]
["15.2.2","COMPOSIÇÃO","COMPOSIÇÃO","PINTURA DA LOGOMARCA DA CODEVASF NO RESERVATÓRIO ","un",1,{"$f":"Composições!H359","v":376.77199999999999},476.39,476.39]
["15.2.3",9537,9537,"LIMPEZA FINAL DA OBRA","m²",12.96,1,1.26,16.329999999999998,null,-0.26]
[16,null,"UNIDADE DO SISTEMA: RESERVATÓRIO E REDE DE DISTRIBUIÇÃO DA VENEZA - 15 M³ ",{"$nulls":7},0]
["16.0",null,"OBRAS CIVIS",{"$nulls":7},0]
["16.1",null,"Diversos",{"$nulls":7},0]
["16.1.1","73884/003","73884/003","INSTALAÇÃO DE VÁLVULAS OU REGISTRO COM JUNTA ELÁSTICA DN 100","un",3,48.62,{"$f":"ROUND(G260*(1+$K$9),2)","v":61.48},{"$f":"ROUND(H260*F260,2)","v":184.44},null,-12.86]
["16.1.2","COMPOSIÇÃO","COMPOSIÇÃO","TESTE HIDROSTÁTICO EM REDE DE ÁGUA/ADUTORA","m",13168,{"$f":"Composições!H474","v":0.22534699999999999},0.28000000000000003,3687.04]
["16.1.3","COMPOSIÇÃO","COMPOSIÇÃO","PINTURA DA LOGOMARCA DA CODEVASF NO RESERVATÓRIO ","un",1,{"$f":"Composições!H359","v":376.77199999999999},476.39,476.39]
["16.1.4",9537,9537,"LIMPEZA FINAL DA OBRA","m²",9,1,1.26,11.34,null,-0.26]
[17,null,"UNIDADE DO SISTEMA: RESERVATÓRIO E REDE DE DISTRIBUIÇÃO DO IGARAPÉ E LAGOA DOURADA - 20 M³ ",{"$nulls":7},0]
["17.0",null,"OBRAS CIVIS",{"$nulls":7},0]
["17.1",null,"Diversos",{"$nulls":7},0]
["17.1.1","COMPOSIÇÃO","COMPOSIÇÃO","TESTE HIDROSTÁTICO EM REDE DE ÁGUA/ADUTORA","m",6971,{"$f":"Composições!H474","v":0.22534699999999999},{"$f":"ROUND(G267*(1+$K$9),2)","v":0.28000000000000003},{"$f":"ROUND(H267*F267,2)","v":1951.88}]
["17.1.2","COMPOSIÇÃO","COMPOSIÇÃO","PINTURA DA LOGOMARCA DA CODEVASF NO RESERVATÓRIO ","un",1,{"$f":"Composições!H359","v":376.77199999999999},476.39,476.39]
["17.1.3",9537,9537,"LIMPEZA FINAL DA OBRA","m²",9,1,1.26,11.34,null,-0.26]
[{"$nulls":10},0]
[1,null,"MATERIAIS",{"$nulls":5},{"$f":"SUM(I274:I345)","v":153133.68000000011},null,{"$f":"G271-H271","v":0}]
["1.1",null,"UNIDADE DO SISTEMA: CAPTAÇÃO FLUTUANTE",{"$nulls":7},0]
["1.1.1",null,"FORNECIMENTO DAS TUBULAÇÕES",{"$nulls":7},0]
["1.1.1.1",21015,21015,"TUBO DE AÇO GALVANIZADO COM COSTURA 5580 CLASSE MÉDIA DN 3\"","m",1,60.14,{"$f":"ROUND(G274*(1+$K$10),2)","v":70.239999999999995},{"$f":"ROUND(H274*F274,2)","v":70.239999999999995},null,-10.099999999999994]
["1.1.1.2",10442,10442,"VENTOSA SIMPLES FOFO C/ROSCA PN-25 DN 3/4","un",15,281.48,{"$f":"ROUND(G275*(1+$K$10),2)","v":328.77},{"$f":"ROUND(H275*F275,2)","v":4931.55},null,-47.289999999999964]
["1.1.2",null,"FORNECIMENTO DE EQUIPAMENTOS",{"$nulls":7},0]
["1.1.2.1",10414,10414,"VALVULA RETENCAO VERTICAL BRONZE (PN- 16) 3\" 200PSI- EXTREMIDADES C/ ROSCA\"","un",2,439.63,{"$f":"ROUND(G277*(1+$K$10),2)","v":513.49},{"$f":"ROUND(H277*F277,2)","v":1026.98},null,-73.860000000000014]
["1.1.3",null,"FORNECIMENTO DE MATERIAIS HIDRÁULICOS",{"$nulls":7},0]
["1.1.3.1",13343,13343,"BRACADEIRA OU CINTA EM FG 6\" PARA FIXACAO EM POSTE CIRCULAR\"","un",1,24.32,{"$f":"ROUND(G279*(1+$K$10),2)","v":28.41},{"$f":"ROUND(H279*F279,2)","v":28.41},null,-4.09]
["1.1.4",null,"FORNECIMENTO DE MATERIAIS ELETRICO",{"$nulls":7},0]
["1.1.4.1","COTAÇÃO","COTAÇÃO","EMENDA ELASPEED – 1KV – L – EPD-2549 PARA CABO EPROTENAX 4 x 70 mm.","un",16,132,{"$f":"ROUND(G281*(1+$K$10),2)","v":154.18},{"$f":"ROUND(H281*F281,2)","v":2466.88}]
["1.2",null,"UNIDADE DO SISTEMA: CONSTRUÇÃO DO ABRIGO PARA COMANDO DA BOMBA",{"$nulls":7},0]
["1.2.1",null,"FORNECIMENTO DAS TUBULAÇÕES",{"$nulls":7},0]
["1.2.1.1",7695,7695,"TUBO ACO GALV C/ COSTURA DIN 2440/NBR 5580 CLASSE MEDIA DN 6\"","m",4,142.91999999999999,{"$f":"ROUND(G284*(1+$K$10),2)","v":166.93},{"$f":"ROUND(H284*F284,2)","v":667.72},null,-24.010000000000019]
["1.2.2",null,"FORNECIMENTO DE EQUIPAMENTOS",{"$nulls":7},0]
["1.2.2.1","COTAÇÃO","COTAÇÃO","VALVULA RETENCAO \"BY PASS\"  (PN-25) PORTINHOLA DUPLA DN 150MM","un",1,601.36,{"$f":"ROUND(G286*(1+$K$10),2)","v":702.39},{"$f":"ROUND(H286*F286,2)","v":702.39}]
["1.2.2.2",12898,12898,"MANÔMETRO DE PRESSÃO (DN 100, 150, 200 MM)  X DN 1 1/2\"","un",1,80.92,{"$f":"ROUND(G287*(1+$K$10),2)","v":94.51},94.51,null,-13.590000000000003]
["1.2.3",null,"FORNECIMENTO DE MATERIAIS HIDRÁULICOS",{"$nulls":7},0]
["1.2.3.1",13343,13343,"BRACADEIRA OU CINTA EM FG 6\" PARA FIXACAO EM POSTE CIRCULAR\"","un",1,24.52,{"$f":"ROUND(G289*(1+$K$10),2)","v":28.64},{"$f":"ROUND(H289*F289,2)","v":28.64},null,-4.120000000000001]
["1.3",null,"UNIDADE DO SISTEMA: ADUTORA DE ÁGUA BRUTA - FLUTUANTE/ ETA",{"$nulls":7},0]
["1.3.1",null,"FORNECIMENTO DAS TUBULAÇÕES",{"$nulls":7},0]
["1.3.1.1",25878,25878,"TUBO DE POLIETILENO PEAD PE-80 PN 12,5 DN 160 MM","m",1164,82.34,{"$f":"ROUND(G292*(1+$K$10),2)","v":96.17},{"$f":"ROUND(H292*F292,2)","v":111941.88},null,-13.829999999999998]
["1.3.2",null,"FORNECIMENTO DE EQUIPAMENTOS",{"$nulls":7},0]
["1.3.2.1",6027,6027,"REGISTRO DE GAVETA 4\" BRUTO LATÃO REF 1502 - B","un",2,480.22,{"$f":"ROUND(G294*(1+$K$10),2)","v":560.9},{"$f":"ROUND(H294*F294,2)","v":1121.8},null,-80.67999999999995]
["1.3.2.2",10442,10442,"VENTOSA SIMPLES FOFO C/ROSCA PN-25 DN 3/4","un",1,281.48,{"$f":"ROUND(G295*(1+$K$10),2)","v":328.77},328.77,null,-47.289999999999964]
["1.3.3",null,"FORNECIMENTO DE EQUIPAMENTOS",{"$nulls":7},0]
[null,null,"FORNECIMENTO DE MATERIAIS HIDRÁULICOS",{"$nulls":7},0]
["1.3.3.1","COTAÇÃO","COTAÇÃO","VALVULA CONTROLADORA DE VAZÃO PN 10 DN 75","un",2,2537,{"$f":"ROUND(G298*(1+$K$10),2)","v":2963.22},{"$f":"ROUND(H298*F298,2)","v":5926.44}]
["1.4",null,"UNIDADE DO SISTEMA: ADUTORAS DE ÁGUA TRATADA ",{"$nulls":7},0]
["1.4.1",null,"FORNECIMENTO DAS TUBULAÇÕES",{"$nulls":7},0]
["1.4.1.1",25888,25888,"TUBO DE POLIETILENO PEAD PE-80 PN 10 DN 110 MM","m",32,38.79,{"$f":"ROUND(G301*(1+$K$10),2)","v":45.31},{"$f":"ROUND(H301*F301,2)","v":1449.92},null,-6.5200000000000031]
["1.5",null,"UNIDADE DO SISTEMA: SUB-ADUTORAS DE ÁGUA TRATADA ",{"$nulls":7},0]
["1.5.1",null,"FORNECIMENTO DAS TUBULAÇÕES",{"$nulls":7},0]
["1.5.1.1",9846,9846,"TUBOS EM PVC RÍG. PBA, PB JE P/ ÁGUA Ø 75MM","m",25,19.920000000000002,{"$f":"ROUND(G304*(1+$K$10),2)","v":23.27},{"$f":"ROUND(H304*F304,2)","v":581.75},null,-3.3499999999999979]
["1.5.1.2",9844,9844,"TUBOS EM PVC RÍG. PBA, PB JE P/ ÁGUA Ø 50MM","m",32,9.76,{"$f":"ROUND(G305*(1+$K$10),2)","v":11.4},364.8,null,-1.6400000000000006]
["1.6",null,"UNIDADE DO SISTEMA: ESTAÇÃO DE TRATAMENTO DE ÁGUA (Q = 9,0 l/s)",{"$nulls":7},0]
["1.6.1",null,"FORNECIMENTO DE EQUIPAMENTOS",{"$nulls":7},0]
["1.6.1.1","COTAÇÃO","COTAÇÃO","COMPRESSOR DE AR DIRETO, PARA MISTURA DAS SOLUÇÕES QUÍMICAS, COM VAZÃO 2,3 PCM, PRESSÃO 40 PSIG, MOTOR ELÉTRICO MONOFÁSICO DE 0,5 CV, 220 V, 60 HZ.","un",3,314.8,{"$f":"ROUND(G308*(1+$K$10),2)","v":367.69},{"$f":"ROUND(H308*F308,2)","v":1103.07}]
["1.7",null,"UNIDADE DO SISTEMA: ESTAÇÃO ELEVATÓRIA (20 CV) E CASA DE QUÍMICA",{"$nulls":7},0]
["1.7.1",null,"FORNECIMENTO DAS TUBULAÇÕES",{"$nulls":7},0]
["1.7.1.1",7693,7693,"TUBO AÇO GALV C/ COSTURA DIN 2440/NBR 5580 CLASSE LEVE DN 4\"  E = 3,75MM - 10,55KG/M","m",1,92.24,{"$f":"ROUND(G311*(1+$K$10),2)","v":107.74},{"$f":"ROUND(H311*F311,2)","v":107.74},null,-15.5]
["1.7.1.2","COTAÇÃO","COTAÇÃO","TUBO FOFO C/ FLANGES DN 200MM L= 0,50M","un",1,1110.01,{"$f":"ROUND(G312*(1+$K$10),2)","v":1296.49},1296.49]
["1.7.2",null,"FORNECIMENTO DE EQUIPAMENTOS",{"$nulls":7},0]
["1.7.2.1","COTAÇÃO","COTAÇÃO","VÁLVULA DE PÉ DE FOFO DÚCTIL C/ CRIVO PN 10 DN 200 47 KG","un",1,1544.36,{"$f":"ROUND(G314*(1+$K$10),2)","v":1803.81},{"$f":"ROUND(H314*F314,2)","v":1803.81}]
["1.7.2.2",12898,12898,"MANÔMETRO DE PRESSÃO (DN 100, 150, 200 MM)  X DN 1 1/2\"","un",1,80.92,{"$f":"ROUND(G315*(1+$K$10),2)","v":94.51},94.51,null,-13.590000000000003]
["1.7.2.3",10407,10407,"VALVULA RETENCAO HORIZONTAL BRONZE (PN-25) 4\" ","un",2,1142.31,{"$f":"ROUND(G316*(1+$K$10),2)","v":1334.22},2668.44,null,-191.91000000000008]
["1.7.2.4","74194/001","74194/001","ESCADA TIPO MARINHEIRO EM TUBO GALVANIZADO 1 1/2\" 5 DEGRAUS","m",1,168.41,{"$f":"ROUND(G317*(1+$K$10),2)","v":196.7},196.7,null,-28.289999999999992]
["1.8",null,"UNIDADE DO SISTEMA: RESERVATÓRIO ENTERRADO 15 m³ ",{"$nulls":7},0]
["1.8.1",null,"FORNECIMENTO DAS TUBULAÇÕES",{"$nulls":7},0]
["1.8.1.1",7693,7693,"TUBO AÇO GALV C/ COSTURA DIN 2440/NBR 5580 CLASSE LEVE DN 4\"  E = 3,75MM - 10,55KG/M","m",1,92.24,{"$f":"ROUND(G320*(1+$K$10),2)","v":107.74},{"$f":"ROUND(H320*F320,2)","v":107.74},null,-15.5]
["1.9",null,"UNIDADE DO SISTEMA: RESERVATÓRIO VILA Nª Sª APARECIDA - 20 M³",{"$nulls":7},0]
["1.9.1",null,"FORNECIMENTO DE EQUIPAMENTOS",{"$nulls":7},0]
["1.9.1.1","COTAÇÃO","COTAÇÃO","VÁLVULA CONTROLADORA DE NÍVEL MÁXIMO DO RESERVATÓRIO Ø 2\"","un",1,1990,{"$f":"ROUND(G323*(1+$K$10),2)","v":2324.3200000000002},{"$f":"ROUND(H323*F323,2)","v":2324.3200000000002},"OK"]
["1.9.1.2","74194/001","74194/001","ESCADA TIPO MARINHEIRO EM TUBO GALVANIZADO 1 1/2\" 5 DEGRAUS","m",1,168.41,{"$f":"ROUND(G324*(1+$K$10),2)","v":196.7},196.7,null,-28.289999999999992]
["1.10",null,"UNIDADE DO SISTEMA: RESERVATÓRIO MELANCIA - 30 M³",{"$nulls":7},0]
["1.10.1",null,null,"FORNECIMENTO DE EQUIPAMENTOS",{"$nulls":6},0]
["1.10.1.1","COTAÇÃO","COTAÇÃO","VÁLVULA CONTROLADORA DE NÍVEL MÁXIMO DO RESERVATÓRIO Ø 2\"","un",1,1990,{"$f":"ROUND(G327*(1+$K$10),2)","v":2324.3200000000002},{"$f":"ROUND(H327*F327,2)","v":2324.3200000000002},"OK"]
["1.10.1.2","74194/001","74194/001","ESCADA TIPO MARINHEIRO EM TUBO GALVANIZADO 1 1/2\" 5 DEGRAUS","m",1,168.41,{"$f":"ROUND(G328*(1+$K$10),2)","v":196.7},196.7,null,-28.289999999999992]
["1.11",null,"UNIDADE DO SISTEMA: RESERVATÓRIO SUVELA - 10 M³ ",null,null,null,177.85,null,null,null,177.85]
["1.11.1",null,"FORNECIMENTO DE EQUIPAMENTOS",null,null,null,168.41,null,null,null,168.41]
["1.11.1.1","COTAÇÃO","COTAÇÃO","VÁLVULA CONTROLADORA DE NÍVEL MÁXIMO DO RESERVATÓRIO Ø 2\"","un",1,1990,{"$f":"ROUND(G331*(1+$K$10),2)","v":2324.3200000000002},{"$f":"ROUND(H331*F331,2)","v":2324.3200000000002},"OK"]
["1.11.1.2","74194/001","74194/001","ESCADA TIPO MARINHEIRO EM TUBO GALVANIZADO 1 1/2\" 5 DEGRAUS","m",1,168.41,{"$f":"ROUND(G332*(1+$K$10),2)","v":196.7},196.7,null,-28.289999999999992]
["1.12",null,"UNIDADE DO SISTEMA: RESERVATÓRIO COAN, SANTA AROEIRA E PIMENTEIRAS - 50 M³ ",null,null,null,177.85,null,null,null,177.85]
["1.12.1",null,"FORNECIMENTO DE EQUIPAMENTOS",null,null,null,168.41,null,null,null,168.41]
["1.12.1.1","COTAÇÃO","COTAÇÃO","VÁLVULA CONTROLADORA DE NÍVEL MÁXIMO DO RESERVATÓRIO Ø 2\"","un",1,1990,{"$f":"ROUND(G335*(1+$K$10),2)","v":2324.3200000000002},{"$f":"ROUND(H335*F335,2)","v":2324.3200000000002},"OK"]
["1.12.1.2","74194/001","74194/001","ESCADA TIPO MARINHEIRO EM TUBO GALVANIZADO 1 1/2\" 5 DEGRAUS","m",1,168.41,{"$f":"ROUND(G336*(1+$K$10),2)","v":196.7},196.7,null,{"$f":"G336-H336","v":-28.289999999999992}]
["1.13",null,"UNIDADE DO SISTEMA: RESERVATÓRIO VENEZA - 15 M³ ",null,null,null,177.85,null,null,null,177.85]
["1.13.1",null,"FORNECIMENTO DE EQUIPAMENTOS",null,null,null,168.41,null,null,null,168.41]
["1.13.1.1","COTAÇÃO","COTAÇÃO","VÁLVULA CONTROLADORA DE NÍVEL MÁXIMO DO RESERVATÓRIO Ø 2\"","un",1,1990,{"$f":"ROUND(G339*(1+$K$10),2)","v":2324.3200000000002},{"$f":"ROUND(H339*F339,2)","v":2324.3200000000002},"OK"]
["1.13.1.2","74194/001","74194/001","ESCADA TIPO MARINHEIRO EM TUBO GALVANIZADO 1 1/2\" 5 DEGRAUS","m",1,168.41,{"$f":"ROUND(G340*(1+$K$10),2)","v":196.7},196.7,null,-28.289999999999992]
["1.13.1.3",6012,6012," REGISTRO GAVETA 3\" BRUTO LATAO REF 1502-B ","un",2,282.14999999999998,{"$f":"ROUND(G341*(1+$K$10),2)","v":329.55},659.1,null,-47.400000000000034]
["1.13.1.4",6027,6027," REGISTRO GAVETA 4\" BRUTO LATAO REF 1502-B ","un",1,480.82,{"$f":"ROUND(G342*(1+$K$10),2)","v":561.6},561.6,null,-80.78000000000003]
["1.14",null,"UNIDADE DO SISTEMA: RESERVATÓRIO IGARAPÉ E LAGOA DOURADA - 20 M³ ",{"$nulls":7},0]
["1.14.1",null,"FORNECIMENTO DE EQUIPAMENTOS",{"$nulls":7},0]
["1.14.1.1","74194/001","74194/001","ESCADA TIPO MARINHEIRO EM TUBO GALVANIZADO 1 1/2\" 5 DEGRAUS","m",1,168.41,{"$f":"ROUND(G345*(1+$K$10),2)","v":196.7},{"$f":"ROUND(H345*F345,2)","v":196.7},null,-28.289999999999992]
["TOTAL SISTEMA 02 (SERVIÇOS+MATERIAIS)",{"$nulls":7},{"$f":"I9+I271","v":768331.31}]

{"sheet":"Sistema 3","index":4,"n_rows":354,"n_cols":12,"rows_kept":354,"cut":false,"hidden":false,"merged":[[140,2,140,3],[142,2,142,3],[37,2,37,3],[47,2,47,3],[46,0,46,8],[77,0,77,8],[0,0,2,0],[4,0,5,8],[7,2,7,3],[8,2,8,3],[9,2,9,3],[32,2,32,3],[33,2,33,3],[34,2,34,3],[0,2,2,8],[10,2,10,3],[11,2,11,3],[13,2,13,3],[17,2,17,3],[19,2,19,3],[27,2,27,3],[30,2,30,3],[60,2,60,3],[68,2,68,3],[134,2,134,3],[135,2,135,3],[78,2,78,3],[41,2,41,3],[44,2,44,3],[48,2,48,3],[49,2,49,3],[53,2,53,3],[137,2,137,3],[71,2,71,3],[74,2,74,3],[151,2,151,3],[153,2,153,3],[156,2,156,3],[160,2,160,3],[161,2,161,3],[159,0,159,8],[146,2,146,3],[148,2,148,3],[79,2,79,3],[80,2,80,3],[86,2,86,3],[90,2,90,3],[92,2,92,3],[94,0,94,8],[136,2,136,3],[95,2,95,3],[96,2,96,3],[97,2,97,3],[101,2,101,3],[108,2,108,3],[114,2,114,3],[116,2,116,3],[120,2,120,8],[130,2,130,3],[174,2,174,3],[180,2,180,3],[188,2,188,3],[190,2,190,3],[191,2,191,3],[162,2,162,3],[164,2,164,3],[166,2,166,3],[168,2,168,3],[172,2,172,3],[207,2,207,3],[209,2,209,3],[210,2,210,3],[211,2,211,3],[213,2,213,3],[192,2,192,3],[199,2,199,3],[203,2,203,3],[204,2,204,3],[205,2,205,3],[226,2,226,3],[227,2,227,3],[228,2,228,3],[232,2,232,3],[233,2,233,3],[216,2,216,3],[218,2,218,3],[220,2,220,3],[222,2,222,3],[223,2,223,3],[245,2,245,3],[246,2,246,3],[250,2,250,3],[251,2,251,3],[252,2,252,3],[265,0,265,8],[267,0,267,8],[266,6,266,7],[234,2,234,3],[238,2,238,3],[239,2,239,3],[240,2,240,3],[244,2,244,3],[297,2,297,3],[269,2,269,3],[281,2,281,3],[282,2,282,3],[284,2,284,3],[287,2,287,3],[256,2,256,3],[257,2,257,3],[258,2,258,3],[266,2,266,3],[268,2,268,3],[3,0,3,8],[337,2,337,3],[340,2,340,3],[341,2,341,3],[347,0,347,7],[328,2,328,3],[329,2,329,3],[332,2,332,3],[333,2,333,3],[336,2,336,3],[317,2,317,3],[320,2,320,3],[321,2,321,3],[324,2,324,3],[325,2,325,3],[298,2,298,3],[302,2,302,3],[309,2,309,3],[310,2,310,3],[313,2,313,3],[289,2,289,3],[290,2,290,3],[294,2,294,3],[295,2,295,3]]}
[]
[]
[]
["SISTEMA DE ABASTECIMENTO D'ÁGUA - REMANSO - BA"]
["REPLANILHAMENTO DA PLANILHA DO SISTEMA 03"]
[]
["ITEM",null,"ITEM                  (SINAPI FEV/14 - C/DESONERAÇÃO)","DESCRIÇÃO DE SERVIÇOS","Unid.","Quant.","P.UNIT. ","P.UNIT.C /BDI","Total","VALOR"]
[null,null,"SISTEMA 03",{"$nulls":5},{"$f":"(SUM(I9:I346)/2)","v":684489.93000000052},null,"BDI"]
[null,null,"SERVIÇOS",{"$nulls":5},{"$f":"SUM(I10:I265)","v":478817.87000000029},null,0.26440000000000002,0.23499999999999999]
[1,null,"UNIDADE DO SISTEMA: CAPTAÇÃO FLUTUANTE",{"$nulls":7},0.16800000000000001,0.18]
["1.0",null,"OBRAS CIVIS"]
["1.1",null,"Transporte de equipamentos, tubos e conexões"]
["1.1.1","COMPOSIÇÃO","COMPOSIÇÃO","CARGA E DESCARGA DE TUBO DE FERRO, FOFO DUCTIL OU AÇO CARBONO PARA Ø ATÉ 300MM","t",0.36,{"$f":"Composições!H208","v":29.758999999999997},{"$f":"ROUND(G13*(1+$K$9),2)","v":37.630000000000003},{"$f":"ROUND(H13*F13,2)","v":13.55}]
["1.2",null,"Execução de blocos de ancoragem"]
["1.2.1","74076/001","74076/001","FORMA PINHO 3A P/CONCRETO EM FUNDAÇÃO REAPROV 3 VEZES - CORTE/MONTAGEM /ESCORAMENTO/DESFORMA, NÃO INCLUÍDO DEMOLDANTE","m²",39.049999999999997,38.06,{"$f":"ROUND(G15*(1+$K$9),2)","v":48.12},{"$f":"ROUND(H15*F15,2)","v":1879.09}]
["1.2.2","COMPOSIÇÃO","COMPOSIÇÃO","CONCRETO FCK 15 MPA (1:2:5:3),INCLUIDO PREPARO MECANICO, LANÇAMENTO E ADENSAMENTO.","m³",4.5599999999999996,{"$f":"Composições!H139","v":507.14779999999996},{"$f":"ROUND(G16*(1+$K$9),2)","v":641.24},{"$f":"ROUND(H16*F16,2)","v":2924.05}]
["1.2.3","74254/002","74254/002","ARMAÇÃO AÇO CA-50, DIAMETRO 6.3 (1/4) Á 12,5mm (1/2) - FORNECIMENTO E CORTE  (Kg PERDA DE 10%) / DOBRA / COLOCAÇÃO","Kg",480,6.05,7.65,3672]
["1.3",null,"Assentamento, montagem e instalações"]
["1.3.1","COMPOSIÇÃO","COMPOSIÇÃO","ASSENTAMENTO DE MANGOTE FLEXÍVEL PARA CAPTAÇÃO FLUTUANTE  Ø 100 MM","m",15,{"$f":"Composições!H111","v":38.700000000000003},{"$f":"ROUND(G19*(1+$K$9),2)","v":48.93},{"$f":"ROUND(H19*F19,2)","v":733.95}]
["1.4",null,"Instalação elétrica"]
["1.4.1","Composição","Composição","FORNECIMENTO E INSTALAÇÃO DOS ELETRODUTOS, CABOS, QUADRO, PONTOS DE FORÇA DOS MOTORES, TOMADA, INTERRUPTOR, LUMINÁRIAS DA CAPTAÇÃO","und",1,{"$f":"'Composição eletrica'!G248","v":8826.16},{"$f":"G21","v":8826.16},{"$f":"ROUND(H21*F21,2)","v":8826.16}]
["1.4.2","Composição","Composição","FORNECIMENTO E INSTALAÇÃO DA SUBESTAÇÃO ABAIXADORA DE 30 KVA E INTERLIGAÇÃO (CIRCUITO ALIMENTADOR) DA SE AO QGBT DA ETA/CAPTAÇÃO","und",1,{"$f":"'Composição eletrica'!G136","v":18377.5},{"$f":"G22","v":18377.5},18377.5]
["1.4.3","Composição","Composição","FORNECIMENTO E INSTALAÇÃO PARA A EXTENSÃO DE REDE ELÉTRICA DE MÉDIA TENSÃO, 13,8KV, TRIFÁSICO","km",0.2,{"$f":"'Composição eletrica'!G307","v":70593.22},{"$f":"G23","v":70593.22},14118.64]
["1.4.4","73836/002","73836/002","INSTALAÇÃO DE CONJUNTO MOTOR-BOMBA HORIZONTAL DE 12,5 A 25CV","und",2,298.41000000000003,{"$f":"G24","v":298.41000000000003},596.82000000000005]
["1.4.5","Composição","Composição","INSTALAÇÃO/MONTAGEM ELÉTRICA E MECÂNICA DA CAPTAÇÃO FLUTUANTE","und",1,{"$f":"'Composição eletrica'!G355","v":434.6},{"$f":"G25","v":434.6},434.6]
["1.4.6","COMPOSIÇÃO","COMPOSIÇÃO"," INSTALAÇÃO DE CABO EPROTENAX 4 X 50 MM.","m",4100,{"$f":"Composições!H253","v":7.9399999999999995},{"$f":"ROUND(G26*(1+$K$9),2)","v":10.039999999999999},41164]
["1.4.7","COMPOSIÇÃO","COMPOSIÇÃO"," INSTALAÇÃO DE ELETRODUTO PVC 4\", INCLUSIVE ESCAVAÇÃO E REATERRO","m",200,{"$f":"Composições!H264","v":22.630000000000003},28.61,5722]
["1.5",null,"Pintura"]
["1.5.1","74064/001","74064/001","FUNDO ANTICORROSIVO A BASE DE OXIDO DE FERRO (ZARÇÃO)-DUAS DEMÃOS","m²",21.18,10.18,{"$f":"ROUND(G29*(1+$K$9),2)","v":12.87},{"$f":"ROUND(H29*F29,2)","v":272.58999999999997}]
["1.5.2","73924/002","73924/002","PINTURA ESMALTE EM ESQUADRIA DE FERRO - 2 DEMÃOS","m²",21.18,13.2,{"$f":"ROUND(G30*(1+$K$9),2)","v":16.690000000000001},{"$f":"ROUND(H30*F30,2)","v":353.49}]
["1.6",null,"Diversos"]
["1.6.1","COMPOSIÇÃO","COMPOSIÇÃO","CORRENTE EM AÇO GALVANIZADO","m",48,{"$f":"Composições!H595","v":19.987977369616317},{"$f":"ROUND(G32*(1+$K$9),2)","v":25.27},{"$f":"ROUND(H32*F32,2)","v":1212.96}]
[2,null,"UNIDADE DO SISTEMA: CONSTRUÇÃO DO ABRIGO PARA COMANDO DA BOMBA"]
["2.0",null,"OBRAS CIVIS"]
["2.1",null,"Esquadrias"]
["2.1.1",85334,85334,"RETIRADA DE ESQUARIA METALICA ","m²",1.68,6.3,{"$f":"ROUND(G36*(1+$K$9),2)","v":7.97},{"$f":"ROUND(H36*F36,2)","v":13.39}]
["2.1.2","COMPOSIÇÃO","COMPOSIÇÃO","ASSENTAMENTO DE ESQUADRIA METALICA ","m²",1.68,{"$f":"Composições!H274","v":27.950000000000003},{"$f":"ROUND(G37*(1+$K$9),2)","v":35.340000000000003},{"$f":"ROUND(H37*F37,2)","v":59.37}]
["2.2",null,"Pintura"]
["2.2.1","COMPOSIÇÃO","COMPOSIÇÃO","PINTURA DA LOGOMARCA DA CODEVASF","un",2,{"$f":"Composições!H347","v":188.31200000000001},{"$f":"ROUND(G39*(1+$K$9),2)","v":238.1},{"$f":"ROUND(H39*F39,2)","v":476.2}]
["2.2.2","73924/002","73924/002","PINTURA ESMALTE EM ESQUADRIA DE FERRO - 2 DEMÃOS","m²",3.36,13.2,{"$f":"ROUND(G40*(1+$K$9),2)","v":16.690000000000001},{"$f":"ROUND(H40*F40,2)","v":56.08}]
["2.2.3","73954/003","73954/003","PINTURA LATEX ACRILICA - 1 DEMÃOS","m²",59.05,13.27,{"$f":"ROUND(G41*(1+$K$9),2)","v":16.78},{"$f":"ROUND(H41*F41,2)","v":990.86}]
["2.3",null,"Urbanização"]
["2.3.1","74084/001","74084/001","PORTA CADEADO ZICADO OXIDADO PRETO COMCADEADO DE AÇO GRAFITADO OXIDADO ENVERNIZADO 45MM","un",1,31.5,{"$f":"ROUND(G43*(1+$K$9),2)","v":39.83},{"$f":"ROUND(H43*F43,2)","v":39.83}]
["2.3.2","73924/002","73924/002","PINTURA ESMALTE EM ESQUADRIA DE FERRO - 2 DEMÃOS","m²",4,13.2,{"$f":"ROUND(G44*(1+$K$9),2)","v":16.690000000000001},{"$f":"ROUND(H44*F44,2)","v":66.760000000000005}]
["2.4",null,"Serviços finais"]
["2.4.1",9537,9537,"LIMPEZA FINAL DA OBRA","m²",5.29,1,{"$f":"ROUND(G46*(1+$K$9),2)","v":1.26},{"$f":"ROUND(H46*F46,2)","v":6.67}]
[]
[3,null,"UNIDADE DO SISTEMA: ADUTORA DE ÁGUA BRUTA - FLUTUANTE/ ETA"]
["3.0",null,"OBRAS CIVIS"]
["3.1",null,"Serviços Preliminares"]
["3.1.1",73679,73679,"LOCAÇÃO DA ADUTORA","m",584,0.56000000000000005,{"$f":"ROUND(G51*(1+$K$9),2)","v":0.71},{"$f":"ROUND(H51*F51,2)","v":414.64}]
["3.1.2","COMPOSIÇÃO","COMPOSIÇÃO","ACOMPANHAMENTO TOPOGRÁFICO","dia",1.5,{"$f":"Composições!H284","v":205.68},{"$f":"ROUND(G52*(1+$K$9),2)","v":260.06},{"$f":"ROUND(H52*F52,2)","v":390.09}]
["3.1.3","COMPOSIÇÃO","COMPOSIÇÃO","SINALIZAÇÃO ABERTA SEM ILUMINAÇÃO, MONTANTES DE H=1,00M E TELA EM PVC, INCLUINDO FORNECIMNTO, TRANSPORTE, INSTALAÇÃO E REMOÇÃO PARA OUTRO LOCAL DA OBRA","m",380,{"$f":"Composições!H295","v":23.220000000000002},{"$f":"ROUND(G53*(1+$K$9),2)","v":29.36},{"$f":"ROUND(H53*F53,2)","v":11156.8}]
["3.2",null,"Movimento de terra"]
["3.2.1","73965/010","73965/010","ESCAVAÇÃO MANUAL DE VALAS EM SOLO DE 1ª CAT. EXEC. COM PROFUNDIDADE ATÉ 1,5M EXCLUINDO ESGOTAMENTO / ESCORAMENTO","m³",38.6,22.07,{"$f":"ROUND(G55*(1+$K$9),2)","v":27.91},{"$f":"ROUND(H55*F55,2)","v":1077.33}]
["3.2.2","73965/001","73965/001","ESCAVAÇÃO MANUAL DE VALAS , A FRIO EM MATERIAL DE 2ª CATEGORIA, COM PROFUNDIDADE ATÉ 1,5M","m³",{"$f":"96.4-F55","v":57.800000000000004},47.3,59.81,3457.02]
["3.2.3","73962/013","73962/013","ESCAVACAO DE VALA NAO ESCORADA EM MATERIAL 1A CATEGORIA , PROFUNDIDADE ATE 1,5 M COM ESCAVADEIRA HIDRAULICA 105 HP(CAPACIDADE DE 0,78M3), SEM ESGOTAMENTO","m³",170.4,3.59,4.54,773.62]
["3.2.4","SERVIÇO 74015/001","SERVIÇO 74015/001","EXEC. DE ATERRO EM VALAS/POCOS/CAVAS DE FUNDACAO C/ SOLO PROVENIENTE DAS ESCAVACOES,  INCL. LANCAM.,  ESPALHAM.,  COMPACT. C/ PLACA VIBRAT.,  SOQUETE PNEUMATICO ","m³",{"$f":"152.9+24+37.2","v":214.10000000000002},14.97,18.93,4052.91]
["3.2.5","74010/001","74010/001","CARGA E DESCARGA MECANIZADA DE MATERIAL DE 1ª E 2ª CATEGORIA EM CAMINHÃO BASCULANTE","m³",{"$f":"(F55+F56+F57)-F58","v":52.699999999999989},0.98,1.24,65.349999999999994]
["3.2.6",72855,72855,"TRANSPORTE LOCAL  COM CAMINHÃO BASCULHANTE 6M³, EM RODOVIA EM LEITO NATURAL DMT 800 A 1.000M","m³",{"$f":"F59","v":52.699999999999989},2.79,3.53,186.03]
["3.3",null,"Assentamento e Envelopamento das tubulações"]
["3.3.1","COMPOSIÇÃO","COMPOSIÇÃO","CARGA E DESCARGA DE TUBULAÇÃO EM POLIETILENO PARA Ø ATÉ 160MM","m",584,{"$f":"Composições!H304","v":1.4778815999999999},{"$f":"ROUND(G62*(1+$K$9),2)","v":1.87},{"$f":"ROUND(H62*F62,2)","v":1092.08}]
["3.3.2","COMPOSIÇÃO","COMPOSIÇÃO","MOMENTO DE TRANSPORTE DE TUBULAÇÃO, PEÇAS E CONEXÕES EM POLIETILENO DE ALTA DENSIDADE, PEAD, PE-80 ATÉ 160 MM","m",584,{"$f":"Composições!H313","v":0.94619999999999993},{"$f":"ROUND(G63*(1+$K$9),2)","v":1.2},{"$f":"ROUND(H63*F63,2)","v":700.8}]
["3.3.3","COMPOSIÇÃO","COMPOSIÇÃO","ASSENTAMENTO DE TUBO DE POLIETILENO PEAD PE-80 PN 12,5 DN 160 MM","m",584,{"$f":"Composições!H559","v":1.25},1.58,922.72]
["3.3.4","73884/003","73884/003","INSTALAÇÃO DE VÁLVULAS OU REGISTRO COM JUNTA ELÁSTICA DN 100","un",8,48.62,61.48,491.84]
["3.3.5","COMPOSIÇÃO","COMPOSIÇÃO","RETIRADA DE TUBO DE POLIETILENO PEAD PE-80 PN 12,5 DN 160 MM","m",284,{"$f":"Composições!H567","v":1.25},1.58,448.72]
["3.3.6","COMPOSIÇÃO","COMPOSIÇÃO","EXECUÇÃO DE ENVELOPAMENTO DE TUBULAÇÃO EM CONCRETO SIMPLES,INCLUIDO PREPARO MECANICO, LANÇAMENTO E ADENSAMENTO.","m³",15,{"$f":"Composições!H152","v":687.76},869.6,13044]
["3.3.7","COMPOSIÇÃO","COMPOSIÇÃO","ASSENTAMENTO DE CONEXÃO EM PEAD PE-80 EM GERAL","un",{"$f":"6+8","v":14},{"$f":"Composições!H164","v":91.81},116.08,1625.12]
["3.4",null,"Caixas para válvulas, ventosas e energia"]
["3.4.1","COMPOSIÇÃO","COMPOSIÇÃO","CONSTRUÇÃO DE CAIXA DE ALVENARIA COM TAMPA METÁLICA E PORTA CADEADO, COM FUNDO DRENANTE, FORRADO DE BRITA (5,0 CM) PARA ABRIGAR OS REGISTROS DE GAVETA, COM DIMENSÕES 1,0 X 1,0 X 1,0.","un",8,{"$f":"Composições!H464","v":519.30427999999995},{"$f":"ROUND(G70*(1+$K$9),2)","v":656.61},{"$f":"ROUND(H70*F70,2)","v":5252.88}]
["3.4.2","74166/001","74166/001","CAIXA PRE-MOLDADA DE D=60CM PARA REDE ELETRICA","un",82,123.18,{"$f":"ROUND(G71*(1+$K$9),2)","v":155.75},{"$f":"ROUND(H71*F71,2)","v":12771.5}]
["3.5",null,"Bloco de Ancoragem e Descarga"]
["3.5.1","74007/002","74007/002","FORMA COMUM DE MADEIRA","m²",11.2,55,{"$f":"ROUND(G73*(1+$K$9),2)","v":69.540000000000006},{"$f":"ROUND(H73*F73,2)","v":778.85}]
["3.5.2","COMPOSIÇÃO","COMPOSIÇÃO","CONCRETO FCK 15 MPA (1:2:5:3),INCLUIDO PREPARO MECANICO, LANÇAMENTO E ADENSAMENTO.","m³",0.88,{"$f":"Composições!H139","v":507.14779999999996},{"$f":"ROUND(G74*(1+$K$9),2)","v":641.24},{"$f":"ROUND(H74*F74,2)","v":564.29}]
["3.6",null,"Serviços Diversos"]
["3.6.1",73678,73678,"CADASTRO DA ADUTORA","m",584,1.72,{"$f":"ROUND(G76*(1+$K$9),2)","v":2.17},{"$f":"ROUND(H76*F76,2)","v":1267.28}]
["3.6.2","COMPOSIÇÃO","COMPOSIÇÃO","TESTE HIDROSTÁTICO EM REDE DE ÁGUA/ADUTORA","m",4632,{"$f":"Composições!H474","v":0.22534699999999999},{"$f":"ROUND(G77*(1+$K$9),2)","v":0.28000000000000003},{"$f":"ROUND(H77*F77,2)","v":1296.96}]
[]
[4,null,"UNIDADE DO SISTEMA: ADUTORAS DE ÁGUA TRATADA"]
["4.0",null,"OBRAS CIVIS"]
["4.1",null,"Movimento de terra"]
["4.1.1","73965/010","73965/010","ESCAVAÇÃO MANUAL DE VALAS EM SOLO DE 1ª CAT. EXEC. COM PROFUNDIDADE ATÉ 1,5M EXCLUINDO ESGOTAMENTO / ESCORAMENTO","m³",{"$f":"17.6+281","v":298.60000000000002},22.07,{"$f":"ROUND(G82*(1+$K$9),2)","v":27.91},{"$f":"ROUND(H82*F82,2)","v":8333.93}]
["4.1.2","73965/001","73965/001","ESCAVAÇÃO MANUAL DE VALAS , A FRIO EM MATERIAL DE 2ª CATEGORIA, COM PROFUNDIDADE ATÉ 1,5M","m³",70.400000000000006,47.3,59.81,4210.62]
["4.1.3","SERVIÇO 74015/001","SERVIÇO 74015/001","EXEC. DE ATERRO EM VALAS/POCOS/CAVAS DE FUNDACAO C/ SOLO PROVENIENTE DAS ESCAVACOES,  INCL. LANCAM.,  ESPALHAM.,  COMPACT. C/ PLACA VIBRAT.,  SOQUETE PNEUMATICO ","m³",{"$f":"66+281","v":347},14.97,18.93,6568.71]
["4.1.4","74010/001","74010/001","CARGA E DESCARGA MECANIZADA DE MATERIAL DE 1ª E 2ª CATEGORIA EM CAMINHÃO BASCULANTE","m³",22,0.98,1.24,27.28]
["4.1.5",72855,72855,"TRANSPORTE LOCAL  COM CAMINHÃO BASCULHANTE 6M³, EM RODOVIA EM LEITO NATURAL DMT 800 A 1.000M","m³",{"$f":"F85","v":22},2.79,3.53,77.66]
["4.2",null,"Assentamento e Envelopamento das tubulações"]
["4.2.1","73884/003","73884/003","INSTALAÇÃO DE VÁLVULAS OU REGISTRO COM JUNTA ELÁSTICA DN 100","un",22,48.62,{"$f":"ROUND(G88*(1+$K$9),2)","v":61.48},{"$f":"ROUND(H88*F88,2)","v":1352.56}]
["4.2.2","COMPOSIÇÃO","COMPOSIÇÃO","EXECUÇÃO DE ENVELOPAMENTO DE TUBULAÇÃO EM CONCRETO SIMPLES,INCLUIDO PREPARO MECANICO, LANÇAMENTO E ADENSAMENTO.","m³",2.35,{"$f":"Composições!H152","v":687.76},{"$f":"ROUND(G89*(1+$K$9),2)","v":869.6},{"$f":"ROUND(H89*F89,2)","v":2043.56}]
["4.2.3","COMPOSIÇÃO","COMPOSIÇÃO","ASSENTAMENTO DE CONEXÃO EM PEAD PE-80 EM GERAL","un",{"$f":"22+10+281","v":313},{"$f":"Composições!H164","v":91.81},{"$f":"ROUND(G90*(1+$K$9),2)","v":116.08},{"$f":"ROUND(H90*F90,2)","v":36333.040000000001}]
["4.3",null,"Caixas para válvulas e ventosas"]
["4.3.1","COMPOSIÇÃO","COMPOSIÇÃO","CONSTRUÇÃO DE CAIXA DE ALVENARIA COM TAMPA METÁLICA E PORTA CADEADO, COM FUNDO DRENANTE, FORRADO DE BRITA (5,0 CM) PARA ABRIGAR OS REGISTROS DE GAVETA, COM DIMENSÕES 1,0 X 1,0 X 1,0.","un",22,{"$f":"Composições!H464","v":519.30427999999995},{"$f":"ROUND(G92*(1+$K$9),2)","v":656.61},{"$f":"ROUND(H92*F92,2)","v":14445.42}]
["4.4",null,"Serviços Diversos"]
["4.4.1","COMPOSIÇÃO","COMPOSIÇÃO","TESTE HIDROSTÁTICO EM REDE DE ÁGUA/ADUTORA","m",12427.01,{"$f":"Composições!H474","v":0.22534699999999999},{"$f":"ROUND(G94*(1+$K$9),2)","v":0.28000000000000003},{"$f":"ROUND(H94*F94,2)","v":3479.56}]
[]
[5,null,"UNIDADE DO SISTEMA: SUB-ADUTORAS DE ÁGUA TRATADA"]
["5.0",null,"OBRAS CIVIS"]
["5.1",null,"Serviços Preliminares"]
["5.1.1",73679,73679,"LOCAÇÃO DA ADUTORA","m",77.2,0.56000000000000005,{"$f":"ROUND(G99*(1+$K$9),2)","v":0.71},{"$f":"ROUND(H99*F99,2)","v":54.81}]
["5.1.2","COMPOSIÇÃO","COMPOSIÇÃO","ACOMPANHAMENTO TOPOGRÁFICO","dia",1,{"$f":"Composições!H284","v":205.68},{"$f":"ROUND(G100*(1+$K$9),2)","v":260.06},{"$f":"ROUND(H100*F100,2)","v":260.06}]
["5.1.3","COMPOSIÇÃO","COMPOSIÇÃO","SINALIZAÇÃO ABERTA SEM ILUMINAÇÃO, MONTANTES DE H=1,00M E TELA EM PVC, INCLUINDO FORNECIMNTO, TRANSPORTE, INSTALAÇÃO E REMOÇÃO PARA OUTRO LOCAL DA OBRA","m",65,{"$f":"Composições!H295","v":23.220000000000002},{"$f":"ROUND(G101*(1+$K$9),2)","v":29.36},{"$f":"ROUND(H101*F101,2)","v":1908.4}]
["5.2",null,"Movimento de terra"]
["5.2.1","73965/010","73965/010","ESCAVAÇÃO MANUAL DE VALAS EM SOLO DE 1ª CAT. EXEC. COM PROFUNDIDADE ATÉ 1,5M EXCLUINDO ESGOTAMENTO / ESCORAMENTO","m³",13.6,22.07,{"$f":"ROUND(G103*(1+$K$9),2)","v":27.91},{"$f":"ROUND(H103*F103,2)","v":379.58}]
["5.2.2",72915,72915,"ESCAVAÇÃO MECANIZADA DE MATERIAL DE  2ª CATEGORIA","m³",54.4,9.44,11.94,649.54]
["5.2.3","SERVIÇO 74015/001","SERVIÇO 74015/001","EXEC. DE ATERRO EM VALAS/POCOS/CAVAS DE FUNDACAO C/ SOLO PROVENIENTE DAS ESCAVACOES,  INCL. LANCAM.,  ESPALHAM.,  COMPACT. C/ PLACA VIBRAT.,  SOQUETE PNEUMATICO ","m³",46.3,14.97,18.93,876.46]
["5.2.4","73904/001","73904/001","EXECUÇÃO DE ATERRO EM VALAS, POÇOS, CAVAS DE FUNDAÇÃO COM AQUISIÇÃO DE MATERIAL, INC. LANÇ., ESPAL., COMPAC. MANUAL","m³",8,60.17,76.08,608.64]
["5.2.5","74010/001","74010/001","CARGA E DESCARGA MECANIZADA DE MATERIAL DE 2ª E 3ª CATEGORIA EM CAMINHÃO BASCULANTE","m³",25,0.98,1.24,31]
["5.2.6",72855,72855,"TRANSPORTE LOCAL  COM CAMINHÃO BASCULHANTE 6M³, EM RODOVIA EM LEITO NATURAL DMT 800 A 1.000M","m³",25,2.79,3.53,88.25]
["5.3",null,"Assentamento e Envelopamento das tubulações"]
["5.3.1","COMPOSIÇÃO","COMPOSIÇÃO","CARGA E DESCARGA DE TUBULAÇÃO EM PVC RÍGIDO PARA Ø ATÉ 350MM","m",77.2,{"$f":"Composições!H181","v":0.73044000000000009},{"$f":"ROUND(G110*(1+$K$9),2)","v":0.92},{"$f":"ROUND(H110*F110,2)","v":71.02}]
["5.3.2","COMPOSIÇÃO","COMPOSIÇÃO","MOMENTO DE TRANSPORTE DE TUBULAÇÃO, PEÇAS E CONEXÕES EM PVC RÍGIDO DN ATÉ 350 MM","m",77.2,{"$f":"Composições!H190","v":1.2174000000000003},1.54,118.89]
["5.3.3","73888/001","73888/001","ASSENTAMENTO DE TUBOS E CONEXÕES EM PVC RÍG. PBA, PB JE P/ ÁGUA Ø 50MM","m",77.2,0.71,0.9,69.48]
["5.3.4","73884/003","73884/003","INSTALAÇÃO DE VÁLVULAS OU REGISTRO COM JUNTA ELÁSTICA DN 100","un",17,48.62,61.48,1045.1600000000001]
["5.3.5","COMPOSIÇÃO","COMPOSIÇÃO","EXECUÇÃO DE ENVELOPAMENTO DE TUBULAÇÃO EM CONCRETO SIMPLES,INCLUIDO PREPARO MECANICO, LANÇAMENTO E ADENSAMENTO.","m³",5.16,{"$f":"Composições!H152","v":687.76},869.6,4487.1400000000003]
["5.4",null,"Caixas para válvulas e ventosas"]
["5.4.1","COMPOSIÇÃO","COMPOSIÇÃO","CONSTRUÇÃO DE CAIXA DE ALVENARIA COM TAMPA METÁLICA E PORTA CADEADO, COM FUNDO DRENANTE, FORRADO DE BRITA (5,0 CM) PARA ABRIGAR OS REGISTROS DE GAVETA, COM DIMENSÕES 1,0 X 1,0 X 1,0.","un",17,{"$f":"Composições!H464","v":519.30427999999995},{"$f":"ROUND(G116*(1+$K$9),2)","v":656.61},{"$f":"ROUND(H116*F116,2)","v":11162.37}]
["5.5",null,"Bloco de Ancoragem e Descarga"]
["5.5.1","74076/001","74076/001","FORMA PINHO 3A P/CONCRETO EM FUNDAÇÃO REAPROV 3 VEZES - CORTE/MONTAGEM /ESCORAMENTO/DESFORMA, NÃO INCLUÍDO DEMOLDANTE","m²",11.2,38.6,{"$f":"ROUND(G118*(1+$K$9),2)","v":48.81},{"$f":"ROUND(H118*F118,2)","v":546.66999999999996}]
["5.5.2","COMPOSIÇÃO","COMPOSIÇÃO","CONCRETO FCK 15 MPA (1:2:5:3),INCLUIDO PREPARO MECANICO, LANÇAMENTO E ADENSAMENTO.","m³",0.78,{"$f":"Composições!H139","v":507.14779999999996},641.24,500.17]
["5.5.3","74254/002","74254/002","ARMAÇÃO AÇO CA-50, DIAMETRO 6.3 (1/4) Á 12,5mm (1/2) - FORNECIMENTO E CORTE  (Kg PERDA DE 10%) / DOBRA / COLOCAÇÃO","Kg",80,6.05,7.65,612]
["5.6",null,"TRAVESSIAS SUBTERRÂNEAS EM RODOVIAS CONFORME ESPECIFICAÇÕES TÉCNICAS DO DERBA"]
["5.6.1","COMPOSIÇÃO","composição","ELABORAÇÃO DE PROJETO EXECUTIVO E DETALHAMENTO DE TRAVESSIA SUBTERRÂNEA PELO MÉTODO NÃO DESTRUTIVO CONFORME ESPECIFICAÇÕES E ORIENTAÇÕES DO DERBA","und.",1,{"$f":"Composições!H407","v":237.98000000000002},{"$f":"ROUND(G122*(1+$K$9),2)","v":300.89999999999998},{"$f":"ROUND(H122*F122,2)","v":300.89999999999998}]
["5.6.2","COMPOSIÇÃO","composição","EXECUCAO DE TRAVESSIA SUBTERRANEA PELO METODO NÃO DESTRUTIVEL - perfuração 250 mm INSERINDO TUBO - INCLUSIVE MOBILIZAÇÃO E DESMOBILIZAÇÃO (adutora de 150mm)","m",20,{"$f":"1146*1.1","v":1260.6000000000001},1510.87,30217.4]
["5.6.3","COMPOSIÇÃO","composição","EXECUCAO DE TRAVESSIA SUBTERRANEA PELO METODO NÃO DESTRUTIVEL - perfuração 250 mm - INCLUSIVE MOBILIZAÇÃO E DESMOBILIZAÇÃO (adutora de 150 mm)","m",20,1146,1449,28980]
["5.6.4","COMPOSIÇÃO","composição","EXECUCAO DE POCO DE ATAQUE - ENTRADA","m³",36,{"$f":"Composições!H426","v":130.63220000000001},165.17,5946.12]
["5.6.5","COMPOSIÇÃO","composição","EXECUCAO DE POCO DE ATAQUE - SAIDA","m³",36,{"$f":"Composições!H426","v":130.63220000000001},165.17,5946.12]
["5.6.6","COMPOSIÇÃO","composição","ASSENTAMENTO DE BOLSA X FLANGE FF DN 150MM PN 10,  INCLUINDO INSTALAÇÃO DE ANÉIS DE VEDAÇÃO","und.",4,{"$f":"Composições!H434","v":5.9975999999999994},7.58,30.32]
["5.6.7","COMPOSIÇÃO","composição","INSTALAÇÃO DE REGISTROS DE GAVETA FLANGEADO FF 150 MM","und.",4,{"$f":"Composições!H443","v":9.3919999999999995},11.88,47.52]
["5.6.8","73888/004","73888/004","ASSENTAMENTO TUBO PVC COM JUNTA ELASTICA, DN 150 MM - (OU RPVC, OU PVC M 1,39\nDEFOFO, OU PRFV P/ AGUA","m",20,1.43,1.81,36.200000000000003]
["5.6.9","COMPOSIÇÃO","composição","CONSTRUÇÃO DE CAIXA DE ALVENARIA COM TAMPA METÁLICA E PORTA CADEADO, COM FUNDO DRENANTE, FORRADO DE BRITA (5,0 CM) PARA ABRIGAR OS REGISTROS DE GAVETA, COM DIMENSÕES 1,0 X 1,0 X 1,0.","und.",2,{"$f":"Composições!H464","v":519.30427999999995},656.61,1313.22]
["5.7",null,"Serviços Diversos"]
["5.7.1",73678,73678,"CADASTRO DA ADUTORA","m",77.2,1.72,{"$f":"ROUND(G132*(1+$K$9),2)","v":2.17},{"$f":"ROUND(H132*F132,2)","v":167.52}]
["5.7.2","COMPOSIÇÃO","COMPOSIÇÃO","TESTE HIDROSTÁTICO EM REDE DE ÁGUA/ADUTORA","m",9359.86,{"$f":"Composições!H474","v":0.22534699999999999},{"$f":"ROUND(G133*(1+$K$9),2)","v":0.28000000000000003},{"$f":"ROUND(H133*F133,2)","v":2620.7600000000002}]
[]
[6,null,"UNIDADE DO SISTEMA: ESTAÇÃO DE TRATAMENTO DE ÁGUA (Q = 13,0 l/s)"]
["6.0",null,"OBRAS CIVIS"]
["6.1",null,"SUMIDOURO 2,5 X 2,5 m"]
["6.1.1",null,"Serviços Preliminares"]
["6.1.1.1","73948/016","73948/016","Limpeza do terreno","m²",50,1.57,{"$f":"ROUND(G139*(1+$K$9),2)","v":1.99},{"$f":"ROUND(H139*F139,2)","v":99.5}]
["6.1.1.2","73992/001","73992/001","LOCAÇÃO DA OBRA","m²",9,8.84,{"$f":"ROUND(G140*(1+$K$9),2)","v":11.18},{"$f":"ROUND(H140*F140,2)","v":100.62}]
["6.1.2",null,"Movimento de terra"]
["6.1.2.1","73904/001","73904/001","EXECUÇÃO DE ATERRO EM VALAS, POÇOS, CAVAS DE FUNDAÇÃO COM AQUISIÇÃO DE MATERIAL, INC. LANÇ., ESPAL., COMPAC. MANUAL","m³",108,60.17,{"$f":"ROUND(G142*(1+$K$9),2)","v":76.08},{"$f":"ROUND(H142*F142,2)","v":8216.64}]
["6.1.3",null,"Fundações  e Estrutura"]
["6.1.3.1","74076/001","74076/001","FORMA PINHO 3A P/CONCRETO EM FUNDAÇÃO REAPROV 3 VEZES - CORTE/MONTAGEM /ESCORAMENTO/DESFORMA, NÃO INCLUÍDO DEMOLDANTE","m²",4,38.06,{"$f":"ROUND(G144*(1+$K$9),2)","v":48.12},{"$f":"ROUND(H144*F144,2)","v":192.48}]
["6.1.3.2","74254/002","74254/002","ARMAÇÃO AÇO CA-50, DIAMETRO 6.3 (1/4) Á 12,5mm (1/2) - FORNECIMENTO E CORTE  (Kg PERDA DE 10%) / DOBRA / COLOCAÇÃO","Kg",35,6.05,{"$f":"ROUND(G145*(1+$K$9),2)","v":7.65},{"$f":"ROUND(H145*F145,2)","v":267.75}]
["6.1.3.3","COMPOSIÇÃO","COMPOSIÇÃO","CONCRETO FCK 15 MPA (1:2:5:3),INCLUIDO PREPARO MECANICO, LANÇAMENTO E ADENSAMENTO.","m³",0.41,{"$f":"Composições!H139","v":507.14779999999996},{"$f":"ROUND(G146*(1+$K$9),2)","v":641.24},{"$f":"ROUND(H146*F146,2)","v":262.91000000000003}]
["6.1.4",null,"Vedação"]
["6.1.4.1","73935/002","73935/002","ALVENARIA DE TIJOLO CERÂMICO 1 VEZ","m²",8.8000000000000007,48.04,{"$f":"ROUND(G148*(1+$K$9),2)","v":60.74},{"$f":"ROUND(H148*F148,2)","v":534.51}]
["6.1.5",null,"Revestimento"]
["6.1.5.1","73928/001","73928/001","CHAPISCO ","m²",17.600000000000001,3.33,{"$f":"ROUND(G150*(1+$K$9),2)","v":4.21},{"$f":"ROUND(H150*F150,2)","v":74.099999999999994}]
["6.1.5.2",5976,5976,"REBOCO ","m²",17.600000000000001,15.18,{"$f":"ROUND(G151*(1+$K$9),2)","v":19.190000000000001},{"$f":"ROUND(H151*F151,2)","v":337.74}]
["6.1.6",null,"Pintura"]
["6.1.6.1","73924/002","73924/002","PINTURA ESMALTE EM ESQUADRIA DE FERRO - 2 DEMÃOS","m²",4,13.2,{"$f":"ROUND(G153*(1+$K$9),2)","v":16.690000000000001},{"$f":"ROUND(H153*F153,2)","v":66.760000000000005}]
["6.1.7",null,"Urbanização"]
["6.1.7.1","74142/004","74142/004","CERCA COM 14 FIOS DE ARAME FARPADO 16BWG 4X4\", COM ESTACAS DE CONCRETO PRÉ-MOLDADA, COM DIMENSÕES 10X10X2,45CM","m",56,33.04,{"$f":"ROUND(G155*(1+$K$9),2)","v":41.78},{"$f":"ROUND(H155*F155,2)","v":2339.6799999999998}]
["6.1.7.2","74100/001","74100/001","PORTÃO EM TUBO DE FERRO COM VARA 1/2\" COMREQUADRO, INCL. GUARNIÇÕES E FERRAGENS","m²",2,213.55,{"$f":"ROUND(G156*(1+$K$9),2)","v":270.01},{"$f":"ROUND(H156*F156,2)","v":540.02}]
["6.1.8",null,"Montagem dos Equipamentos"]
["6.1.8.1","COMPOSIÇÃO","COMPOSIÇÃO","REALIZAÇÃO DE TESTES PRÉ-OPERACIONAIS E TESTE DE FUCIONAMENTE DO SISTEMA, INCLUISIVE FORNECIMENTO DOS PRODUTOS QUÍMICOS NECESSÁRIOS PARA UM MÊS DE OPERAÇÃO, E TREINAMENTO DE PESSOAL PARA OPERAÇÃO E MANUTENÇÃO DA ETA  ATE 13,00 L/S","un",1,{"$f":"Composições!H397","v":1307.5600000000002},{"$f":"ROUND(G158*(1+$K$9),2)","v":1653.28},{"$f":"ROUND(H158*F158,2)","v":1653.28}]
["6.1.8.2","COMPOSIÇÃO","COMPOSIÇÃO","MONTAGEM DA ESCADA DE ACESSO AOS FLOCULADORES DA ESTAÇÃO DE TRATAMENTO.","un",1,{"$f":"Composições!H335","v":379.91999999999996},{"$f":"ROUND(G159*(1+$K$9),2)","v":480.37},{"$f":"ROUND(H159*F159,2)","v":480.37}]
[]
[7,null,"UNIDADE DO SISTEMA: ESTAÇÃO ELEVATÓRIA (30 CV) E CASA DE QUÍMICA"]
["7.0",null,"OBRAS CIVIS"]
["7.1",null,"Pisos"]
["7.1.1","73829/001","73829/001","PISO EM CERAMICA ESMALTADA PEI-V","m²",3.12,43.46,{"$f":"ROUND(G164*(1+$K$9),2)","v":54.95},{"$f":"ROUND(H164*F164,2)","v":171.44}]
["7.2",null,"Revestimento"]
["7.2.1","73912/001","73912/001","REVESTIMENTO CERÂMICO 20X20 PEI-IV","m²",19.600000000000001,26.4,{"$f":"ROUND(G166*(1+$K$9),2)","v":33.380000000000003},{"$f":"ROUND(H166*F166,2)","v":654.25}]
["7.3",null,"Esquadrias"]
["7.3.1","73933/002","73933/002","FORNECIMENTO E ASSENTAMENTO DE PORTA EM CHAPA DE FERRO DE ABRIR COM UMA FOLHA, COLOCAÇÃO E ACABAMENTO","m²",2.0999999999999996,317.08999999999997,{"$f":"ROUND(G168*(1+$K$9),2)","v":400.93},{"$f":"ROUND(H168*F168,2)","v":841.95}]
["7.4",null,"Pintura"]
["7.4.1","COMPOSIÇÃO","COMPOSIÇÃO","PINTURA DA LOGOMARCA DA CODEVASF","un",2,{"$f":"Composições!H347","v":188.31200000000001},{"$f":"ROUND(G170*(1+$K$9),2)","v":238.1},{"$f":"ROUND(H170*F170,2)","v":476.2}]
["7.4.2","73924/002","73924/002","PINTURA ESMALTE EM ESQUADRIA DE FERRO - 2 DEMÃOS","m²",7.56,13.2,{"$f":"ROUND(G171*(1+$K$9),2)","v":16.690000000000001},{"$f":"ROUND(H171*F171,2)","v":126.18}]
["7.4.3","73954/003","73954/003","PINTURA LATEX ACRILICA - 1 DEMÃOS","m²",190.05,4.2,{"$f":"ROUND(G172*(1+$K$9),2)","v":5.31},{"$f":"ROUND(H172*F172,2)","v":1009.17}]
["7.5",null,"Assentamento, montagem e instalações"]
["7.5.1","COMPOSIÇÃO","COMPOSIÇÃO","MONTAGEM E  INSTALAÇÃO DE BOMBAS DOSADORA, BOMBA MISTURADORAS E ENCANAMENTO ATE A ESTAÇÃO DE TRATAMENTO","un",1,{"$f":"Composições!H326","v":1859.03},{"$f":"ROUND(G174*(1+$K$9),2)","v":2350.56},{"$f":"ROUND(H174*F174,2)","v":2350.56}]
["7.6",null,"Instalação elétrica"]
["7.6.1","Composição","Composição","FORNECIMENTO E INSTALAÇÃO DOS ELETRODUTOS, CABOS, QUADROS, PONTOS DE FORÇA DOS MOTORES, TOMADAS, INTERRUPTORES, LUMINÁRIAS E ILUMINAÇÃO EXTERNA DA ETA","und",1,{"$f":"'Composição eletrica'!G71","v":15519.46},{"$f":"G176","v":15519.46},{"$f":"ROUND(H176*F176,2)","v":15519.46}]
["7.6.2","Composição","Composição","FORNECIMENTO E INSTALAÇÃO DA SUBESTAÇÃO ABAIXADORA DE 30 KVA E INTERLIGAÇÃO (CIRCUITO ALIMENTADOR) DA SE AO QGBT DA ETA/CAPTAÇÃO","und",1,{"$f":"'Composição eletrica'!G136","v":18377.5},{"$f":"G177","v":18377.5},{"$f":"ROUND(H177*F177,2)","v":18377.5}]
["7.6.3","Composição","Composição","FORNECIMENTO E INSTALAÇÃO PARA A EXTENSÃO DE REDE ELÉTRICA DE MÉDIA TENSÃO, 13,8KV, TRIFÁSICO","km",0.1,{"$f":"'Composição eletrica'!G307","v":70593.22},{"$f":"G178","v":70593.22},7059.32]
["7.6.4","73836/003","73836/003","INSTALAÇÃO DE CONJUNTO MOTOR-BOMBA HORIZONTAL DE 30 A 75CV","und",2,459.09,{"$f":"G179","v":459.09},918.18]
["7.6.5","Composição","Composição","ELABORAÇÃO DE PROJETO EXECUTIVO DAS INSTALAÇÕES ELÉTRICAS DE MÉDIA E BAIXA TENSÃO DA ETA E CAPTAÇÃO/FLUTUANTE, COM  APROVAÇÃO E EMOLUMENTOS JUNTO A CONCESSIONÁRIA","und",1,{"$f":"'Composição eletrica'!G330","v":2800.6},{"$f":"G180","v":2800.6},2800.6]
["7.7",null,"Instalações hidráulicas e sanitárias"]
["7.7.1",72685,72685,"RALO SINFONADO DE PVC 100 X 100 MM SIMPLES - FORNECIMENTO E INSTALAÇÃO","un",1,15.25,{"$f":"ROUND(G182*(1+$K$9),2)","v":19.28},{"$f":"ROUND(H182*F182,2)","v":19.28}]
["7.7.2",6009,6009,"LAVATÓRIO LOUÇA BRANCA, SEM COLUNA PADRÃO POPULAR, COM TORNEIRA, SIFÃO, VÁLVULA E ENGATE PLÁSTICO","un",1,126.1,159.44,159.44]
["7.7.3",85224,85224,"VASO SANITÁRIO BRANCO COM CAIXA ACOPLADA,PADRÃO MÉDIO, INCLUINDO ENGATE ","un",1,282.93,357.74,357.74]
["7.7.4",6004,6004,"PAPELEIRA DE LOUÇA BRANCA - FORNECIMENTO E INSTALAÇÃO","un",1,44,55.63,55.63]
["7.7.5",6007,6007,"SABONETEIRA DE LOUÇA BRANCA 7,5 X 15 CM - FORNECIMENTO E INSTALAÇÃO","un",1,36.14,45.7,45.7]
["7.7.6",72671,72671,"NIPLE DE PVC ROSCÁVEL ÁGUA FRIA 1/2\"- FORNECIMENTO E INSTALAÇÃO","un",1,2.7,3.41,3.41]
["7.7.7",68061,68061,"CHUVEIRO PLÁSTICO BRANCO SIMPLES - FORNECIMENTO E INSTALAÇÃO","un",1,10.78,13.63,13.63]
["7.8",null,"Serviços finais"]
["7.8.1",9537,9537,"LIMPEZA FINAL DA OBRA","m²",38.69,1,{"$f":"ROUND(G190*(1+$K$9),2)","v":1.26},{"$f":"ROUND(H190*F190,2)","v":48.75}]
[8,null,"UNIDADE DO SISTEMA: DESCARGA DE LAVAGEM DOS FILTROS"]
["8.0",null,"OBRAS CIVIS"]
["8.1",null,"Movimento de terra"]
["8.1.1","73962/013","73962/013","ESCAVACAO DE VALA NAO ESCORADA EM MATERIAL 1A CATEGORIA , PROFUNDIDADE ATE 1,5 M COM ESCAVADEIRA HIDRAULICA 105 HP(CAPACIDADE DE 0,78M3), SEM ESGOTAMENTO","m³",288.5,3.59,{"$f":"ROUND(G194*(1+$K$9),2)","v":4.54},{"$f":"ROUND(H194*F194,2)","v":1309.79}]
["8.1.2",72915,72915,"ESCAVAÇÃO MECANIZADA DE MATERIAL DE  2ª CATEGORIA","m³",{"$f":"443.4-F194","v":154.89999999999998},9.44,{"$f":"ROUND(G195*(1+$K$9),2)","v":11.94},{"$f":"ROUND(H195*F195,2)","v":1849.51}]
["8.1.3","74010/001","74010/001","CARGA E DESCARGA MECANIZADA DE MATERIAL DE 1ª E 2ª CATEGORIA EM CAMINHÃO BASCULANTE","m³",{"$f":"(F194+F195+F198)-F199","v":110.94999999999999},0.98,{"$f":"ROUND(G196*(1+$K$9),2)","v":1.24},{"$f":"ROUND(H196*F196,2)","v":137.58000000000001}]
["8.1.4",72856,72856,"MOMENTO DE TRANSPORTE DE SOLO , EM CAMINHÃO BASCULHANTE  EM BOTA FORA ","m³ x Km",{"$f":"F196*5","v":554.75},1.22,{"$f":"ROUND(G197*(1+$K$9),2)","v":1.54},{"$f":"ROUND(H197*F197,2)","v":854.32}]
["8.1.5",73692,73692,"LASTRO DE AREIA MEDIA","m³",64.739999999999995,77.010000000000005,{"$f":"ROUND(G198*(1+$K$9),2)","v":97.37},{"$f":"ROUND(H198*F198,2)","v":6303.73}]
["8.1.5","SERVIÇO 74015/001","SERVIÇO 74015/001","EXEC. DE ATERRO EM VALAS/POCOS/CAVAS DE FUNDACAO C/ SOLO PROVENIENTE DAS ESCAVACOES,  INCL. LANCAM.,  ESPALHAM.,  COMPACT. C/ PLACA VIBRAT.,  SOQUETE PNEUMATICO ","m³",397.19,14.97,{"$f":"ROUND(G199*(1+$K$9),2)","v":18.93},{"$f":"ROUND(H199*F199,2)","v":7518.81}]
["8.2",null,"Assentamento das tubulações"]
["8.2.1","COMPOSIÇÃO","COMPOSIÇÃO","CARGA E DESCARGA DE TUBOS PVC RIG. / RPVC,  DN ATE 350 MM","m",719.14,{"$f":"Composições!H181","v":0.73044000000000009},{"$f":"ROUND(G201*(1+$K$9),2)","v":0.92},{"$f":"ROUND(H201*F201,2)","v":661.61}]
["8.2.2","COMPOSIÇÃO","COMPOSIÇÃO","MOMENTO DE TRANSPORTE DE TUBULAÇÃO, PEÇAS E CONEXÕES EM PVC RÍGIDO DN ATÉ 350 MM","m",719.14,{"$f":"Composições!H190","v":1.2174000000000003},{"$f":"ROUND(G202*(1+$K$9),2)","v":1.54},{"$f":"ROUND(H202*F202,2)","v":1107.48}]
["8.2.3","73840/003","73840/003","ASSENTAMENTO DE TUBOS PVC ESGOTO DE DRENAGEM PERFURADOS E CORRUGADO DN 150 MM","m",719.14,1.8,{"$f":"ROUND(G203*(1+$K$9),2)","v":2.2799999999999998},{"$f":"ROUND(H203*F203,2)","v":1639.64}]
[9,null,"UNIDADE DO SISTEMA: LEITO DE SECAGEM ( 8 m x 8 m)"]
["9.0",null,"OBRAS CIVIS"]
["9.1",null,"Pintura"]
["9.1.1",73657,"73999/001","PINTURA A CAL - 3 DEMÃOS","m²",36.31,4.22,{"$f":"ROUND(G207*(1+$K$9),2)","v":5.34},{"$f":"ROUND(H207*F207,2)","v":193.9}]
["9.2",null,"Serviços finais"]
["9.2.1",9537,9537,"LIMPEZA FINAL DA OBRA","m²",70.42,{"$f":"G190","v":1},{"$f":"ROUND(G209*(1+$K$9),2)","v":1.26},{"$f":"ROUND(H209*F209,2)","v":88.73}]
[10,null,"UNIDADE DO SISTEMA: RESERVATÓRIO ENTERRADO 15 m³ "]
["10.0",null,"OBRAS CIVIS"]
["10.1",null,"Impermeabilização"]
["10.1.1",83738,83738,"IMPERMEABILIZANTE DE SUPERFICIE COM MANTA ASFALTICA ( COM POLIMETRO TIPO APP), E= 4 MM","m²",36.840000000000003,49.43,{"$f":"ROUND(G213*(1+$K$9),2)","v":62.5},{"$f":"ROUND(H213*F213,2)","v":2302.5}]
["10.2",null,"Revestimento"]
["10.2.1","73928/001","73928/001","CHAPISCO ","m²",28.3,3.33,{"$f":"ROUND(G215*(1+$K$9),2)","v":4.21},{"$f":"ROUND(H215*F215,2)","v":119.14}]
["10.2.2",5976,5976,"REBOCO ","m²",28.3,15.18,{"$f":"ROUND(G216*(1+$K$9),2)","v":19.190000000000001},{"$f":"ROUND(H216*F216,2)","v":543.08000000000004}]
["10.3",null,"Pintura"]
["10.3.1","79334/001","79334/001","PINTURA A CAL - 2 DEMÃOS","m²",28.3,3.7,{"$f":"ROUND(G218*(1+$K$9),2)","v":4.68},{"$f":"ROUND(H218*F218,2)","v":132.44}]
["10.4",null,"Assentamento, montagem e instalações"]
["10.4.1","COMPOSIÇÃO","COMPOSIÇÃO","MONTAGEM DE PEÇAS, CONEXÕES, VÁLVULAS, APARELHOS E ACESSÓRIOS DE FERRO","kg",150,{"$f":"Composições!H232","v":1.41995},{"$f":"ROUND(G220*(1+$K$9),2)","v":1.8},{"$f":"ROUND(H220*F220,2)","v":270}]
["10.5",null,"Serviços finais"]
["10.5.1",9537,9537,"LIMPEZA FINAL DA OBRA","m²",14.55,{"$f":"G190","v":1},{"$f":"ROUND(G222*(1+$K$9),2)","v":1.26},{"$f":"ROUND(H222*F222,2)","v":18.329999999999998}]
[11,null,"UNIDADE DO SISTEMA: RESERVATÓRIO  E REDE DE DISTRIBUIÇÃO"]
["11.1",null,"Diversos"]
["11.1.1","COMPOSIÇÃO","COMPOSIÇÃO","ASSENTAMENTO DE CONEXÃO EM PEAD PE-80 EM GERAL","un",7,{"$f":"Composições!H164","v":91.81},{"$f":"ROUND(G225*(1+$K$9),2)","v":116.08},{"$f":"ROUND(H225*F225,2)","v":812.56}]
["11.1.2","COMPOSIÇÃO","Composição","FORNECIMENTO E INSTALAÇÃO DO SPDA (SISTEMA DE PROTEÇÃO CONTRA DESCARGAS ATMOSFÉRICAS) DOS RESERVATÓRIOS DE ÁGUA","und",7,{"$f":"'Composição eletrica'!G395","v":3666.67},{"$f":"G226","v":3666.67},{"$f":"ROUND(H226*F226,2)","v":25666.69}]
[12,null,"UNIDADE DO SISTEMA: RESERVATÓRIO E REDE DE DISTRIBUIÇÃO DA MALHADINHA - 2 X 70 M³"]
["12.0",null,"OBRAS CIVIS"]
["12.1",null,"Diversos"]
["12.1.1","COMPOSIÇÃO","COMPOSIÇÃO","TESTE HIDROSTÁTICO EM REDE DE ÁGUA/ADUTORA","m",3750,{"$f":"Composições!H474","v":0.22534699999999999},{"$f":"ROUND(G230*(1+$K$9),2)","v":0.28000000000000003},{"$f":"ROUND(H230*F230,2)","v":1050}]
["12.1.2","COMPOSIÇÃO","COMPOSIÇÃO","PINTURA DA LOGOMARCA DA CODEVASF NO RESERVATÓRIO ","un",2,{"$f":"Composições!H359","v":376.77199999999999},{"$f":"ROUND(G231*(1+$K$9),2)","v":476.39},{"$f":"ROUND(H231*F231,2)","v":952.78}]
["12.1.3",9537,9537,"LIMPEZA FINAL DA OBRA","m²",38.270000000000003,{"$f":"G190","v":1},{"$f":"ROUND(G232*(1+$K$9),2)","v":1.26},{"$f":"ROUND(H232*F232,2)","v":48.22}]
[13,null,"UNIDADE DO SISTEMA: RESERVATÓRIO E REDE DE DISTRIBUIÇÃO DO SÃO FRANCISCO - 10 M³"]
["13.0",null,"OBRAS CIVIS"]
["13.1",null,"Diversos"]
["13.1.1","COMPOSIÇÃO","COMPOSIÇÃO","TESTE HIDROSTÁTICO EM REDE DE ÁGUA/ADUTORA","m",2319,{"$f":"Composições!H474","v":0.22534699999999999},{"$f":"ROUND(G236*(1+$K$9),2)","v":0.28000000000000003},{"$f":"ROUND(H236*F236,2)","v":649.32000000000005}]
["13.1.2","COMPOSIÇÃO","COMPOSIÇÃO","PINTURA DA LOGOMARCA DA CODEVASF NO RESERVATÓRIO ","un",1,{"$f":"Composições!H359","v":376.77199999999999},{"$f":"ROUND(G237*(1+$K$9),2)","v":476.39},{"$f":"ROUND(H237*F237,2)","v":476.39}]
["13.1.3",9537,9537,"LIMPEZA FINAL DA OBRA","m²",7.84,{"$f":"G190","v":1},{"$f":"ROUND(G238*(1+$K$9),2)","v":1.26},{"$f":"ROUND(H238*F238,2)","v":9.8800000000000008}]
[14,null,"UNIDADE DO SISTEMA: RESERVATÓRIO E REDE DE DISTRIBUIÇÃO DA VENTURA - 20 M³ "]
["14.0",null,"OBRAS CIVIS"]
["14.1",null,"Diversos"]
["14.1.1","COMPOSIÇÃO","COMPOSIÇÃO","TESTE HIDROSTÁTICO EM REDE DE ÁGUA/ADUTORA","m",13964,{"$f":"Composições!H474","v":0.22534699999999999},{"$f":"ROUND(G242*(1+$K$9),2)","v":0.28000000000000003},{"$f":"ROUND(H242*F242,2)","v":3909.92}]
["14.1.2","COMPOSIÇÃO","COMPOSIÇÃO","PINTURA DA LOGOMARCA DA CODEVASF NO RESERVATÓRIO ","un",1,{"$f":"Composições!H359","v":376.77199999999999},{"$f":"ROUND(G243*(1+$K$9),2)","v":476.39},{"$f":"ROUND(H243*F243,2)","v":476.39}]
["14.1.3",9537,9537,"LIMPEZA FINAL DA OBRA","m²",9,{"$f":"G190","v":1},{"$f":"ROUND(G244*(1+$K$9),2)","v":1.26},{"$f":"ROUND(H244*F244,2)","v":11.34}]
[15,null,"UNIDADE DO SISTEMA: RESERVATÓRIO E REDE DE DISTRIBUIÇÃO DO RIACHINHO E TELHEIROS - 15 M³ "]
["15.0",null,"OBRAS CIVIS"]
["15.1",null,"Diversos"]
["15.1.1","COMPOSIÇÃO","COMPOSIÇÃO","TESTE HIDROSTÁTICO EM REDE DE ÁGUA/ADUTORA","m",6190,{"$f":"Composições!H474","v":0.22534699999999999},{"$f":"ROUND(G248*(1+$K$9),2)","v":0.28000000000000003},{"$f":"ROUND(H248*F248,2)","v":1733.2}]
["15.1.2","COMPOSIÇÃO","COMPOSIÇÃO","PINTURA DA LOGOMARCA DA CODEVASF NO RESERVATÓRIO ","un",1,{"$f":"Composições!H359","v":376.77199999999999},{"$f":"ROUND(G249*(1+$K$9),2)","v":476.39},{"$f":"ROUND(H249*F249,2)","v":476.39}]
["15.1.3",9537,9537,"LIMPEZA FINAL DA OBRA","m²",9,{"$f":"G190","v":1},{"$f":"ROUND(G250*(1+$K$9),2)","v":1.26},{"$f":"ROUND(H250*F250,2)","v":11.34}]
[16,null,"UNIDADE DO SISTEMA: RESERVATÓRIO E REDE DE DISTRIBUIÇÃO DO TABULEIRO I E II - 30 M³ "]
["16.0",null,"OBRAS CIVIS"]
["16.1",null,"Diversos"]
["16.1.1","COMPOSIÇÃO","COMPOSIÇÃO","TESTE HIDROSTÁTICO EM REDE DE ÁGUA/ADUTORA","m",20330,{"$f":"Composições!H474","v":0.22534699999999999},{"$f":"ROUND(G254*(1+$K$9),2)","v":0.28000000000000003},{"$f":"ROUND(H254*F254,2)","v":5692.4}]
["16.1.2","COMPOSIÇÃO","COMPOSIÇÃO","PINTURA DA LOGOMARCA DA CODEVASF NO RESERVATÓRIO ","un",1,{"$f":"Composições!H359","v":376.77199999999999},{"$f":"ROUND(G255*(1+$K$9),2)","v":476.39},{"$f":"ROUND(H255*F255,2)","v":476.39}]
["16.1.3",9537,9537,"LIMPEZA FINAL DA OBRA","m²",10.89,{"$f":"G190","v":1},{"$f":"ROUND(G256*(1+$K$9),2)","v":1.26},{"$f":"ROUND(H256*F256,2)","v":13.72}]
[17,null,"UNIDADE DO SISTEMA: RESERVATÓRIO E REDE DE DISTRIBUIÇÃO DA LAJES I E II - 20 M³ "]
["17.0",null,"OBRAS CIVIS"]
["17.1",null,"Diversos"]
["17.1.1","73884/003","73884/003","INSTALAÇÃO DE VÁLVULAS OU REGISTRO COM JUNTA ELÁSTICA DN 100","un",3,48.62,{"$f":"ROUND(G260*(1+$K$9),2)","v":61.48},{"$f":"ROUND(H260*F260,2)","v":184.44}]
["17.1.2","74100/001","74100/001","PORTÃO EM TUBO DE FERRO COM VARA 1/2\" COMREQUADRO, INCL. GUARNIÇÕES E FERRAGENS","m²",2,213.55,270.01,540.02]
["17.1.3","73924/002","73924/002","PINTURA ESMALTE EM ESQUADRIA DE FERRO - 2 DEMÃOS","m²",4,13.2,16.690000000000001,66.760000000000005]
["17.1.4","COMPOSIÇÃO","COMPOSIÇÃO","TESTE HIDROSTÁTICO EM REDE DE ÁGUA/ADUTORA","m",14490,{"$f":"Composições!H474","v":0.22534699999999999},0.28000000000000003,4057.2]
["17.1.5","COMPOSIÇÃO","COMPOSIÇÃO","PINTURA DA LOGOMARCA DA CODEVASF NO RESERVATÓRIO ","un",1,{"$f":"Composições!H359","v":376.77199999999999},476.39,476.39]
["17.1.6",9537,9537,"LIMPEZA FINAL DA OBRA","m²",9,{"$f":"G190","v":1},1.26,11.34]
[]
[1,null,"MATERIAIS",null,null,null,"SUB-TOTAL MATERIAIS",null,{"$f":"SUM(I271:I346)","v":205672.06000000023}]
[]
["1.1",null,"UNIDADE DO SISTEMA: CAPTAÇÃO FLUTUANTE"]
["1.1.1",null,"FORNECIMENTO DAS TUBULAÇÕES"]
["1.1.1.1","COTAÇÃO","COTAÇÃO","MANGOTE FLEXÍVEL REF CDF- HD DN 150 MM (KANAFLEX) ","m",15.8,1720,{"$f":"ROUND(G271*(1+$K$10),2)","v":2008.96},{"$f":"ROUND(H271*F271,2)","v":31741.57},"OK"]
["1.1.1.2",21015,21015,"TUBO DE AÇO GALVANIZADO COM COSTURA 5580 CLASSE MÉDIA DN 3\"","m",1,60.14,{"$f":"ROUND(G272*(1+$K$10),2)","v":70.239999999999995},70.239999999999995]
["1.1.1.3",10442,10442,"VENTOSA SIMPLES FOFO C/ROSCA PN-25 DN 3/4","un",17,281.48,{"$f":"ROUND(G273*(1+$K$10),2)","v":328.77},{"$f":"ROUND(H273*F273,2)","v":5589.09}]
["1.1.2",null,null,"FORNECIMENTO DE EQUIPAMENTOS"]
["1.1.2.1","COTAÇÃO","COTAÇÃO","VÁLVULA DE PÉ DE FOFO DÚCTIL C/ CRIVO PN 10 DN 200 47 KG","un",1,1725.05,{"$f":"ROUND(G275*(1+$K$10),2)","v":2014.86},{"$f":"ROUND(H275*F275,2)","v":2014.86}]
["1.1.2.2",10414,10414,"VALVULA RETENCAO VERTICAL BRONZE (PN- 16) 3\" 200PSI- EXTREMIDADES C/ ROSCA\"","un",2,439.63,{"$f":"ROUND(G276*(1+$K$10),2)","v":513.49},1026.98]
["1.1.3",null,null,"FORNECIMENTO DE MATERIAIS HIDRÁULICOS"]
["1.1.3.1",13343,13343,"BRACADEIRA OU CINTA EM FG 6\" PARA FIXACAO EM POSTE CIRCULAR\"","un",1,24.52,{"$f":"ROUND(G278*(1+$K$10),2)","v":28.64},{"$f":"ROUND(H278*F278,2)","v":28.64}]
["1.1.4",null,"3.0","FORNECIMENTO DE MATERIAIS ELETRICO"]
["1.1.4.1","COTAÇÃO","COTAÇÃO","Emenda ELASPEED – 1KV – L – EPD-2549 PARA CABO EPROTENAX 4 x 50 mm.","un",84,138.6,{"$f":"ROUND(G280*(1+$K$10),2)","v":161.88},{"$f":"ROUND(H280*F280,2)","v":13597.92}]
["1.1.4.2","COTAÇÃO","COTAÇÃO","CABO EPROTENAX 4 x 70 mm.","m",1000,65,{"$f":"ROUND(G281*(1+$K$10),2)","v":75.92},{"$f":"ROUND(H281*F281,2)","v":75920}]
["1.2",null,"UNIDADE DO SISTEMA: CONSTRUÇÃO DO ABRIGO PARA COMANDO DA BOMBA"]
["1.2.1",null,"FORNECIMENTO DAS TUBULAÇÕES"]
["1.2.1.1",21015,21015,"TUBO DE AÇO GALVANIZADO COM COSTURA 5580 CLASSE MÉDIA DN 3\"","m",4,60.14,{"$f":"ROUND(G284*(1+$K$10),2)","v":70.239999999999995},{"$f":"ROUND(H284*F284,2)","v":280.95999999999998}]
["1.2.2",null,"FORNECIMENTO DE EQUIPAMENTOS"]
["1.2.1.1","COTAÇÃO","COTAÇÃO","VALVULA RETENCAO \"BY PASS\"  (PN-25) PORTINHOLA DUPLA DN 150MM","un",1,750.3,{"$f":"ROUND(G286*(1+$K$10),2)","v":876.35},{"$f":"ROUND(H286*F286,2)","v":876.35},"OK"]
["1.2.1.2",12898,12898,"MANÔMETRO DE PRESSÃO (DN 100, 150, 200 MM)  X DN 1 1/2\"","un",1,80.92,{"$f":"ROUND(G287*(1+$K$10),2)","v":94.51},94.51]
["1.2.3",null,"FORNECIMENTO DE MATERIAIS HIDRÁULICOS"]
["1.2.3.1",13343,13343,"BRACADEIRA OU CINTA EM FG 6\" PARA FIXACAO EM POSTE CIRCULAR\"","un",1,24.52,{"$f":"ROUND(G289*(1+$K$10),2)","v":28.64},{"$f":"ROUND(H289*F289,2)","v":28.64}]
["1.3",null,"UNIDADE DO SISTEMA: ADUTORA DE ÁGUA BRUTA - FLUTUANTE/ ETA"]
["1.3.1",null,"FORNECIMENTO DE MATERIAIS HIDRÁULICOS"]
["1.3.1.1","COTAÇÃO","COTAÇÃO","REDUÇÃO CONCÊNTRICA PEAD DE 110 X 75","un",1,142.85,{"$f":"ROUND(G292*(1+$K$10),2)","v":166.85},{"$f":"ROUND(H292*F292,2)","v":166.85}]
["1.3.1.2","COTAÇÃO","COTAÇÃO","TE PEAD 90º Ø110 MM","un",8,153.66,179.47,1435.76]
["1.3.1.3",25878,25878,"TUBO DE POLIETILENO PEAD PE-80 PN 12,5 DN 160 MM","m",284,82.84,96.76,{"$f":"ROUND(H294*F294,2)","v":27479.84},"OK"]
["1.4",null,"UNIDADE DO SISTEMA: SUB-ADUTORAS DE ÁGUA TRATADA"]
["1.4.1",null,"FORNECIMENTO DAS TUBULAÇÕES"]
["1.4.1.1",9844,9844,"TUBOS EM PVC RÍG. PBA, PB JE P/ ÁGUA Ø 50MM","m",78,9.76,{"$f":"ROUND(G297*(1+$K$10),2)","v":11.4},{"$f":"ROUND(H297*F297,2)","v":889.2}]
["1.5",null,"UNIDADE DO SISTEMA: ESTAÇÃO DE TRATAMENTO DE ÁGUA (Q = 13,0 l/s)"]
["1.5.1",null,"FORNECIMENTO DE EQUIPAMENTOS"]
["1.5.1.1","COTAÇÃO","COTAÇÃO","BOMBA DOSADORA, DO TIPO DIAFRAGMA A SOLENÓIDE, PARA DOSAGEM DAS SOLUÇÕES QUÍMICAS DE SULFATO DE ALUMÍNIO E BARRILHA, COM VAZÃO REGULÁVEL DE 0 A 60 L/H, PRESSÃO DE DESCARGA DE 4 BAR, ALIMENTAÇÃO MONOFÁSICA DE 135 W, 220 V, 60 HZ.","un",3,2952.5,{"$f":"ROUND(G300*(1+$K$10),2)","v":3448.52},{"$f":"ROUND(H300*F300,2)","v":10345.56}]
["1.5.1.2","COTAÇÃO","COTAÇÃO","COMPRESSOR DE AR DIRETO, PARA MISTURA DAS SOLUÇÕES QUÍMICAS, COM VAZÃO 2,3 PCM, PRESSÃO 40 PSIG, MOTOR ELÉTRICO MONOFÁSICO DE 0,5 CV, 220 V, 60 HZ.","un",3,314.8,367.69,1103.07]
["1.5.1.3","COTAÇÃO","COTAÇÃO","TANQUE DE PEAD, PARA PREPARO DAS SOLUÇÕES QUÍMICAS DE SULFATO DE ALUMÍNIO E BARRILHA, COM CAPACIDADE DE 500 LITROS, TAMPA INTEGRAL REMOVÍVEL, COM DISPOSITIVO DE AGITAÇÃO POR AR COMPRIMIDO.","un",3,2970,3468.96,10406.879999999999]
["1.5.2",null,"FORNECIMENTO DOS MATERIAIS HIDRÁULICOS"]
["1.5.2.1",9867,9867,"TUBO DE PVC SOLDAVEL, DN = 20 MM (NBR-5648)","m",120,1.55,1.81,{"$f":"ROUND(H304*F304,2)","v":217.2}]
["1.5.2.2",3542,3542,"JOELHO PVC SOLD 90G P/AGUA FRIA PREDIAL 20 MM","un",40,0.4,0.47,18.8]
["1.5.2.3",7139,7139,"TE PVC SOLD 90G P/ AGUA FRIA PREDIAL 25MM","un",20,0.73,0.85,17]
["1.5.2.4",107,107,"ADAPTADOR PVC SOLDAVEL CURTO C/ BOLSA E ROSCA P/ REGISTRO 20MM X 1/2\"","un",12,0.56999999999999995,0.67,8.0399999999999991]
["1.5.2.5",3859,3859,"LUVA PVC SOLDAVEL / ROSCA P/AGUA FRIA PREDIAL 20MM X 1/2\"","un",12,0.92,1.07,12.84]
["1.5.2.6",6036,6036,"REGISTRO PVC ESFERA BORB C/ROSCA REF 1/2\"","un",12,7.85,9.17,110.04]
["1.6",null,"UNIDADE DO SISTEMA: ESTAÇÃO ELEVATÓRIA (30 CV) E CASA DE QUÍMICA"]
["1.6.1",null,"FORNECIMENTO DAS TUBULAÇÕES"]
["1.6.1.1",7693,7693,"TUBO AÇO GALV C/ COSTURA DIN 2440/NBR 5580 CLASSE LEVE DN 4\"  E = 3,75MM - 10,55KG/M","m",1,92.24,{"$f":"ROUND(G312*(1+$K$10),2)","v":107.74},{"$f":"ROUND(H312*F312,2)","v":107.74}]
["1.6.1.2","COTAÇÃO","COTAÇÃO","TUBO FOFO C/ FLANGES DN 200MM L=0,50M","un",1,1332,1555.78,1555.78]
["1.6.2",null,"FORNECIMENTO DE EQUIPAMENTOS"]
["1.6.2.1",12898,12898,"MANÔMETRO DE PRESSÃO (DN 100, 150, 200 MM)  X DN 1 1/2\"","un",1,80.92,{"$f":"ROUND(G315*(1+$K$10),2)","v":94.51},{"$f":"ROUND(H315*F315,2)","v":94.51}]
["1.6.2.2",10407,10407,"VALVULA RETENCAO HORIZONTAL BRONZE (PN-25) 4\" ","un",2,1142.31,{"$f":"ROUND(G316*(1+$K$10),2)","v":1334.22},2668.44]
["1.6.2.3","74194/001","74194/001","ESCADA TIPO MARINHEIRO EM TUBO GALVANIZADO 1 1/2\" 5 DEGRAUS","m",1,168.41,{"$f":"ROUND(G317*(1+$K$10),2)","v":196.7},196.7]
["1.6.3",null,"FORNECIMENTO DOS MATERIAIS HIDRÁULICOS"]
["1.6.3.1","COTAÇÃO","COTAÇÃO","TÊ DE REDUÇÃO FOFO C/ FLANGES 150x50mm","un",1,529.57000000000005,{"$f":"ROUND(G319*(1+$K$10),2)","v":618.54},{"$f":"ROUND(H319*F319,2)","v":618.54}]
["1.6.3.2","COTAÇÃO","COTAÇÃO","CONEXÃO FLANGEADA MANGOTE 100 PSI DN 100","un",1,516,602.69000000000005,602.69000000000005]
["1.7",null,"UNIDADE DO SISTEMA: RESERVATÓRIO MALHADINHA - 2 X 70 M³"]
["1.7.1",null,"FORNECIMENTO DE EQUIPAMENTOS"]
["1.7.1.1","COTAÇÃO","COTAÇÃO","VÁLVULA CONTROLADORA DE NÍVEL MÁXIMO DO RESERVATÓRIO Ø 2\"","un",1,1990,{"$f":"ROUND(G323*(1+$K$10),2)","v":2324.3200000000002},{"$f":"ROUND(H323*F323,2)","v":2324.3200000000002},"OK"]
["1.7.1.2","74194/001","74194/001","ESCADA TIPO MARINHEIRO EM TUBO GALVANIZADO 1 1/2\" 5 DEGRAUS","m",1,168.41,{"$f":"ROUND(G324*(1+$K$10),2)","v":196.7},196.7]
["1.8",null,"UNIDADE DO SISTEMA: RESERVATÓRIO SÃO FRANCISCO - 10 M³"]
["1.8.1",null,"FORNECIMENTO DE EQUIPAMENTOS"]
["1.8.1.1","COTAÇÃO","COTAÇÃO","VÁLVULA CONTROLADORA DE NÍVEL MÁXIMO DO RESERVATÓRIO Ø 2\"","un",1,1990,{"$f":"ROUND(G327*(1+$K$10),2)","v":2324.3200000000002},{"$f":"ROUND(H327*F327,2)","v":2324.3200000000002},"OK"]
["1.8.1.2","74194/001","74194/001","ESCADA TIPO MARINHEIRO EM TUBO GALVANIZADO 1 1/2\" 5 DEGRAUS","m",1,168.41,{"$f":"ROUND(G328*(1+$K$10),2)","v":196.7},196.7]
["1.9",null,"UNIDADE DO SISTEMA: RESERVATÓRIO VENTURA - 20 M³ "]
["1.9.1",null,"FORNECIMENTO DE EQUIPAMENTOS"]
["1.9.1.1","COTAÇÃO","COTAÇÃO","VÁLVULA CONTROLADORA DE NÍVEL MÁXIMO DO RESERVATÓRIO Ø 2\"","un",1,1990,{"$f":"ROUND(G331*(1+$K$10),2)","v":2324.3200000000002},{"$f":"ROUND(H331*F331,2)","v":2324.3200000000002},"OK"]
["1.9.1.2","74194/001","74194/001","ESCADA TIPO MARINHEIRO EM TUBO GALVANIZADO 1 1/2\" 5 DEGRAUS","m",1,168.41,{"$f":"ROUND(G332*(1+$K$10),2)","v":196.7},196.7]
["1.10",null,"UNIDADE DO SISTEMA: RESERVATÓRIO RIACHINHO E TELHEIROS - 15 M³ "]
["1.10.1",null,"FORNECIMENTO DE EQUIPAMENTOS"]
["1.10.1.1","COTAÇÃO","COTAÇÃO","VÁLVULA CONTROLADORA DE NÍVEL MÁXIMO DO RESERVATÓRIO Ø 2\"","un",1,1990,{"$f":"ROUND(G335*(1+$K$10),2)","v":2324.3200000000002},{"$f":"ROUND(H335*F335,2)","v":2324.3200000000002},"OK"]
["1.10.1.2","74194/001","74194/001","ESCADA TIPO MARINHEIRO EM TUBO GALVANIZADO 1 1/2\" 5 DEGRAUS","m",1,168.41,{"$f":"ROUND(G336*(1+$K$10),2)","v":196.7},196.7]
["1.11",null,"UNIDADE DO SISTEMA: RESERVATÓRIO TABULEIRO I E II - 30 M³ "]
["1.11.1",null,"FORNECIMENTO DE EQUIPAMENTOS"]
["1.11.1.1","COTAÇÃO","COTAÇÃO","VÁLVULA CONTROLADORA DE NÍVEL MÁXIMO DO RESERVATÓRIO Ø 2\"","un",1,1990,{"$f":"ROUND(G339*(1+$K$10),2)","v":2324.3200000000002},{"$f":"ROUND(H339*F339,2)","v":2324.3200000000002},"OK"]
["1.11.1.2","74194/001","74194/001","ESCADA TIPO MARINHEIRO EM TUBO GALVANIZADO 1 1/2\" 5 DEGRAUS","m",1,168.41,{"$f":"ROUND(G340*(1+$K$10),2)","v":196.7},196.7]
["1.12",null,"UNIDADE DO SISTEMA: RESERVATÓRIO LAJES I E II - 20 M³ "]
["1.12.1",null,"FORNECIMENTO DE EQUIPAMENTOS"]
["1.12.1.1","COTAÇÃO","COTAÇÃO","VÁLVULA CONTROLADORA DE NÍVEL MÁXIMO DO RESERVATÓRIO Ø 2\"","un",1,1990,{"$f":"ROUND(G343*(1+$K$10),2)","v":2324.3200000000002},{"$f":"ROUND(H343*F343,2)","v":2324.3200000000002},"OK"]
["1.12.1.2","74194/001","74194/001","ESCADA TIPO MARINHEIRO EM TUBO GALVANIZADO 1 1/2\" 5 DEGRAUS","m",1,168.41,{"$f":"ROUND(G344*(1+$K$10),2)","v":196.7},{"$f":"ROUND(H344*F344,2)","v":196.7}]
["1.12.1.3",6012,6012," REGISTRO GAVETA 3\" BRUTO LATAO REF 1502-B ","un",2,282.14999999999998,329.55,{"$f":"ROUND(H345*F345,2)","v":659.1}]
["1.12.1.4",6027,6027," REGISTRO GAVETA 4\" BRUTO LATAO REF 1502-B ","un",1,480.82,561.6,561.6]
[]
["TOTAL SISTEMA 03 (SERVIÇOS+MATERIAIS)",{"$nulls":7},{"$f":"I9+I267","v":684489.93000000052}]
[]
[]
[null,null,null,36141712]
[]
[null,null,null,"palmas luz",null,null,null,"junqueira@palmasluz.com.br"]
[{"$nulls":7},"junqueira "]

{"sheet":"Composições","index":5,"n_rows":637,"n_cols":10,"rows_kept":637,"cut":false,"hidden":false,"merged":[[1,2,2,7],[3,2,3,7],[70,0,70,6],[211,0,211,6],[411,0,411,7],[224,0,224,6],[7,0,7,7],[362,0,362,6],[372,0,372,6],[380,0,380,6],[10,0,10,6],[329,0,329,6],[267,0,267,6],[29,0,29,6],[104,0,104,6],[114,0,114,6],[121,0,121,6],[127,0,127,6],[193,0,193,6],[167,0,167,6],[120,0,120,7],[126,0,126,7],[68,0,68,7],[338,0,338,6],[350,0,350,6],[400,0,400,6],[256,0,256,6],[142,0,142,6],[113,0,113,7],[175,0,175,6],[82,0,82,6],[94,0,94,6],[246,0,246,6],[155,0,155,6],[307,0,307,6],[184,0,184,6],[287,0,287,6],[298,0,298,6],[429,0,429,6],[570,0,570,6],[201,0,201,6],[236,0,236,6],[437,0,437,6],[452,0,452,6],[467,0,467,6],[388,0,388,6],[522,0,522,6],[554,0,554,6],[418,0,418,6],[410,0,410,6],[278,0,278,6],[446,0,446,6],[317,0,317,6],[495,0,495,6],[624,0,624,6],[514,0,514,6],[562,0,562,6],[530,0,530,6],[538,0,538,6],[546,0,546,6],[477,0,477,6],[506,0,506,6],[590,0,590,6],[598,0,598,6],[610,0,610,6]]}
[]
[null,null,"Companhia de Desenvolvimento dos Vales do São Francisco e do Parnaíba",{"$nulls":5},"BDI MATERIAIS",0.26440000000000002]
[{"$nulls":8},"BDI SERVIÇOS",0.16800000000000001]
[null,null,"Ministério da Integração Nacional."]
[]
[]
[{"$nulls":6},"DATABASE: FEV/14",null,"BDI (26,44%)"]
["COMPOSIÇÕES DE CUSTOS UNITÁRIOS DOS SERVIÇOS - REMANSO RURAL"]
[]
[]
["ADMINISTRAÇÃO LOCAL E MANUTENÇÃO DE CANTEIRO DE OBRAS",{"$nulls":6},"UND. MÊS"]
["Item","Cód. SINAPI","Descrição","Unidade","Quantidade",null,"Custo Unit.","Custo Total"]
["1.0",2706,"Engenheiro Civil - produção","H",1200,null,56.76,{"$f":"ROUND(E13*G13,2)","v":68112}]
["1.1","10508","Vigia Noturno","H",2304,null,8.31,19146.240000000002]
["1.2",null,"Comunicação (internet, telefone, rádios)","mês",6,null,500,3000]
["1.3",null,"Aluguel casa","mês",6,null,700,4200]
["1.4",null,"PCMAT, PCMSO, PPRD","mês",6,null,50,300]
["1.5",null,"Epi´s","mês",6,null,563.15099999999995,3378.91]
["1.6",null,"Equipamentos de informática","mês",6,null,100,600]
["1.7",null,"Moveis e utensílios","mês",6,null,150,900]
["1.8",null,"Material de escritório/ limpeza","mês",6,null,150,900]
[null,null,"Servente (Limpeza)","H",1056,null,7,7392]
["1.10",null,"Agua/ energia","mês",6,null,800,4800]
["1.11","002350","Auxiliar de Escritório","H",1056,null,9.84,10391.040000000001]
[]
[{"$nulls":6},"Total",{"$f":"SUM(H13:H25)","v":123120.19}]
[{"$nulls":6},{"$f":"$I$7","v":"BDI (26,44%)"},{"$f":"H26*$J$2","v":32552.978236000003}]
[{"$nulls":6},"Total geral",{"$f":"H26+H27","v":155673.168236}]
[]
["VEÍCULO TIPO COMERCIAL LEVE 1.4 FLEX (85cv),com Arcondicionado, direção Hidraulica e travas elétricas para apoio a fiscalização, incluindo despesas com combustível, oléos, manutenção, licenciamento, seguros e impostos.                                                                                                                              ",{"$nulls":6},"UND. MÊS"]
["Item","Cód. SINAPI","Descrição","Unidade","Quantidade",null,"Custo Unit.","Custo Total"]
["A","Depreciação mensal do equipamento"]
["A1","Preço de Aquisição","und",1,43500,null,43852.520020717959]
["A2","Tempo previsto de vida útil (meses)","mês",36,"-",null,36]
["A3","Previsão de recup. Na venda do bem usado","%",0.4,"-",null,{"$f":"D35","v":0.4}]
["Subtotal","Custo mensal [A1-(A3xA1)]/A2",{"$nulls":4},{"$f":"(G33-(G35*G33))/G34","v":730.87533367863261},{"$f":"G36","v":730.87533367863261}]
["B","Juros pelo Capital empregado"]
["B1","Taxa mensal de Juros","%",0.05,"-",null,0.05]
["B2","Custo mensal [A1-(A3xA1)]/A2","mês",1,{"$f":"H36","v":730.87533367863261},null,{"$f":"E39","v":730.87533367863261}]
["Subtotal","Incidência mensal (C1xA4)",{"$nulls":4},{"$f":"G39*G38","v":36.543766683931629},{"$f":"G40","v":36.543766683931629}]
["C","Conservação e manutenção"]
["C1","C1 Taxa de gastos s/a deprec. Inc. seguros (%) 100%","%",100,"-",null,1]
["C2","Custo mensal [A1-(A3xA1)]/A2","mês",1,{"$f":"G36","v":730.87533367863261},null,{"$f":"E43","v":730.87533367863261}]
["Subtotal","C2 Incidência mensal (C1xA4)",{"$nulls":5},{"$f":"G43*G42","v":730.87533367863261}]
["D","Combustível"]
["D1","Média mensal de quilômetro por veículo","Km",1,{"$f":"4000","v":4000},null,{"$f":"E46*D46","v":4000}]
["cotação","Preço do litro de combustível","L",1,3.22,null,3.3223039804864252]
["D3","Quilômetros rodados com um litro combustivel","Km",1,10,null,{"$f":"E48*D48","v":10}]
["Subtotal","Combustivel (D1/D3)*D2",{"$nulls":5},{"$f":"G46/G48*G47","v":1328.9215921945702}]
["E","Lubrificantes"]
["E1","Quilometragem do Contrato","km",36000,"-",null,{"$f":"D51","v":36000}]
["Cotação","Franquia por troca de óleo (km)","Km",5000,"-",null,{"$f":"D52","v":5000}]
["Cotação","Preço do litro de óleo","L",1,35,null,36.111999787895925]
["E4","Quantidade de litros de óleo por troca","L",3.5,"-",null,{"$f":"D54","v":3.5}]
["E5","Quantidade de dias do Contrato","dias",270,"-",null,{"$f":"D55","v":270}]
["E6","Lubrificantes E = (E1*E3*E4*30)/E2*E5",{"$nulls":5},{"$f":"(G51*G53*G54*30)/(G52*G55)","v":101.11359940610859}]
["F","Pneus"]
["F1","Quilometragem do Contrato","Km",{"$f":"D51","v":36000},"-",null,36000]
["F2","Vida do Pneu em quilômetros","km",45000,"-",null,45000]
["F3","Quantidade de pneus","und",5,"-",null,5]
["F4","Preço do Pneu","und",1,358.3,null,{"$f":"E61","v":358.3}]
["F5","Quantidade de dias do contrato","dias",270,"-",null,270]
["Subtotal","Pneus = (F1*F3*F4*30)/(F2*F5)",{"$nulls":5},{"$f":"(G58*G60*G61*30)/(G59*G62)","v":159.24444444444444}]
["G","Custo Direto p/ km Rodado"]
[]
[{"$nulls":6},"Total",{"$f":"H63+H56+H49+H44+H36+H40","v":3087.5740700863203}]
[{"$nulls":6},{"$f":"$I$7","v":"BDI (26,44%)"},{"$f":"H66*$J$2","v":816.35458413082313}]
[{"$nulls":6},"Total geral",{"$f":"H66+H67","v":3903.9286542171435}]
[]
[]
["MOBILIZAÇÃO DE EQUIPAMENTOS E PESSOAS ",{"$nulls":6},"UND: unid."]
["Item","Cód. SINAPI","Descrição","Unidade","Quantidade",null,"Custo Unit.","Custo Total"]
["1.0","INSUMOS - 1133","CAMINHÃO BASCULANTE 5,0M3/11T DIESEL TIPO MERCEDES 142HP LK-1214 OU EQUIV (INCL MANUT/OPERACAO)","H",28,null,54,{"$f":"ROUND(E73*G73,2)","v":1512}]
["1.1","INSUMO-3366","GUINDASTE TIPO MUNCK CAP * 5T * MONTADO EM CAMINHAO CARROCERIA ( LOCAÇÃO COM OPERADOR,COMBUSTIVEL E MANUTENÇÃO).","H",28,null,54.56,1527.68]
["1.2","INSUMOS - 1140","CAMINHAO FORD F-4000 OU EQUIV C/ CARROCERIA MADEIRA FIXA - CAP CARGA ATE 5,0T (INCL H 37,82\nMANUT/OPERACAO)","h",24,null,40.53,972.72]
["1.3","INSUMOS - 1143","CAMINHAO TRUCADO (3 EIXOS) C/ CARROCERIA MADEIRA FIXA CAP. CARGA *10 A 12T* (INCL MANUT/OPERACAO)","h",14,null,67.5,945]
["1.4","INSUMOS - 6044","RETROESCAVADEIRA C/ CARREGADEIRA SOBRE PNEUS 75HP C/CONVERSOR DE TORQUE (INCL. MANUTENCAO/OPERACAO E COMBUSTÍVEL)","H",14,null,70.34,984.76]
["1.5","Ct.","Passagem de ônibus","und.",10,null,170,1700]
[{"$nulls":6},"Total",{"$f":"SUM(H73:H78)","v":7642.1600000000008}]
[{"$nulls":6},{"$f":"$I$7","v":"BDI (26,44%)"},{"$f":"H79*$J$2","v":2020.5871040000004}]
[{"$nulls":6},"Total geral",{"$f":"H79+H80","v":9662.7471040000019}]
[]
["DESMOBILIZAÇÃO DE EQUIPAMENTOS E PESSOAS ",{"$nulls":6},"UND: unid."]
["Item","Cód. SINAPI","Descrição","Unidade","Quantidade",null,"Custo Unit.","Custo Total"]
["1.0","INSUMOS - 1133","CAMINHÃO BASCULANTE 5,0M3/11T DIESEL TIPO MERCEDES 142HP LK-1214 OU EQUIV (INCL MANUT/OPERACAO)","H",28,null,54,{"$f":"ROUND(E85*G85,2)","v":1512}]
["1.1","SERVIÇOS - 73535","CAMINHAO C/GUINCHO 6T, MOTOR DIESEL 136HP, M. BENZ MOD L1214 MUNCK MOD, M 640/18, OU SIMILAR","H",28,null,54.56,1527.68]
["1.2","INSUMOS - 1140","CAMINHAO FORD F-4000 OU EQUIV C/ CARROCERIA MADEIRA FIXA - CAP CARGA ATE 5,0T (INCL H 37,82\nMANUT/OPERACAO)","h",24,null,40.53,972.72]
["1.3","INSUMOS - 1143","CAMINHAO TRUCADO (3 EIXOS) C/ CARROCERIA MADEIRA FIXA CAP. CARGA *10 A 12T* (INCL MANUT/OPERACAO)","h",14,null,67.5,945]
["1.4","INSUMOS - 6044","RETROESCAVADEIRA C/ CARREGADEIRA SOBRE PNEUS 75HP C/CONVERSOR DE TORQUE (INCL. MANUTENCAO/OPERACAO E COMBUSTÍVEL)","H",14,null,70.34,984.76]
["1.5","Ct.","Passagem de ônibus","und.",10,null,170,1700]
[{"$nulls":6},"Total",{"$f":"SUM(H85:H90)","v":7642.1600000000008}]
[{"$nulls":6},{"$f":"$I$7","v":"BDI (26,44%)"},{"$f":"H91*$J$2","v":2020.5871040000004}]
[{"$nulls":6},"Total geral",{"$f":"H91+H92","v":9662.7471040000019}]
[]
["CARGA, TRANSPORTE E DESCARGA DE MATERIAIS ORIUNDOS DO REMANESCENTE DE OBRA DO CONTRATO ANTERIOR ",{"$nulls":6},"UND: unid."]
["Item","Cód. SINAPI","Descrição","Unidade","Quantidade",null,"Custo Unit.","Custo Total"]
["1.0","INSUMOS - 4083","Encarregado","h",8,null,16.239999999999998,{"$f":"ROUND(E97*G97,2)","v":129.91999999999999}]
["1.1","INSUMOS - 6111","Servente","h",48,null,6.31,{"$f":"ROUND(E98*G98,2)","v":302.88}]
["1.2","INSUMOS - 1140","CAMINHAO FORD F-4000 OU EQUIV C/ CARROCERIA MADEIRA FIXA - CAP CARGA ATE 5,0T (INCL H 37,82\nMANUT/OPERACAO)","h",8,null,40.53,{"$f":"ROUND(E99*G99,2)","v":324.24}]
["1.3","INSUMOS - 1143","CAMINHAO TRUCADO (3 EIXOS) C/ CARROCERIA MADEIRA FIXA CAP. CARGA *10 A 12T* (INCL MANUT/OPERACAO)","H",8,null,67.5,{"$f":"ROUND(E100*G100,2)","v":540}]
[{"$nulls":6},"Total",{"$f":"SUM(H97:H100)","v":1297.04}]
[{"$nulls":6},{"$f":"$I$7","v":"BDI (26,44%)"},{"$f":"H101*$J$2","v":342.93737600000003}]
[{"$nulls":6},"Total geral",{"$f":"H101+H102","v":1639.977376}]
[]
["Assentamento de mangote flexível para captação flutuante  Ø 100 mm",{"$nulls":6},"UND: m"]
["Item","Cód. SINAPI","Descrição","Unidade","Quantidade",null,"Custo Unit.","Custo Total"]
["1.0",4083,"Encarregado","h",0.3,null,16.239999999999998,{"$f":"ROUND(E107*G107,2)","v":4.87}]
["1.1","2696","Encanador","h",0.7,null,10.35,{"$f":"ROUND(E108*G108,2)","v":7.25}]
["1.2","6115","Ajudante","h",1,null,6.31,{"$f":"ROUND(E109*G109,2)","v":6.31}]
["1.3","001140","CAMINHAO FORD F-4000 OU EQUIV C/ CARROCERIA MADEIRA FIXA - CAP CARGA ATE 5,0T (INCL H 37,82\nMANUT/OPERACAO)","h",0.5,null,40.53,{"$f":"ROUND(E110*G110,2)","v":20.27}]
[{"$nulls":6},"Total",{"$f":"SUM(H107:H110)","v":38.700000000000003}]
[{"$nulls":6},{"$f":"$I$7","v":"BDI (26,44%)"},{"$f":"H111*$J$2","v":10.232280000000001}]
[{"$nulls":6},"Total",{"$f":"H112+H111","v":48.932280000000006}]
[]
["AREIA GROSSA - DMT ate 25 Km  ",{"$nulls":6},"UND: m³"]
["Item","Cód. SINAPI 09/2013","Descrição","Unidade","Quantidade",null,"Custo Unit.","Custo Total"]
["1.0","SINAPI 000367","AREIA GROSSA - POSTO JAZIDA / FORNECIMENTO  (SEM FRETE)","M3",1,null,55,{"$f":"ROUND(E117*G117,2)","v":55}]
["1.1","SERVIÇO 72887","Transporte comercial com caminhão basculhante 6 m³, rodovia pavimentada, DMT ate 25 Km","m³x Km",25,null,0.73,18.25]
[]
[{"$nulls":6},"Total geral (Sem BDI)",{"$f":"SUM(H117:H119)","v":73.25}]
[]
["PEDRA BRITADA N. 1 OU 19 MM  - DMT ate 210 Km  ",{"$nulls":6},"UND: m³"]
["Item","Cód. SINAPI 09/2013","Descrição","Unidade","Quantidade",null,"Custo Unit.","Custo Total"]
["1.0","SINAPI 004729","Pedra britada nº 1 ou 19 mm  posto pedreira/fornecedor  (SEM FRETE)","m³",1,null,75,{"$f":"E124*G124","v":75}]
["1.1","SERVIÇO-72887","Transporte comercial com caminhão basculhante 6 m³, rodovia pavimentada, DMT ate 210Km","m³x Km",210,null,0.73,{"$f":"ROUND(E125*G125,2)","v":153.30000000000001}]
[{"$nulls":6},"Total geral (Sem BDI)",{"$f":"SUM(H124:H125)","v":228.3}]
[]
["CONCRETO FCK 15 MPA (1:2:5:3),INCLUIDO PREPARO MECANICO, LANÇAMENTO E ADENSAMENTO. ",{"$nulls":6},"UND: m³"]
["Item","Cód. SINAPI 09/2013","Descrição","Unidade","Quantidade",null,"Custo Unit.","Custo Total"]
["1.0","COMPOSIÇÃO","AREIA GROSSA - DMT ATÉ 25Km","M3",0.7,null,{"$f":"H120","v":73.25},{"$f":"ROUND(E130*G130,2)","v":51.28}]
["1.1","INSUMO - 11652","VIBRADOR DE IMERSÃO,DIAMETRO DE 25MM,COM MOTOR A GASOLINA DE 3,5 HP","Unid.",1.98E-5,null,1976.78,0.04]
["1.2","INSUMO - 4750","PEDREIRO","H",4,null,10.35,41.4]
["1.3","INSUMO - 4222","GASOLINA COMUM","L",6.88E-2,null,3.05,0.21]
["1.4","INSUMO - 10537","BETONEIRA 320 LITROS,SEM CARREGADOR,MOTOR A DIESEL DE 5,5 HP","Unid.",1.916E-4,null,7680.29,{"$f":"ROUND(E134*G134,2)","v":1.47}]
["1.5","INSUMO - 6111","SERVENTE","H",9,null,6.31,{"$f":"ROUND(E135*G135,2)","v":56.79}]
["1.6","INSUMO - 1379","CIMENTO PORTLAND COMPOSTO CP II - 32","KG",325,null,0.55000000000000004,178.75]
["1.7","INSUMO - 4221","OLEO DIESEL COMBUSTIVEL COMUM","L",0.96479999999999999,null,2.42,{"$f":"ROUND(E137*G137,2)","v":2.33}]
["1.1","COMPOSIÇÃO","PEDRA BRITADA N. 1 OU 19 MM  - DMT ate 210 Km","m³",0.76600000000000001,null,{"$f":"H126","v":228.3},{"$f":"E138*G138","v":174.87780000000001}]
[{"$nulls":6},"Total",{"$f":"SUM(H130:H138)","v":507.14779999999996}]
[{"$nulls":6},{"$f":"$I$7","v":"BDI (26,44%)"},{"$f":"H139*$J$2","v":134.08987832}]
[{"$nulls":6},"Total geral",{"$f":"H139+H140","v":641.23767831999999}]
[]
["EXECUÇÃO DE ENVELOPAMENTO DE TUBULAÇÃO EM CONCRETO SIMPLES,INCLUIDO PREPARO MECANICO, LANÇAMENTO E ADENSAMENTO. ",{"$nulls":6},"UND: m³"]
["Item","Cód. SINAPI 09/2013","Descrição","Unidade","Quantidade",null,"Custo Unit.","Custo Total"]
["1.0","INSUMO - 6111","SERVENTE","H",10.86,null,6.31,{"$f":"ROUND(E145*G145,2)","v":68.53}]
["1.1","INSUMO - 4750","PEDREIRO","H",2.14,null,10.35,{"$f":"ROUND(E146*G146,2)","v":22.15}]
["1.3"]
["1.4","COMPOSIÇÃO","AREIA GROSSA - DMT ATÉ 25Km","M3",0.74199999999999999,null,{"$f":"H120","v":73.25},{"$f":"ROUND(E148*G148,2)","v":54.35}]
["1.6","INSUMO - 1379","CIMENTO PORTLAND COMPOSTO CP II - 32","KG",274.74056907701299,null,0.55000000000000004,{"$f":"ROUND(E149*G149,2)","v":151.11000000000001}]
["1.7","COMPOSIÇÃO","PEDRA BRITADA N. 1 OU 19 MM  - DMT ate 210 Km","m³",0.85,null,{"$f":"H126","v":228.3},194.06]
["1.1","SERVIÇO 5970","FORMA TABUA PARA CONCRETO EM FUNDACAO, C/ REAPROVEITAMENTO 2X.","m²",4,null,49.39,197.56]
[{"$nulls":6},"Total",{"$f":"SUM(H145:H151)","v":687.76}]
[{"$nulls":6},{"$f":"$I$7","v":"BDI (26,44%)"},{"$f":"H152*$J$2","v":181.84374400000002}]
[{"$nulls":6},"Total geral",{"$f":"H152+H153","v":869.60374400000001}]
[]
["Assentamento de conexão em PEAD PE-80 em geral",{"$nulls":6},"UND: unid"]
["Item","Cód. SINAPI ","Descrição","Unidade","Quantidade",null,"Custo Unit.","Custo Total"]
["1.0",1160,"VEICULO COMERCIAL LEVE - CAPACIDADE DE CARGA ATE 700 KG COM MOTOR A GASOLINA TIPO VW-SAVEIRO OU SIMILAR","h",0.6,null,8.42,{"$f":"ROUND(E158*G158,2)","v":5.05}]
["1.1","cotação","Máquina de solda de Eletrofusão em PEAD","h",0.6,null,84.56,50.74]
["1.2",3331,"GRUPO DE SOLDAGEM C/ GERADOR A DIESEL 33HP P/ SOLDA ELETRICA, SOBRE RODAS, TIPO BAMBOZZI MOD. 0-375 A","h",0.8,null,9.7200000000000006,7.78]
["1.5",6160,"Soldador","h",0.6,null,10.35,6.21]
["1.7",242,"AJUDANTE ESPECIALIZADO ","h",1.8,null,6.86,12.35]
["1.1",4221," OLEO DIESEL COMBUSTIVEL COMUM","L",4,null,2.42,9.68]
[{"$nulls":6},"Total",{"$f":"SUM(H158:H163)","v":91.81}]
[{"$nulls":6},{"$f":"$I$7","v":"BDI (26,44%)"},{"$f":"H164*$J$2","v":24.274564000000002}]
[{"$nulls":6},"Total geral",{"$f":"H164+H165","v":116.084564}]
[]
["Retirada de tubos e conexões em PVC ríg. PBA, PB JE p/ água Ø 75mm",{"$nulls":6},"UND: m"]
[null,"Código","Mão-de-obra","Unidade","Quantidade",null,"P. Unitário","P. Total"]
["1.0",6115,"Ajudante","h",0.08,null,6.31,{"$f":"ROUND((E170*G170),2)","v":0.5}]
["1.1",2699,"Assentador de Tubo","h",0.04,null,11.25,{"$f":"ROUND((E171*G171),2)","v":0.45}]
[{"$nulls":6},"Total",{"$f":"SUM(H170:H171)","v":0.95}]
[{"$nulls":6},{"$f":"$I$7","v":"BDI (26,44%)"},{"$f":"ROUND(0.235*H172,2)","v":0.22}]
[{"$nulls":6},"Total geral",{"$f":"H172+H173","v":1.17}]
[]
["CARGA E DESCARGA DE TUBOS PVC RIG. / RPVC,  DN ATE 350 MM",{"$nulls":6},"UND: T"]
["Item","Cód. SINAPI","Descrição","Unidade","Quantidade",null,"Custo Unit.","Custo Total"]
[null,"UND: T","EQUIPAMENTOS"]
["1.0","INSUMO-3366","GUINDASTE TIPO MUNCK CAP * 5T * MONTADO EM CAMINHAO CARROCERIA ( LOCAÇÃO COM OPERADOR,COMBUSTIVEL E MANUTENÇÃO).","H",1.2E-2,null,54.56,{"$f":"E179*G179","v":0.65472000000000008}]
["1.1",6111,"Servente","H",1.2E-2,null,6.31,{"$f":"E180*G180","v":7.5719999999999996E-2}]
[{"$nulls":6},"Total",{"$f":"SUM(H179:H180)","v":0.73044000000000009}]
[{"$nulls":6},{"$f":"$I$7","v":"BDI (26,44%)"},{"$f":"H181*$J$2","v":0.19312833600000004}]
[{"$nulls":6},"Total geral",{"$f":"H181+H182","v":0.9235683360000001}]
[]
["Momento de transporte de tubulação, peças e conexões em PVC rígido DN até 350 mm",{"$nulls":6},"UND: T"]
["Item","Cód. SINAPI","Descrição","Unidade","Quantidade",null,"Custo Unit.","Custo Total"]
[null,"UND: T","EQUIPAMENTOS"]
["1.0","INSUMO-3366","GUINDASTE TIPO MUNCK CAP * 5T * MONTADO EM CAMINHAO CARROCERIA ( LOCAÇÃO COM OPERADOR,COMBUSTIVEL E MANUTENÇÃO).","H",0.02,null,54.56,{"$f":"E188*G188","v":1.0912000000000002}]
["1.1",6111,"Servente","H",0.02,null,6.31,{"$f":"E189*G189","v":0.12620000000000001}]
[{"$nulls":6},"Total",{"$f":"SUM(H188:H189)","v":1.2174000000000003}]
[{"$nulls":6},{"$f":"$I$7","v":"BDI (26,44%)"},{"$f":"H190*$J$2","v":0.32188056000000009}]
[{"$nulls":6},"Total geral",{"$f":"H190+H191","v":1.5392805600000004}]
[]
["Retirada de tubos e conexões em PVC ríg. PBA, PB JE p/ água Ø 50mm",{"$nulls":6},"UND: m"]
[null,"Código","Mão-de-obra","Unidade","Quantidade",null,"P. Unitário","P. Total"]
["1.0",6115,"Ajudante","h",0.06,null,6.31,{"$f":"ROUND((E196*G196),2)","v":0.38}]
["1.1",2699,"Assentador de Tubo","h",0.03,null,11.25,{"$f":"ROUND((E197*G197),2)","v":0.34}]
[{"$nulls":6},"Total",{"$f":"SUM(H196:H197)","v":0.72}]
[{"$nulls":6},{"$f":"$I$7","v":"BDI (26,44%)"},{"$f":"H198*$J$2","v":0.19036800000000001}]
[{"$nulls":6},"Total geral",{"$f":"H198+H199","v":0.91036799999999996}]
[]
["CARGA E DESCARGA DE TUBO DE FO.FO. DUCTIL OU ACO CARBONO,  P/DN ATE 300MM.",{"$nulls":6},"UND: TON."]
["Item","Cód. SINAPI","Descrição","Unidade","Quantidade",null,"Custo Unit.","Custo Total"]
[null,null,"EQUIPAMENTOS"]
["1.0","INSUMO-3366","GUINDASTE TIPO MUNCK CAP * 5T * MONTADO EM CAMINHAO CARROCERIA ( LOCAÇÃO COM OPERADOR,COMBUSTIVEL E MANUTENÇÃO).","H",0.15,null,54.56,{"$f":"E205*G205","v":8.1839999999999993}]
["1.1",4221,"Óleo Diesel","l",0.05,null,2.42,{"$f":"E206*G206","v":0.121}]
["1.2",6111,"Servente","H",3.4,null,6.31,{"$f":"E207*G207","v":21.453999999999997}]
[{"$nulls":6},"Total",{"$f":"SUM(H205:H207)","v":29.758999999999997}]
[{"$nulls":6},{"$f":"$I$7","v":"BDI (26,44%)"},{"$f":"H208*$J$2","v":7.8682796000000002}]
[{"$nulls":6},"Total geral",{"$f":"H208+H209","v":37.627279599999994}]
[]
["ESCAV. DE VALAS, POÇOS E CAVAS - ESGOTO - EM ROCHA SA,  COM ESCAVADEIRA HIDRAULICA E ROMPEDOR HIDRAULICO, ENTRE 0 E 2 METROS DE PROFUNDIDADE, PRODUÇÃO HORÁRIA 4 M3",{"$nulls":6},"UND: m³"]
["Item","Cód. SINAPI","Descrição","Unidade","Quantidade",null,"Custo Unit.","Custo Total"]
["1.0"," SERVIÇO 74032/001","ESCAVADEIRA HIDRAULICA SOBRE ESTEIRA 146 A 169HP CAP. 2M3 TIPO KOMATSU PC 300- SERIE C OU EQUIVALENTE (INCL MANUTENCAO/OPERACAO)","H",0.3,null,138.52000000000001,{"$f":"E214*G214","v":41.556000000000004}]
[null," INSUM0 6044","RETROESCAVADEIRA C/ CARREGADEIRA SOBRE PNEUS 75HP C/CONVERSOR DE TORQUE (INCL H 70,56 MANUTENCAO/OPERACAO E COMBUSTÍVEL)","H",0.19,null,70.34,{"$f":"E215*G215","v":13.364600000000001}]
["1.1","cotação","ROMPEDOR HIDRÁULICO","H",0.30299999999999999,null,115.34,34.94802]
["1.2","INSUMO 4221","COMBUSTÍVEL (ESCAVADEIRA HIDRÁULICA)","L",5.15,null,2.42,12.463000000000001]
["1.8","cotação","PONTEIRA","UNID",2.5000000000000001E-3,null,5201.95,13.004875]
["1.10",6111,"Servente","H",1,null,6.31,{"$f":"E219*G219","v":6.31}]
[{"$nulls":6},"Total",{"$f":"SUM(H214:H219)","v":121.64649500000002}]
[{"$nulls":6},{"$f":"$I$7","v":"BDI (26,44%)"},{"$f":"H220*$J$2","v":32.16333327800001}]
[{"$nulls":6},"Total geral",{"$f":"H220+H221","v":153.80982827800003}]
[]
[]
["MONTAGEM DE PEÇAS, CONEXÕES, VÁLVULAS, APARELHOS E ACESSÓRIOS DE FERRO FUNDIDO DÚCTIL OU AÇO CARBONO, JUNTA FLANGEADA OU MECÂNICA COM DIÂMETROS DE 50 A 250 mm.",{"$nulls":6},"UND: kg"]
["Item","Cód. SINAPI","Descrição","Unidade","Quantidade",null,"Custo Unit.","Custo Total"]
[null,null,"EQUIPAMENTOS"]
[null,"SERVIÇO 73532","Talha Manual","CHP",0.5,null,0.4,{"$f":"G228*E228","v":0.2}]
[null,null,"MÃO-DE-OBRA"]
["1.1",6111,"Servente","H",0.09,null,6.31,{"$f":"G230*E230","v":0.56789999999999996}]
["1.2","2696","Encanador","H",6.3E-2,null,10.35,{"$f":"G231*E231","v":0.65205000000000002}]
[{"$nulls":6},"Total",{"$f":"SUM(H228:H231)","v":1.41995}]
[{"$nulls":6},{"$f":"$I$7","v":"BDI (26,44%)"},{"$f":"H232*$J$2","v":0.37543478000000002}]
[{"$nulls":6},"Total geral",{"$f":"H232+H233","v":1.79538478}]
[]
[]
[" INSTALAÇÃO DE CABO EPROTENAX 4 x 35 mm.",{"$nulls":6},"UND: m"]
[]
["Item","Cód. SINAPI","Descrição","Unidade","Quantidade",null,"Custo Unit.","Custo Total"]
["1.4",4083,"Encarregado","h",{"$f":"8/150","v":5.3333333333333337E-2},null,16.239999999999998,{"$f":"ROUND(E240*G240,2)","v":0.87}]
["1.5"," INSUM0 6044","Retro Escavadeira para esticar o Cabo","h",{"$f":"8/150","v":5.3333333333333337E-2},null,70.34,3.75]
["1.6","6115","Ajudante","h",{"$f":"8/150*2","v":0.10666666666666667},null,6.31,0.67]
[{"$nulls":6},"Total",{"$f":"SUM(H240:H242)","v":5.29}]
[{"$nulls":6},{"$f":"$I$7","v":"BDI (26,44%)"},{"$f":"H243*$J$2","v":1.398676}]
[{"$nulls":6},"Total geral",{"$f":"H243+H244","v":6.6886760000000001}]
[]
[" INSTALAÇÃO DE CABO EPROTENAX 4 x 50 mm.",{"$nulls":6},"UND: m"]
[]
["Item","Cód. SINAPI","Descrição","Unidade","Quantidade",null,"Custo Unit.","Custo Total"]
["1.4",4083,"Encarregado","h",{"$f":"8/100","v":0.08},null,16.239999999999998,{"$f":"ROUND(E250*G250,2)","v":1.3}]
["1.5"," INSUM0 6044","Retro Escavadeira para esticar o Cabo","h",{"$f":"8/100","v":0.08},null,70.34,5.63]
["1.6","6115","Ajudante","h",{"$f":"8/100*2","v":0.16},null,6.31,1.01]
[{"$nulls":6},"Total",{"$f":"SUM(H250:H252)","v":7.9399999999999995}]
[{"$nulls":6},{"$f":"$I$7","v":"BDI (26,44%)"},{"$f":"H253*$J$2","v":2.0993360000000001}]
[{"$nulls":6},"Total geral",{"$f":"H253+H254","v":10.039335999999999}]
[]
[" INSTALAÇÃO DE ELETRODUTO PVC 4\", INCLUSIVE ESCAVAÇÃO E REATERRO",{"$nulls":6},"UND: m"]
[]
["Item","Cód. SINAPI","Descrição","Unidade","Quantidade",null,"Custo Unit.","Custo Total"]
["1.0","73965/010","Escavação manual de valas em solo de 1ª cat. exec. com profundidade até 1,5m EXCLUINDO ESGOTAMENTO / ESCORAMENTO","M³",{"$f":"0.6*0.8*1","v":0.48},null,22.07,{"$f":"ROUND(E260*G260,2)","v":10.59}]
["1.1","74015/001","EXEC. DE ATERRO EM VALAS/POCOS/CAVAS DE FUNDACAO C/ SOLO PROVENIENTE DAS ESCAVACOES,  INCL. LANCAM.,  ESPALHAM.,  COMPACT. C/ PLACA VIBRAT.,  SOQUETE PNEUMATICO ","M³",{"$f":"(0.6*0.8)-(3.14*0.05*0.05)","v":0.47214999999999996},null,14.97,7.07]
["1.4",4083,"Encarregado","h",0.17,null,16.239999999999998,2.76]
["1.6","6115","Ajudante","h",0.35,null,6.31,2.21]
[{"$nulls":6},"Total",{"$f":"SUM(H260:H263)","v":22.630000000000003}]
[{"$nulls":6},{"$f":"$I$7","v":"BDI (26,44%)"},{"$f":"H264*$J$2","v":5.983372000000001}]
[{"$nulls":6},"Total geral",{"$f":"H264+H265","v":28.613372000000005}]
[]
["Assentamento de esquadria metalica ",{"$nulls":6},"UND: m²"]
[]
["Item","Cód. SINAPI","Descrição","Unidade","Quantidade",null,"Custo Unit.","Custo Total"]
["1.4","INSUMO - 4750","PEDREIRO","H",0.8,null,10.35,{"$f":"ROUND(E271*G271,2)","v":8.2799999999999994}]
["1.5","INSUMO - 6111","SERVENTE","H",2.8,null,6.31,17.670000000000002]
["1.6",73449,"ARGAMASSA CIMENTO/AREIA 1:4 PREPARO MANUAL","M3",6.0000000000000001E-3,null,333.59,2]
[{"$nulls":6},"Total",{"$f":"SUM(H271:H273)","v":27.950000000000003}]
[{"$nulls":6},{"$f":"$I$7","v":"BDI (26,44%)"},{"$f":"H274*$J$2","v":7.3899800000000013}]
[{"$nulls":6},"Total geral",{"$f":"H274+H275","v":35.339980000000004}]
[]
[]
["Acompanhamento topografico",{"$nulls":6},"UND: dia"]
[]
["Item","Cód. SINAPI","Descrição","Unidade","Quantidade",null,"Custo Unit.","Custo Total"]
["1.1",244,"Auxiliar de topografo","h",8,null,11.03,{"$f":"ROUND(E282*G282,2)","v":88.24}]
["1.2",7592,"Topografo","h",8,null,14.68,117.44]
[{"$nulls":6},"Total",{"$f":"SUM(H282:H283)","v":205.68}]
[{"$nulls":6},{"$f":"$I$7","v":"BDI (26,44%)"},{"$f":"H284*$J$2","v":54.381792000000004}]
[{"$nulls":6},"Total geral",{"$f":"H284+H285","v":260.06179200000003}]
[]
[" Sinalização aberta sem iluminação, montantes de h=1,00m e tela em PVC, incluindo fornecimnto, transporte, instalação e remoção para outro local da obra",{"$nulls":6},"UND: m"]
[]
["Item","Cód. SINAPI","Descrição","Unidade","Quantidade",null,"Custo Unit.","Custo Total"]
["1.0","serviço 85424","Isolamento de obra com tela plastica com malha de 5mm e estrutura de madeira pontaleteada","m²",2,null,11.57,{"$f":"ROUND(E291*G291,2)","v":23.14}]
["1.4",4083,"Encarregado","h",1.6999999999999999E-3,null,16.239999999999998,0.03]
["1.5","1213","carpinteiro","h",3.0000000000000001E-3,null,10.35,0.03]
["1.6","6117","Ajudante de carpinteiro","h",3.0000000000000001E-3,null,7.78,0.02]
[{"$nulls":6},"Total",{"$f":"SUM(H291:H294)","v":23.220000000000002}]
[{"$nulls":6},{"$f":"$I$7","v":"BDI (26,44%)"},{"$f":"H295*$J$2","v":6.139368000000001}]
[{"$nulls":6},"Total geral",{"$f":"H295+H296","v":29.359368000000003}]
[]
["Carga e descarga de tubulação em polietileno para Ø até 160mm",{"$nulls":6},"UND: m"]
[]
["Item","Cód. SINAPI","Descrição","Unidade","Quantidade",null,"Custo Unit.","Custo Total"]
["1.1","serviço73355","Caminhão carroceria","H",3.1359999999999999E-2,null,40.950000000000003,{"$f":"ROUND(E302*G302,2)","v":1.28}]
["1.2",6111,"Servente","H",3.1359999999999999E-2,null,6.31,{"$f":"G303*E303","v":0.19788159999999999}]
[{"$nulls":6},"Total",{"$f":"SUM(H302:H303)","v":1.4778815999999999}]
[{"$nulls":6},{"$f":"$I$7","v":"BDI (26,44%)"},{"$f":"H304*$J$2","v":0.39075189504000002}]
[{"$nulls":6},"Total geral",{"$f":"H304+H305","v":1.8686334950399999}]
[]
["Momento de transporte de tubulação, peças e conexões em polietileno ",{"$nulls":6},"UND: m"]
[]
["Item","Cód. SINAPI","Descrição","Unidade","Quantidade",null,"Custo Unit.","Custo Total"]
["1.1","serviço73355","Caminhão carroceria","H",0.02,null,40.950000000000003,{"$f":"ROUND(E311*G311,2)","v":0.82}]
["1.2",6111,"Servente","H",0.02,null,6.31,{"$f":"G312*E312","v":0.12620000000000001}]
[{"$nulls":6},"Total",{"$f":"SUM(H311:H312)","v":0.94619999999999993}]
[{"$nulls":6},{"$f":"$I$7","v":"BDI (26,44%)"},{"$f":"H313*$J$2","v":0.25017528}]
[{"$nulls":6},"Total geral",{"$f":"H313+H314","v":1.1963752799999998}]
[]
[]
["MONTAGEM E INSTALAÇÃO DE BOMBA DOSADORA , BOMBAS MISTURADORAS E ENCANAMENTO ATE A ESTAÇÃO DE TRATAMENTO",{"$nulls":6},"UND: unid."]
["Item","Cód. SINAPI","Descrição","Unidade","Quantidade",null,"Custo Unit.","Custo Total"]
["1.0",2707,"Engenheiro eletricista pleno","H",6,null,104.4,{"$f":"ROUND(E320*G320,2)","v":626.4}]
["1.1",4083,"Encarregado","H",8,null,16.239999999999998,129.91999999999999]
["1.2","2439","Eletricista Industrial","H",42,null,13.34,560.28]
["1.3","2696","Encanador ou Bombeiro Hidraulico","H",15,null,10.35,155.25]
["1.4","0247","Auxiliar de eletricista","H",42,null,6.44,270.48]
["1.5","246","Auxiliar de Encanador ou Bombeiro Hidraulico","H",15,null,7.78,116.7]
[{"$nulls":6},"Total",{"$f":"SUM(H320:H325)","v":1859.03}]
[{"$nulls":6},{"$f":"$I$7","v":"BDI (26,44%)"},{"$f":"H326*$J$2","v":491.52753200000006}]
[{"$nulls":6},"Total geral",{"$f":"H326+H327","v":2350.5575319999998}]
[]
["MONTAGEM DE ESCADA DE ACESSO AOS FLOCULADORIAS DA ESTAÇÃO DE TRATAMENTO",{"$nulls":6},"UND: unid."]
["Item","Cód. SINAPI","Descrição","Unidade","Quantidade",null,"Custo Unit.","Custo Total"]
["1.1",4083,"Encarregado","H",3,null,16.239999999999998,{"$f":"ROUND(E332*G332,2)","v":48.72}]
["1.2","2439","Eletricista Industrial","H",16,null,13.34,213.44]
[null,"252","Auxiliar de serralheiro","H",16,null,7.36,{"$f":"ROUND(E334*G334,2)","v":117.76}]
[{"$nulls":6},"Total",{"$f":"SUM(H332:H334)","v":379.91999999999996}]
[{"$nulls":6},{"$f":"$I$7","v":"BDI (26,44%)"},{"$f":"H335*$J$2","v":100.45084799999999}]
[{"$nulls":6},"Total geral",{"$f":"H335+H336","v":480.37084799999997}]
[]
["PINTURA DA LOGOMARACA DA  CODEVASF ",{"$nulls":6},"UND: unid."]
["Item","SERVIÇO:","Descrição","Unidade","Quantidade",null,"Custo Unit.","Custo Total"]
["1.0",3767,"Lixa p/ paredes","un",4,null,0.41,{"$f":"E341*G341","v":1.64}]
["1.1",6091,"Liquido Preparador","LT",2,null,20.260000000000002,{"$f":"E342*G342","v":40.520000000000003}]
["1.2",5318,"SOLVENTE DILUENTE A BASE DE AGUARRAS ","LT",1,null,8.6999999999999993,8.6999999999999993]
["1.3",7311,"TINTA ESMALTE SINTETICO","LT",3.6,null,19.670000000000002,70.812000000000012]
["1.4",6111,"Servente","H",4,null,6.31,{"$f":"E345*G345","v":25.24}]
["1.5",4783,"Pintor","H",4,null,10.35,41.4]
[{"$nulls":6},"Total",{"$f":"SUM(H341:H346)","v":188.31200000000001}]
[{"$nulls":6},{"$f":"$I$7","v":"BDI (26,44%)"},{"$f":"H347*$J$2","v":49.789692800000005}]
[{"$nulls":6},"Total geral",{"$f":"H347+H348","v":238.10169280000002}]
[]
["PINTURA DA LOGOMARACA DA  CODEVASF  RESERVATÓRIO",{"$nulls":6},"UND: unid."]
["Item","SERVIÇO:","Descrição","Unidade","Quantidade",null,"Custo Unit.","Custo Total"]
["1.0",3768,"Lixa ferro","un",4,null,1.86,{"$f":"E353*G353","v":7.44}]
["1.1",5318,"SOLVENTE DILUENTE A BASE DE AGUARRAS ","LT",2,null,8.6999999999999993,{"$f":"E354*G354","v":17.399999999999999}]
["1.2",7311,"TINTA ESMALTE SINTETICO","LT",3.6,null,19.670000000000002,70.812000000000012]
["1.3",6111,"Servente","H",7,null,6.31,{"$f":"E356*G356","v":44.169999999999995}]
["1.4",4783,"Pintor","H",7,null,10.35,72.45]
[null,"SERVIÇO 73618","Locação mensal de andaime metalico tipo fachadeiro, incluisive montagem","M²",35,null,4.7,164.5]
[{"$nulls":6},"Total",{"$f":"SUM(H353:H358)","v":376.77199999999999}]
[{"$nulls":6},{"$f":"$I$7","v":"BDI (26,44%)"},{"$f":"H359*$J$2","v":99.618516800000009}]
[{"$nulls":6},"Total geral",{"$f":"H359+H360","v":476.3905168}]
[]
["ESCADA INTERNA PARA RESERVATÓRIO",{"$nulls":6},"UND: unid."]
["Item","Cód. SINAPI","Descrição","Unidade","Quantidade",null,"Custo Unit.","Custo Total"]
["1.0",6115,"Ajudante","H",14.67,null,6.31,{"$f":"ROUND(E365*G365,2)","v":92.57}]
["1.1",4750,"Pedreiro","H",14.67,null,10.35,{"$f":"ROUND(E366*G366,2)","v":151.83000000000001}]
["1.2","6011","Argamassa 1:3","m³",7.0000000000000001E-3,null,449.06,{"$f":"ROUND(E367*G367,2)","v":3.14}]
["1.3","73665","Escada tipo marinheiro, degraus em ferro redondo, diâmetro de 1/2''","m³",19,null,33.96,{"$f":"ROUND(E368*G368,2)","v":645.24}]
[{"$nulls":6},"Total",{"$f":"SUM(H365:H368)","v":892.78}]
[{"$nulls":6},{"$f":"$I$7","v":"BDI (26,44%)"},{"$f":"H369*$J$2","v":236.05103200000002}]
[{"$nulls":6},"Total geral",{"$f":"H369+H370","v":1128.8310320000001}]
[]
["CAMADA DE BRITA P/PROTECAO TERMICA DA LAJE DE COBERTURA",{"$nulls":6},"UND: m³"]
["Item","Cód. SINAPI","Descrição","Unidade","Quantidade",null,"Custo Unit.","Custo Total"]
["1.0",6115,"Ajudante","H",3,null,6.31,{"$f":"ROUND(E375*G375,2)","v":18.93}]
["1.1","4718","Brita para Lastro","m³",1.2,null,49,{"$f":"ROUND(E376*G376,2)","v":58.8}]
[{"$nulls":6},"Total",{"$f":"SUM(H375:H376)","v":77.72999999999999}]
[{"$nulls":6},{"$f":"$I$7","v":"BDI (26,44%)"},{"$f":"H377*$J$2","v":20.551811999999998}]
[{"$nulls":6},"Total geral",{"$f":"H377+H378","v":98.281811999999988}]
[]
["SUSPIRO EM FOFO D=100MM, PARA RESERVATORIO",{"$nulls":6},"UND: unid."]
["Item","Cód. SINAPI","Descrição","Unidade","Quantidade",null,"Custo Unit.","Custo Total"]
["1.0","MAT24261","SUSPIRO EM FOFO D=100MM, PARA\nRESERVATORIO","Und.",1,null,437.91,{"$f":"ROUND(E383*G383,2)","v":437.91}]
["1.1","2696","Encanador","H",4,null,10.35,{"$f":"ROUND(E384*G384,2)","v":41.4}]
[{"$nulls":6},"Total",{"$f":"SUM(H383:H384)","v":479.31}]
[{"$nulls":6},{"$f":"$I$7","v":"BDI (26,44%)"},{"$f":"ROUND(0.235*H385,2)","v":112.64}]
[{"$nulls":6},"Total geral",{"$f":"H385+H386","v":591.95000000000005}]
[]
["REALIZAÇÃO DE TESTES PRÉ-OPERACIONAIS E TESTES DE FUNCIONAMENTO DO SISTEMA, inclusive FORNECIMENTO DE PRODUTOS QUÍMICOS NECESSÁRIOS PARA 1 MÊS DE OPERAÇÃO E TREINAMENTO DO PESSOAL PARA OPERAÇÃO E MANUTENÇÃO DO SISTEMA",{"$nulls":6},"UND: unid."]
["Item","Cód. SINAPI","Descrição","Unidade","Quantidade",null,"Custo Unit.","Custo Total"]
["1.0",2707,"Engenheiro  Pleno Civil","H",5,null,104.4,{"$f":"ROUND(E391*G391,2)","v":522}]
["1.1",532,"Auxiliar de Engenharia","H",8,null,14.74,117.92]
["1.2","2696","Encanador","H",16,null,10.35,165.6]
["1.3",6116,"Ajudante de Encanador","H",16,null,6.96,111.36]
["1.4","cotacao","Sulfato de Alumínio","Kg",200,null,1.24,248]
["1.5",13003,"Hipoclorito de Sódio (Cloro) ","L",87,null,1.64,142.68]
[{"$nulls":6},"Total",{"$f":"SUM(H391:H396)","v":1307.5600000000002}]
[{"$nulls":6},{"$f":"$I$7","v":"BDI (26,44%)"},{"$f":"H397*$J$2","v":345.71886400000005}]
[{"$nulls":6},"Total geral",{"$f":"H397+H398","v":1653.2788640000003}]
[]
["ELABORAÇÃO DE PROJETO EXECUTIVO E DETALHAMENTO DE TRAVESSIA SUBTERRÂNEA PELO MÉTODO NÃO DESTRUTIVO CONFORME ESPECIFICAÇÕES VIGENTES DERBA (UND)",{"$nulls":6},"UND: unid."]
["Item","Cód. SINAPI","Descrição","Unidade","Quantidade",null,"Custo Unit.","Custo Total"]
["1.0",2707,"Engenheiro  Pleno de Obras","H",1,null,104.4,{"$f":"E403*G403","v":104.4}]
["1.1","2358","Desenhista Projetista","H",2,null,16.79,{"$f":"E404*G404","v":33.58}]
["1.2","Ct.","ART","Und.",1,null,40,{"$f":"E405*G405","v":40}]
["1.3","Ct.","Aprovação e Emolumentos","Und.",1,null,60,{"$f":"E406*G406","v":60}]
[{"$nulls":6},"Total",{"$f":"SUM(H403:H406)","v":237.98000000000002}]
[{"$nulls":6},{"$f":"$I$7","v":"BDI (26,44%)"},{"$f":"H407*$J$2","v":62.921912000000013}]
[{"$nulls":6},"Total geral",{"$f":"H407+H408","v":300.90191200000004}]
[]
["EXECUCAO DE TRAVESSIA SUBTERRANEA PELO METODO NÃO DESTRUTIVEL - DN 150 mm - INCLUSIVE MOBILIZAÇÃO E DESMOBILIZAÇÃO"]
["EXECUÇÃO DE TRAVESSIA SUBTERRÂNEA PELO MÉTODO NÃO DESTRUTÍVEL - PERFURAÇÃO DE 300 MM = 1146 X 1,067 X 1,2356 = DIAMANTE ENGENHARIA"]
["2012-08-01",237.09800000000001,"COLUNA 38 FGV"]
["2014-02-01",253.024]
["I=",{"$f":"B414/B413","v":1.0671705370774953}]
[null,{"$f":"1146*1.067*1.2356","v":1510.8694392}]
[]
[]
[" POCO DE ATAQUE - 4x3x3m- (ENTRADA OU SAIDA)- para auxílio para travessia subterrânea",{"$nulls":6},"UND: m³"]
["Item","Cód. SINAPI","Descrição","Unidade","Quantidade",null,"Custo Unit.","Custo Total"]
["1.0","74221/001","Sinalização Noturna","m",0.38,null,1.27,{"$f":"E421*G421","v":0.48260000000000003}]
["1.1","73965/011","ESCAVACAO MANUAL DE VALA EM  MATERIAL DE 1A CATEGORIA  DE 1,5 ATE 3M EXCLUINDO ESGOTAMENTO / ESCORAMENTO","m³",1,null,28.38,{"$f":"E422*G422","v":28.38}]
["1.2","5622","REGULARIZACAO E COMPACTACAO MANUAL DE TERRENO COM SOQUETE","m²",0.33,null,2.08,{"$f":"E423*G423","v":0.68640000000000001}]
["1.3","73877/001","Escoramento de valas com pranchões metálicos  -  Área Cravada","m²",1.1599999999999999,null,35.270000000000003,{"$f":"E424*G424","v":40.913200000000003}]
["1.4","73904/001","ATERRO APILOADO(MANUAL) EM CAMADAS DE 20 CM COM MATERIAL DE EMPRÉSTIMO","m³",1,null,60.17,{"$f":"E425*G425","v":60.17}]
[{"$nulls":6},"Total",{"$f":"SUM(H421:H425)","v":130.63220000000001}]
[{"$nulls":6},{"$f":"$I$7","v":"BDI (26,44%)"},{"$f":"H426*$J$2","v":34.539153680000005}]
[{"$nulls":6},"Total geral",{"$f":"H426+H427","v":165.17135368000001}]
[]
["ASSENTAMENTO DE BOLSA x FLANGE FF DN 150mm PN 10, incluindo instalação de aneis de vedação",{"$nulls":6},"UND: unid."]
["Item","Cód. SINAPI","Descrição","Unidade","Quantidade",null,"Custo Unit.","Custo Total"]
["1.0","2696","Encanador","H",0.36,null,10.35,{"$f":"E432*G432","v":3.7259999999999995}]
["1.1","6115","Ajudante","H",0.36,null,6.31,{"$f":"E433*G433","v":2.2715999999999998}]
[{"$nulls":6},"Total",{"$f":"SUM(H432:H433)","v":5.9975999999999994}]
[{"$nulls":6},{"$f":"$I$7","v":"BDI (26,44%)"},{"$f":"ROUND(0.235*H434,2)","v":1.41}]
[{"$nulls":6},"Total geral",{"$f":"H434+H435","v":7.4075999999999995}]
[{"$nulls":7},"d"]
["INSTALAÇÃO DE REGISTRO DE GAVETA Flangeado FF 150 mm",{"$nulls":6},"UND: unid."]
["Item","Cód. SINAPI","Descrição","Unidade","Quantidade",null,"Custo Unit.","Custo Total"]
["1.0","3356","Caminhão Munk","H",0.05,null,54.56,{"$f":"E440*G440","v":2.7280000000000002}]
["1.1","2696","Encanador","H",0.4,null,10.35,{"$f":"E441*G441","v":4.1399999999999997}]
["1.2","6115","Ajudante","H",0.4,null,6.31,{"$f":"E442*G442","v":2.524}]
[{"$nulls":6},"Total",{"$f":"SUM(H440:H442)","v":9.3919999999999995}]
[{"$nulls":6},{"$f":"$I$7","v":"BDI (26,44%)"},{"$f":"H443*$J$2","v":2.4832448}]
[{"$nulls":6},"Total geral",{"$f":"H443+H444","v":11.875244799999999}]
[]
["Lastro de brita",{"$nulls":6},"UND: m³"]
["Item","Cód. SINAPI 09/2013","Descrição","Unidade","Quantidade",null,"Custo Unit.","Custo Total"]
["1.0","COMPOSIÇÃO","PEDRA BRITADA N. 1 OU 19 MM  - DMT ate 210 Km ","M3",1.05,null,{"$f":"H126","v":228.3},{"$f":"ROUND(E449*G449,2)","v":239.72}]
["1.1","Insumo - 6111","Servente","h",2,null,6.31,{"$f":"E450*G450","v":12.62}]
[{"$nulls":6},"Total geral (Sem BDI)",{"$f":"SUM(H449:H450)","v":252.34}]
[]
["CONSTRUÇÃO DE CAIXA DE ALVENARIA COM TAMPA METÁLICA E PORTA CADEADO, COM FUNDO DRENANTE, FORRADO DE BRITA (5,0 CM) PARA ABRIGAR OS REGISTROS DE GAVETA, COM DIMENSÕES 1,0 X 1,0 X 1,0.",{"$nulls":6},"UND: unid."]
["Item","Cód. SINAPI","Descrição","Unidade","Quantidade",null,"Custo Unit.","Custo Total"]
["1.0","74073/001","ALCAPAO EM FERRO 0,6MX0,6M, INCLUSO FERRAGENS","und.",1,null,61.79,{"$f":"E455*G455","v":61.79}]
["1.1","74084/001","Porta cadeado médio","und.",1,null,31.5,{"$f":"E456*G456","v":31.5}]
["1.2","6013","Argamassa 1:3","m³",0.15,null,372.25,55.837499999999999]
["1.3","84214","Formas planas c/ compensado resinado 12mm ","m²",1.4,null,38.9,54.459999999999994]
["1.4","COMPOSIÇÃO","Concreto estrutural fck = 15 Mpa, inclusive aplicação","m³",0.1,null,{"$f":"H139","v":507.14779999999996},50.714779999999998]
["1.5","73982/001","Alvenaria 1/2 vez, com argamassa traço 1:8","m²",4,null,28.67,114.68]
["1.6",5974,"Chapisco 1:4","m²",8,null,3.21,{"$f":"E461*G461","v":25.68}]
["1.7",5976,"Emboco","m²",8,null,15.18,121.44]
["1.8","74164/004","Lastro de brita","m³",0.05,null,64.040000000000006,3.2020000000000004]
[{"$nulls":6},"Total",{"$f":"SUM(H455:H463)","v":519.30427999999995}]
[{"$nulls":6},{"$f":"$I$7","v":"BDI (26,44%)"},{"$f":"H464*$J$2","v":137.30405163200001}]
[{"$nulls":6},"Total geral",{"$f":"H464+H465","v":656.60833163199993}]
[]
["Teste Hidrostático em rede de água/adutora",{"$nulls":6},"UND: m"]
["Item","Cód. SINAPI","Descrição","Unidade","Quantidade",null,"Custo Unit.","Custo Total"]
["1.0","Insumo - 2696","Encanador ou Bombeiro Hidráulico","h",6.0200000000000002E-3,null,10.35,{"$f":"E470*G470","v":6.2307000000000001E-2}]
["1.1","Insumo - 4083","Encarregado Geral","h",3.0000000000000001E-3,null,16.239999999999998,{"$f":"E471*G471","v":4.8719999999999999E-2}]
["1.2","Insumo - 6111","Servente","h",1.7999999999999999E-2,null,6.31,0.11357999999999999]
["1.3","Insumo - 0745","Bomba para teste Hidrostático até 850 libras (Locação)","h",1E-3,null,0.74,{"$f":"E473*G473","v":7.3999999999999999E-4}]
[{"$nulls":6},"Total",{"$f":"SUM(H470:H473)","v":0.22534699999999999}]
[{"$nulls":6},{"$f":"$I$7","v":"BDI (26,44%)"},{"$f":"H474*$J$2","v":5.9581746800000002E-2}]
[{"$nulls":6},"Total geral",{"$f":"H474+H475","v":0.28492874680000002}]
[]
["Execução de fundação reservatorio de 70m³ em estaca escavada e bloco",{"$nulls":6},"UND: unid."]
["Item","Cód. SINAPI","Descrição","Unidade","Quantidade",null,"Custo Unit.","Custo Total"]
["1.0",378,"Armador","h",71.760000000000005,null,10.35,{"$f":"E480*G480","v":742.71600000000001}]
[null,4750,"Pedreiro","h",71.760000000000005,null,10.35,{"$f":"E481*G481","v":742.71600000000001}]
[null,6111,"Servente","h",71.760000000000005,null,6.31,452.80560000000003]
[null,6114,"Ajudante de armador","h",71.760000000000005,null,7.78,558.29280000000006]
[null,1213,"carpinteiro","h",71.760000000000005,null,10.35,742.71600000000001]
["1.1",72918,"Escavação das estacas e bloco","m³",19.695,null,12.59,{"$f":"E485*G485","v":247.96005}]
["1.2","COMPOSIÇÃO","Concreto estrutural fck = 15 Mpa, inclusive aplicação","m³",15.15,null,{"$f":"H141","v":641.23767831999999},{"$f":"E486*G486","v":9714.7508265479992}]
["1.3","84214","Formas planas c/ compensado resinado 12mm ","m²",9.24,null,38.9,359.43599999999998]
["1.5",31,"Aço CA-50A 1/2\"","kg",670.24799999999993,null,3.51,2352.5704799999994]
["1.6",34,"Aço CA-50A 3/8\"","kg",59.231999999999999,null,3.61,213.82751999999999]
["1.7",33,"Aço CA-50A 5/16\"","kg",118.5,null,3.81,451.48500000000001]
["1.8",32,"Aço CA-50A 1/4\"","kg",52.92,null,4.07,215.38440000000003]
[{"$nulls":6},"Total",{"$f":"SUM(H480:H491)","v":16794.660676547996}]
[{"$nulls":6},{"$f":"$I$7","v":"BDI (26,44%)"},{"$f":"H492*$J$2","v":4440.5082828792902}]
[{"$nulls":6},"Total geral",{"$f":"H492+H493","v":21235.168959427287}]
[]
["Lastro em concreto simples, incl. fornec. de materiais e  produção. (1:2:5:6),Incluido preparo manual.",{"$nulls":6},"UND: m³"]
["Item","Cód. SINAPI ","Descrição","Unidade","Quantidade",null,"Custo Unit.","Custo Total"]
["1.0","COMPOSIÇÃO","AREIA GROSSA - DMT ATÉ 25Km","M3",0.42699999999999999,null,{"$f":"H120","v":73.25},{"$f":"ROUND(E498*G498,2)","v":31.28}]
["1.1","INSUMO - 1379","CIMENTO PORTLAND COMPOSTO CP II - 32","KG",189,null,0.55000000000000004,{"$f":"ROUND(E499*G499,2)","v":103.95}]
["1.2","COMPOSIÇÃO","PEDRA BRITADA N. 1 OU 19 MM  - DMT ate 210 Km","m³",{"$f":"0.507*2","v":1.014},null,{"$f":"H126","v":228.3},{"$f":"E500*G500","v":231.49620000000002}]
["1.5","INSUMO - 6111","SERVENTE","H",10,null,6.31,{"$f":"ROUND(E501*G501,2)","v":63.1}]
["1.7","INSUMO - 4750","PEDREIRO","H",2,null,10.35,{"$f":"ROUND(E502*G502,2)","v":20.7}]
[{"$nulls":6},"Total",{"$f":"SUM(H498:H502)","v":450.52620000000007}]
[{"$nulls":6},{"$f":"$I$7","v":"BDI (26,44%)"},{"$f":"H503*$J$2","v":119.11912728000003}]
[{"$nulls":6},"Total geral",{"$f":"H503+H504","v":569.64532728000006}]
[]
["Montagem do reservatório com uso de guindaste hidráulico autopropelido sobre pneus capac. 35t",{"$nulls":6},"UND: m³"]
["Item","Cód. SINAPI ","Descrição","Unidade","Quantidade",null,"Custo Unit.","Custo Total"]
["1.0",4254,"Operador de guindaste","h",1,null,15.23,{"$f":"ROUND(E509*G509,2)","v":15.23}]
["1.1",10807,"Guindaste hidraúlico capacidade de 35t","h",1,null,168.75,{"$f":"ROUND(E510*G510,2)","v":168.75}]
[{"$nulls":6},"Total",{"$f":"SUM(H509:H510)","v":183.98}]
[{"$nulls":6},{"$f":"$I$7","v":"BDI (26,44%)"},{"$f":"H511*$J$2","v":48.644311999999999}]
[{"$nulls":6},"Total geral",{"$f":"H511+H512","v":232.62431199999997}]
[]
["Assentamento de tubo de polietileno PEAD PE-80 PN 12,5 DN 125 mm",{"$nulls":6},"UND: m"]
[null,"Código","Mão-de-obra","Unidade","Quantidade",null,"P. Unitário","P. Total"]
["1.0",6115,"Ajudante","h",6.5799999999999997E-2,null,6.31,{"$f":"ROUND((E517*G517),2)","v":0.42}]
["1.1",2696,"Encanador","h",6.5799999999999997E-2,null,10.35,{"$f":"ROUND((E518*G518),2)","v":0.68}]
[{"$nulls":6},"Total",{"$f":"SUM(H517:H518)","v":1.1000000000000001}]
[{"$nulls":6},{"$f":"$I$7","v":"BDI (26,44%)"},{"$f":"H519*$J$2","v":0.29084000000000004}]
[{"$nulls":6},"Total geral",{"$f":"H519+H520","v":1.3908400000000001}]
[]
["Retirada de tubo de polietileno PEAD PE-80 PN 12,5 DN 125 mm",{"$nulls":6},"UND: m"]
[null,"Código","Mão-de-obra","Unidade","Quantidade",null,"P. Unitário","P. Total"]
["1.0",6115,"Ajudante","h",6.5799999999999997E-2,null,6.31,{"$f":"ROUND((E525*G525),2)","v":0.42}]
["1.1",2696,"Encanador","h",6.5799999999999997E-2,null,10.35,{"$f":"ROUND((E526*G526),2)","v":0.68}]
[{"$nulls":6},"Total",{"$f":"SUM(H525:H526)","v":1.1000000000000001}]
[{"$nulls":6},{"$f":"$I$7","v":"BDI (26,44%)"},{"$f":"H527*$J$2","v":0.29084000000000004}]
[{"$nulls":6},"Total geral",{"$f":"H527+H528","v":1.3908400000000001}]
[]
["Assentamento de tubo de polietileno PEAD PE-80 PN 12,5 DN 140 mm",{"$nulls":6},"UND: m"]
[null,"Código","Mão-de-obra","Unidade","Quantidade",null,"P. Unitário","P. Total"]
["1.0",6115,"Ajudante","h",6.7000000000000004E-2,null,6.31,{"$f":"ROUND((E533*G533),2)","v":0.42}]
["1.1",2696,"Encanador","h",6.7000000000000004E-2,null,10.35,{"$f":"ROUND((E534*G534),2)","v":0.69}]
[{"$nulls":6},"Total",{"$f":"SUM(H533:H534)","v":1.1099999999999999}]
[{"$nulls":6},{"$f":"$I$7","v":"BDI (26,44%)"},{"$f":"H535*$J$2","v":0.29348399999999997}]
[{"$nulls":6},"Total geral",{"$f":"H535+H536","v":1.4034839999999997}]
[]
["Assentamento de tubo de polietileno PEAD PE-80 PN 12,5 DN 110 mm",{"$nulls":6},"UND: m"]
[null,"Código","Mão-de-obra","Unidade","Quantidade",null,"P. Unitário","P. Total"]
["1.0",6115,"Ajudante","h",6.25E-2,null,6.31,{"$f":"ROUND((E541*G541),2)","v":0.39}]
["1.1",2696,"Encanador","h",6.25E-2,null,10.35,{"$f":"ROUND((E542*G542),2)","v":0.65}]
[{"$nulls":6},"Total",{"$f":"SUM(H541:H542)","v":1.04}]
[{"$nulls":6},{"$f":"$I$7","v":"BDI (26,44%)"},{"$f":"H543*$J$2","v":0.27497600000000005}]
[{"$nulls":6},"Total geral",{"$f":"H543+H544","v":1.3149760000000001}]
[]
["Assentamento de tubo de polietileno PEAD PE-80 PN 12,5 DN 90 mm",{"$nulls":6},"UND: m"]
[null,"Código","Mão-de-obra","Unidade","Quantidade",null,"P. Unitário","P. Total"]
["1.0",6115,"Ajudante","h",5.6000000000000001E-2,null,6.31,{"$f":"ROUND((E549*G549),2)","v":0.35}]
["1.1",2696,"Encanador","h",5.6000000000000001E-2,null,10.35,{"$f":"ROUND((E550*G550),2)","v":0.57999999999999996}]
[{"$nulls":6},"Total",{"$f":"SUM(H549:H550)","v":0.92999999999999994}]
[{"$nulls":6},{"$f":"$I$7","v":"BDI (26,44%)"},{"$f":"H551*$J$2","v":0.245892}]
[{"$nulls":6},"Total geral",{"$f":"H551+H552","v":1.1758919999999999}]
[]
["Assentamento de tubo de polietileno PEAD PE-80 PN 12,5 DN 160 mm",{"$nulls":6},"UND: m"]
[null,"Código","Mão-de-obra","Unidade","Quantidade",null,"P. Unitário","P. Total"]
["1.0",6115,"Ajudante","h",7.4999999999999997E-2,null,6.31,{"$f":"ROUND((E557*G557),2)","v":0.47}]
["1.1",2696,"Encanador","h",7.4999999999999997E-2,null,10.35,{"$f":"ROUND((E558*G558),2)","v":0.78}]
[{"$nulls":6},"Total",{"$f":"SUM(H557:H558)","v":1.25}]
[{"$nulls":6},{"$f":"$I$7","v":"BDI (26,44%)"},{"$f":"H559*$J$2","v":0.33050000000000002}]
[{"$nulls":6},"Total geral",{"$f":"H559+H560","v":1.5805}]
[]
["Retirada de tubo de polietileno PEAD PE-80 PN 12,5 DN 160 mm",{"$nulls":6},"UND: m"]
[null,"Código","Mão-de-obra","Unidade","Quantidade",null,"P. Unitário","P. Total"]
["1.0",6115,"Ajudante","h",7.4999999999999997E-2,null,6.31,{"$f":"ROUND((E565*G565),2)","v":0.47}]
["1.1",2696,"Encanador","h",7.4999999999999997E-2,null,10.35,{"$f":"ROUND((E566*G566),2)","v":0.78}]
[{"$nulls":6},"Total",{"$f":"SUM(H565:H566)","v":1.25}]
[{"$nulls":6},{"$f":"$I$7","v":"BDI (26,44%)"},{"$f":"H567*$J$2","v":0.33050000000000002}]
[{"$nulls":6},"Total geral",{"$f":"H567+H568","v":1.5805}]
[]
["SISTEMA DE AUTOMAÇÃO",{"$nulls":6},"UND: unid."]
[null,"Código","Mão-de-obra","Unidade","Quantidade",null,"P. Unitário","P. Total"]
["1.0",6113,"Ajudante de eletricista","h ",85,null,6.44,{"$f":"ROUND((E573*G573),2)","v":547.4}]
["1.1",2436,"Eletricista","h ",85,null,10.35,{"$f":"ROUND((E574*G574),2)","v":879.75}]
["1.2",528,"AUXILIAR TECNICO","h",85,null,17.739999999999998,{"$f":"ROUND((E575*G575),2)","v":1507.9}]
["1.3","Cotação","Time de Transferencia Automática, digital Marca KVA de 12KVA/18 KVA","un",2,null,4302.4781844634927,{"$f":"ROUND((E576*G576),2)","v":8604.9599999999991}]
["1.4","Cotação","Pressostatos","un",2,null,442.57474226118063,{"$f":"ROUND((E577*G577),2)","v":885.15}]
["1.5","Cotação","Alarme","un",1,null,375.41291843767493,375.41]
["1.6","Cotação","Computador e impressora","un",1,null,1723.379675264764,1723.38]
["1.7",12898,"Medidor de Pressão – 0 a 10 Bar, Saída de 4 a 20 mA","un",1,null,null,0]
["1.8","Cotação","Sirene, 10 a 28 Vcc, mínimo 25 Watts","un",1,null,239.24564903675548,239.25]
["1.9","Cotação","Microinterruptores, 2 contatos de 6 A","un",8,null,11.009354866691375,88.07]
["1.10","Cotação","Móveis e Utensílios (02 Mesas, 01 Conexão (curva) e 02 Cadeiras Giratórias)","cj",1,null,null,0]
["1.11","Cotação","Medidor de Grandeza elétrica (V, A, HZ, W).","cj",3,null,2421.9496738369476,7265.85]
["1.12","Cotação","Elaboração de Projeto Técnico / Licenciamento do Sistema de Comunicação","un",1,null,1775.9262504482251,1775.93]
["1.13","Cotação","Atuador pneumático para válvula borboleta wafer até Ø250mm.","un",3,null,426.33346731581622,1279]
[{"$nulls":6},"Total",{"$f":"SUM(H573:H586)","v":25172.049999999996}]
[{"$nulls":6},{"$f":"$I$7","v":"BDI (26,44%)"},{"$f":"H587*$J$2","v":6655.4900199999993}]
[{"$nulls":6},"Total geral",{"$f":"H587+H588","v":31827.540019999993}]
[]
["CORRENTE EM AÇO GALVANIZADO INCLUINDO FORNEC. E INSTALAÇÃO.",{"$nulls":6},"UND: m"]
["Item","Cód. ","Descrição","Unidade","Quantidade",null,"Custo Unit.","Custo Total"]
["1.0","Cotação","Instalação de corrente de aço galvanizado","m",1,null,18.407977369616319,{"$f":"E593*G593","v":18.407977369616319}]
["1.1",6115,"Ajudante","H",0.25,null,6.31,{"$f":"ROUND(E594*G594,2)","v":1.58}]
[{"$nulls":6},"Total",{"$f":"SUM(H593:H594)","v":19.987977369616317}]
[{"$nulls":6},{"$f":"$I$7","v":"BDI (26,44%)"},{"$f":"H595*$J$2","v":5.2848212165265549}]
[{"$nulls":6},"Total geral",{"$f":"H595+H596","v":25.272798586142873}]
[]
["PONTO DE LUZ (CAIXA, ELETRODUTO, FIOS E INTERRUPTOR)",{"$nulls":6},"UND: unid."]
["Item","Cód. ","Descrição","Unidade","Quantidade",null,"Custo Unit.","Custo Total"]
["1.0","2436","Eletricista","H",5,null,10.35,{"$f":"E601*G601","v":51.75}]
["1.1",6113,"Ajudante de eletricista","H",6,null,6.44,{"$f":"E602*G602","v":38.64}]
["1.2",2674,"Eletroduto pvc roscável, d= 3/4\"","M",6,null,2.2799999999999998,13.68]
["1.3",938,"Fio isolado em PVC (encordoamento:classe 1/ seção tarnsversal: 1,50 mm²/tensão:750,00V)","M",12,null,0.65,7.8000000000000007]
["1.4",20110,"Fita isolante (rolo 20m) 3/4\"","Unidade",1,null,3.7,3.7]
["1.5",12001,"CAIXA PVC OCTOGONAL - 4\"","Unidade",1,null,4.21,4.21]
[{"$nulls":6},"Total",{"$f":"SUM(H601:H606)","v":119.77999999999999}]
[{"$nulls":6},{"$f":"$I$7","v":"BDI (26,44%)"},{"$f":"H607*$J$2","v":31.669832}]
[{"$nulls":6},"Total geral",{"$f":"H607+H608","v":151.44983199999999}]
[]
["PONTO DE TOMADA (CAIXA, ELETRODUTO, FIOS E TOMADA)",{"$nulls":6},"UND: unid."]
["Item","Cód. ","Descrição","Unidade","Quantidade",null,"Custo Unit.","Custo Total"]
["1.0","6113","Ajudante de eletricista","H",4.5,null,6.35,{"$f":"E613*G613","v":28.574999999999999}]
["1.1",2436,"Eletricista","H",3.5,null,10.35,{"$f":"ROUND(E614*G614,2)","v":36.229999999999997}]
["1.2",1891,"Luva de PVC rígido roscável para eletroduto (diâmetro da seção 3/4\")","Unidade",1,null,1.24,{"$f":"ROUND(E615*G615,2)","v":1.24}]
["1.3",2674,"Eletroduto de PVC rígido roscável (diâmetro da seção 3/4\")","M",15,null,2.2799999999999998,34.200000000000003]
["1.4",1885,"Curva 90° PVC rígido roscável para eletroduto (diâmetro da seção 3/4\")","Unidade",1,null,1.98,1.98]
["1.5",7535,"Tomada de embutir univerasl 2 pólos redonda ( corrente elétrica: 10 A/ tensão :250,00 V)","Unidade",1,null,9.1199999999999992,9.1199999999999992]
["1.6",12001,"CAIXA PVC OCTOGONAL - 4\"","Unidade",1,null,4.21,4.21]
["1.7",938,"Fio isolado em PVC (encordoamento:classe 1/ seção tarnsversal: 1,50 mm²/tensão:750,00V)","M",33,null,0.65,21.45]
[{"$nulls":6},"Total",{"$f":"SUM(H613:H620)","v":137.005}]
[{"$nulls":6},{"$f":"$I$7","v":"BDI (26,44%)"},{"$f":"H621*$J$2","v":36.224122000000001}]
[{"$nulls":6},"Total geral",{"$f":"H621+H622","v":173.22912199999999}]
[]
["PONTO INTERRUPTOR DUPLO OU SIMPLES/TOMADA COM ELETRODUTO PVC 3/4\"E CAIXA 4X2\"",{"$nulls":6},"UND: unid."]
["Item","Cód. ","Descrição","Unidade","Quantidade",null,"Custo Unit.","Custo Total"]
["1.0","6113","Ajudante de eletricista","H",4.5,null,6.44,{"$f":"E627*G627","v":28.98}]
["1.1",2436,"Eletricista","H",3.5,null,10.35,{"$f":"ROUND(E628*G628,2)","v":36.229999999999997}]
["1.2",1891,"Luva de PVC rígido roscável para eletroduto (diâmetro da seção 3/4\")","Unidade",1,null,1.24,{"$f":"ROUND(E629*G629,2)","v":1.24}]
[null,7555,"Interruptor de embutir 1 tecla simples com placa ( corrente elétrica: 10 A/tensão: 250 V)","Unidade",1,null,5.0199999999999996,5.0199999999999996]
["1.3",2674,"Eletroduto de PVC rígido roscável (diâmetro da seção 3/4\")","M",15,null,2.2799999999999998,34.200000000000003]
["1.4",1885,"Curva 90° PVC rígido roscável para eletroduto (diâmetro da seção 3/4\")","Unidade",1,null,1.98,1.98]
["1.6",12001,"CAIXA PVC OCTOGONAL - 4\"","Unidade",1,null,4.21,4.21]
["1.7",938,"Fio isolado em PVC (encordoamento:classe 1/ seção tarnsversal: 1,50 mm²/tensão:750,00V)","M",33,null,0.65,21.45]
[{"$nulls":6},"Total",{"$f":"SUM(H627:H634)","v":133.30999999999997}]
[{"$nulls":6},{"$f":"$I$7","v":"BDI (26,44%)"},{"$f":"H635*$J$2","v":35.247163999999998}]
[{"$nulls":6},"Total geral",{"$f":"H635+H636","v":168.55716399999997}]

{"sheet":"Composição eletrica","index":6,"n_rows":395,"n_cols":8,"rows_kept":395,"cut":false,"hidden":false,"merged":[[252,1,252,4],[310,1,310,4],[75,1,75,4],[189,0,189,6],[196,0,196,5],[124,0,124,6],[131,0,131,5],[138,5,138,6],[141,0,141,6],[144,0,144,5],[243,0,243,5],[250,5,250,6],[253,0,253,6],[256,0,256,5],[5,0,5,6],[0,2,2,6],[3,5,3,6],[332,5,332,6],[335,0,335,6],[59,0,59,5],[73,5,73,6],[60,0,60,6],[66,0,66,5],[145,0,145,6],[236,0,236,5],[203,5,203,6],[206,0,206,6],[209,0,209,5],[210,0,210,6],[188,0,188,5],[318,0,318,5],[334,1,334,4],[6,2,6,3],[10,1,10,4],[237,0,237,6],[7,0,7,6],[8,5,8,6],[11,0,11,6],[14,0,14,5],[15,0,15,6],[76,0,76,6],[79,0,79,5],[80,0,80,6],[123,0,123,5],[140,1,140,4],[205,1,205,4],[390,0,390,5],[342,0,342,5],[343,0,343,6],[350,0,350,5],[357,5,357,6],[360,0,360,6],[363,0,363,5],[359,1,359,4],[4,6,4,7],[257,0,257,6],[364,0,364,6],[382,0,382,5],[383,0,383,6],[325,0,325,5],[288,0,288,5],[289,0,289,6],[302,0,302,5],[308,5,308,6],[311,0,311,6],[314,0,314,5],[315,0,315,6],[319,0,319,6],[338,0,338,5],[339,0,339,6]]}
[null,null,"Companhia de Desenvolvimento dos Vales do São Francisco e do Parnaíba"]
[]
[]
[{"$nulls":5},"DATABASE: FEV.14"]
[]
["COMPOSIÇÕES DE CUSTOS UNITÁRIOS DOS SERVIÇOS - REMANSO RURAL"]
[null,"BDI ",0.26440000000000002]
["INSTALAÇÕES ELÉTRICAS  DE REMANSO"]
[null," COMPOSIÇÃO DE PREÇO UNITÁRIO",null,"ITEM:",null,1]
[]
["SERVIÇO:","Fornecimento e Instalação dos eletrodutos, cabos, quadros, pontos de força dos motores, tomadas, interruptores, luminárias e iluminação externa da ETA",null,null,null,"unidade : und"]
["EQUIPAMENTO"]
["CÓDIGO","DESCRIÇÃO","UNIDADE","QUANT.",null,"P.UNIT.","P.TOTAL"]
[]
["SUB-TOTAL",{"$nulls":5},{"$f":"SUM(G14:G14)","v":0}]
["MATERIAL"]
["CÓDIGO","DESCRIÇÃO","UNIDADE","QUANT.",null,"P.UNIT.","P.TOTAL"]
[2678,"Eletroduto PVC rígido Ø 3/4\"","m",97,null,1.67,{"$f":"D18*F18","v":161.98999999999998}]
[2679,"Eletroduto PVC rígido Ø 1\"","m",6,null,2.44,{"$f":"D19*F19","v":14.64}]
[2680,"Eletroduto PVC rígido Ø 1.1/2\"","m",15,null,6.39,{"$f":"D20*F20","v":95.85}]
[1891,"Luva para eletroduto PVC Ø 3/4\"","und",10,null,1.24,12.4]
[1892,"Luva para eletroduto PVC Ø 1\"","und",1,null,1.57,1.57]
[1893,"Luva para eletroduto PVC Ø 1.1/2\"","und",3,null,3.31,9.93]
[2593,"Condulete de alumínio, com tampa, tipo L, diâmetro Ø 3/4\"","und",14,null,6.73,94.22]
[2565,"Condulete de alumínio, com tampa, tipo E, diâmetro Ø 3/4\"","und",6,null,6.24,37.44]
[2559,"Condulete de alumínio, com tampa, tipo C, diâmetro Ø 3/4\"","und",8,null,6.69,53.52]
[2574,"Condulete de alumínio, com tampa, tipo T, diâmetro Ø 3/4\"","und",4,null,7.2,28.8]
[2580,"Condulete de alumínio, com tampa, tipo X, diâmetro Ø 3/4\"","und",1,null,7.63,7.63]
[2570,"Condulete de alumínio, com tampa, tipo L, diâmetro Ø 1\"","und",2,null,10.44,20.88]
[2590,"Condulete de alumínio, com tampa, tipo E, diâmetro Ø 1\"","und",2,null,10.35,20.7]
[2587,"Condulete de alumínio, com tampa, tipo L, diâmetro Ø 1.1/2\"","und",3,null,26.71,80.13]
[400,"Braçadeira galvanizada tipo cunha Ø 3/4\"","und",35,null,0.56000000000000005,19.600000000000001]
[393,"Braçadeira galvanizada tipo cunha Ø 1\"","und",3,null,0.75,2.25]
[394,"Braçadeira galvanizada tipo cunha Ø 1.1/2\"","und",7,null,0.79,5.53]
[11950,"Bucha de nylon S-6 com parafuso fenda galvanizado cabeça panela 4,2x32mm autoatarrachante","und",45,null,0.18,8.1]
[7555,"Interruptor simples para condulete 10A/250V, 1 tecla","und",2,null,5.0199999999999996,10.039999999999999]
[7528,"Tomada para condulete 2P+T 10A/250V","und",7,null,5.34,37.379999999999995]
["09761/ORSE","Tomada para condulete 3P+T 32A/380V","und",2,null,20.6,41.2]
["03954/ORSE","Espelho/Placa para condulete com 1 espaço","und",9,null,1.5,13.5]
[12038,"QGBT - Quadro de distribuição de energia de sobrepor, em chapa metálica, para 18 disjuntores termomagnéticos, com barramento trifásico e neutro","und",1,null,176.05,176.05]
[20009,"Disjuntor monofásico 16A, 2KA (220V)","und",4,null,10.29,41.16]
[20010,"Disjuntor monofásico 20A, 2KA (220V)","und",3,null,10.35,31.049999999999997]
[2392,"Disjuntor termomagnético tripolar 50A","und",1,null,48.28,48.28]
[2381,"Disjuntor termomagnético tripolar 63A","und",1,null,69.53,69.53]
["08029/ORSE","QF_MOTORES - Quadro de força e comando dos motores, com partida suave tipo softstarter, IP 54","und",1,null,5059.7,{"$f":"F45*D45","v":5059.7}]
[1022,"Cabo de cobre isolamento anti-chama 0,6/1KV 2,5mm2","m",410,null,1.68,688.8]
[1020,"Cabo de cobre isolamento anti-chama 0,6/1KV 10mm2","m",80,null,5.34,427.2]
[995,"Cabo de cobre isolamento anti-chama 0,6/1KV 16mm2","m",75,null,8.01,600.75]
[12227,"Arandela de uso externo em chapa de aço, com difusor em vidro transparente","und",4,null,71.430000000000007,285.72000000000003]
[3799,"Luminária tipo calha de sobrepor, em chapa de aço, para duas lâmpadas fluorescentes tubulares 2x40W","und",4,null,51.92,207.68]
[12294,"Soquete/Bocal","und",22,null,1.84,40.480000000000004]
["07061/ORSE","Lâmpada fluorescente compacta 20W","und",4,null,7.1,28.4]
["1300/ORSE","Lâmpada fluorescente tubular 40W","und",8,null,4.2,33.6]
[3758,"Lâmpada vapor de sódio 400W","und",2,null,42.23,84.46]
[13382,"Luminária para iluminação pública fechada 400W","und",2,null,132.65,265.3]
[2512,"Braço para luminária pública","und",2,null,13.27,26.54]
[2510,"Relé fotoelétrico 500 w - 220 v","und",2,null,21.88,43.76]
[12318,"Reator para 1 lâmpada de 400W - uso externo","und",2,null,52.43,104.86]
["73783/014","Poste em concreto, Duplo T, altura 9m, carga nominal 200Kg - fornecimento e instalação","und",1,null,574.03,574.03]
["SUB-TOTAL",{"$nulls":5},{"$f":"ROUND(SUM(G18:G59),2)","v":9614.65}]
["MÃO DE OBRA"]
["CÓDIGO","DESCRIÇÃO","UNIDADE","QUANT.",null,"P.UNIT.","P.TOTAL"]
[2706,"Engenheiro Eletricista","h",12,null,56.76,{"$f":"D63*F63","v":681.12}]
[2438,"Eletrotécnico","h",40,null,15.88,635.20000000000005]
[2436,"Eletricista","h",80,null,10.35,828]
[247,"Ajudante de Eletricista","h",80,null,6.44,515.20000000000005]
["SUB-TOTAL",{"$nulls":5},{"$f":"ROUND(SUM(G63:G66),2)","v":2659.52}]
[]
[null,"A) CUSTO UNITÁRIO TOTAL",{"$nulls":4},{"$f":"ROUND(G15+G60+G67,2)","v":12274.17}]
[null,"B) BDI (26,44%)",null,null,null,{"$f":"$C$7","v":0.26440000000000002},{"$f":"ROUND(G69*F70,2)","v":3245.29}]
[null,"PREÇO UNITÁRIO TOTAL (A+B+C)",{"$nulls":4},{"$f":"ROUND(SUM(G69:G70),2)","v":15519.46}]
[]
[]
[null," COMPOSIÇÃO DE PREÇO UNITÁRIO",null,"ITEM:",null,2]
[]
["SERVIÇO:","Fornecimento e Instalação da Subestação abaixadora de 30 KVA e interligação (circuito alimentador) da SE ao QGBT da ETA/Captação",null,null,null,"unidade : und"]
["EQUIPAMENTO"]
["CÓDIGO","DESCRIÇÃO","UNIDADE","QUANT.",null,"P.UNIT.","P.TOTAL"]
[]
["SUB-TOTAL",{"$nulls":5},{"$f":"SUM(G79:G79)","v":0}]
["MATERIAL"]
["CÓDIGO","DESCRIÇÃO","UNIDADE","QUANT.",null,"P.UNIT.","P.TOTAL"]
[11315,"Tampão FoFo T-16 (7Kg) - 30x30cm (p/ caixa de inspeção)","und",4,null,62.39,{"$f":"D83*F83","v":249.56}]
[3278,"Caixa de inspeção em cconcreto pre moldado circular com tampa d=40cm, h=60cm","und",4,null,26.29,{"$f":"D84*F84","v":105.16}]
[12732,"Solda exotérmica - solda para tubo e conexões de cobre","und",8,null,37.340000000000003,298.72000000000003]
[3380,"Haste de aterramento DN 5/8 \"x3000mm, em aço revestido com camada de cobre eletrolítico, com conector tipo grampo","und",4,null,29.13,116.52]
[342,"Arame galvanizado 12BWG","kg",10,null,8,80]
[379,"Arruela quadrada galvanizada D=38mm esp = 3mm furo=18mm","und",8,null,1.67,13.36]
[418,"Alça pre-formada de distribuição PLP para cabo alumínio 25mm2","und",3,null,3.07,9.2099999999999991]
[1092,"Armação vertical com haste e contra-pino em chapa de ferro galvanizado 3/16\" com 2 estribos e 2 isoladores","und",3,null,18.63,55.89]
[1595,"Conector de aterramento de bronze para cabo 95mm2 a barra de até 7mm2","und",3,null,13.47,40.410000000000004]
["02672/ORSE","Conector estribo 4/2 tipo cunha - padrão Coelba","und",3,null,27.1,81.300000000000011]
[11837,"Grampo linha viva de alumínio cabo principal (10-120mm2) derivação (10-70mm2)","und",3,null,27.46,82.38]
[402,"Gancho suspensão olhal em aço galvanizado, espessura 16mm, abertura 21mm","und",3,null,6.79,20.37]
[421,"Porca olhal aço para parafuso diâmetro de 16mm","und",6,null,10.48,62.88]
[4337,"Porca zincada quadrada 16mm","und",16,null,0.43,6.88]
[430,"Parafuso M12 (rosca máquina d=12mm)x125mm cab. quadrada - zincagem a fogo","und",4,null,3.73,14.92]
[432,"Parafuso M16 (rosca máquina d=16mm)x250mm cab. quadrada - zincagem a fogo","und",4,null,6.4,25.6]
[11790,"Parafuso M16 (rosca máquina d=16mm)x450mm cab. quadrada - zincagem a fogo","und",8,null,12.03,96.24]
["01593/ORSE","Mão francesa plana 726 mm","und",4,null,5.75,23]
[3406,"Isolador polimérico de pino 15KV","und",3,null,14.08,42.24]
[841,"Cabo de alumínio com alma de aço, bitola 4 AWG","kg",2,null,24.31,48.62]
["03248/ORSE","Cruzeta de concreto tipo T 2400mm 200 Kg","und",4,null,167.89,671.56]
[5047,"Chave fusível de distribuição 15KV/100A","und",3,null,201.95,605.84999999999991]
["10661/ORSE","Elo fusível","und",3,null,7.92,23.759999999999998]
["03859/ORSE","Para-raios polimérico 12KV / 10KA","und",3,null,133.69999999999999,401.09999999999997]
[7576,"Suporte para transformador DT 185x95mm x 5/16\"","und",1,null,49.53,49.53]
[7610,"Transformador de distribuição com isolação a óleo 30KVA - 13,8KV / 380/220V","und",1,null,5391.6,5391.6]
["73783/017","Poste em concreto, Duplo T, altura 11m, carga nominal 600Kg - fornecimento e instalação","und",1,null,991,{"$f":"D109*F109","v":991},"ok"]
[1062,"Caixa de medição com visor, para um medidor trifásico, em chapa de aço galvanizado 18 USG - diam. 100x100cm","und",1,null,93.6,93.6]
[1065,"Caixa para TC em chapa de alumínio - diam. 100x100cm","und",1,null,160.83000000000001,160.83000000000001]
[13843,"Caixa para medição trifásica - caixa para instalação de disjuntor trifásico - diam. 100x50cm","und",1,null,76.39,76.39]
[2381,"Disjuntor termomagnético tripolar 63A","und",1,null,69.53,69.53]
[21134,"Eletroduto em ferro galvanizado Ø 2\"","m",6,null,26.58,159.47999999999999]
[2643,"Luva para eletroduto em ferro galvanizado Ø 2\"","und",1,null,3.62,3.62]
[2459,"Curva 90° para eletroduto em ferro galvanizado Ø 2\"","und",1,null,9.4,9.4]
[2468,"Curva 135° para eletroduto em ferro galvanizado Ø 2\"","und",1,null,11.35,11.35]
[2681,"Eletroduto PVC rígido Ø 2\"","m",15,null,8.2200000000000006,123.30000000000001]
[1894,"Luva para eletroduto PVC Ø 2\"","und",7,null,5.33,37.31]
[1876,"Curva 90º para eletroduto PVC Ø 2\"","und",2,null,7.69,15.38]
[995,"Cabo de cobre isolamento anti-chama 0,6/1KV 16mm2","m",100,null,8.01,801]
[863,"Cabo de cobre nu 35mm2","m",15,null,14.13,211.95000000000002]
[867,"Cabo de cobre nu 50mm2","m",15,null,18.399999999999999,276]
["SUB-TOTAL",{"$nulls":5},{"$f":"ROUND(SUM(G83:G123),2)","v":11656.8}]
["MÃO DE OBRA"]
["CÓDIGO","DESCRIÇÃO","UNIDADE","QUANT.",null,"P.UNIT.","P.TOTAL"]
[2706,"Engenheiro Eletricista","h",12,null,56.76,{"$f":"D127*F127","v":681.12}]
[2438,"Eletrotécnico","h",40,null,15.88,635.20000000000005]
[2436,"Eletricista","h",80,null,10.35,828]
[247,"Ajudante de Eletricista","h",80,null,6.44,515.20000000000005]
[3366,"Caminhão com munck, carga máx. 5T","h",4,null,54.56,218.24]
["SUB-TOTAL",{"$nulls":5},{"$f":"ROUND(SUM(G127:G131),2)","v":2877.76}]
[]
[null,"A) CUSTO UNITÁRIO TOTAL",{"$nulls":4},{"$f":"ROUND(G80+G124+G132,2)","v":14534.56}]
[null,"B) BDI (26,44%)",null,null,null,{"$f":"$C$7","v":0.26440000000000002},{"$f":"ROUND(G134*F135,2)","v":3842.94}]
[null,"PREÇO UNITÁRIO TOTAL (A+B+C)",{"$nulls":4},{"$f":"ROUND(SUM(G134:G135),2)","v":18377.5}]
[]
[]
[null," COMPOSIÇÃO DE PREÇO UNITÁRIO",null,"ITEM:",null,3]
[]
["SERVIÇO:","Fornecimento e Instalação da Subestação abaixadora de 15 KVA e interligação (circuito alimentador) da SE ao CCM da Captação",null,null,null,"unidade : und"]
["EQUIPAMENTO"]
["CÓDIGO","DESCRIÇÃO","UNIDADE","QUANT.",null,"P.UNIT.","P.TOTAL"]
[]
["SUB-TOTAL",{"$nulls":5},{"$f":"SUM(G144:G144)","v":0}]
["MATERIAL"]
["CÓDIGO","DESCRIÇÃO","UNIDADE","QUANT.",null,"P.UNIT.","P.TOTAL"]
[11315,"Tampão FoFo T-16 (7Kg) - 30x30cm (p/ caixa de inspeção)","und",4,null,62.39,{"$f":"D148*F148","v":249.56}]
[3278,"Caixa de inspeção em cconcreto pre moldado circular com tampa d=40cm, h=60cm","und",4,null,26.29,{"$f":"D149*F149","v":105.16}]
[12732,"Solda exotérmica - solda para tubo e conexões de cobre","und",8,null,37.340000000000003,298.72000000000003]
[3380,"Haste de aterramento DN 5/8 \"x3000mm, em aço revestido com camada de cobre eletrolítico, com conector tipo grampo","und",4,null,29.13,116.52]
[342,"Arame galvanizado 12BWG","kg",10,null,8,80]
[379,"Arruela quadrada galvanizada D=38mm esp = 3mm furo=18mm","und",8,null,1.67,13.36]
[418,"Alça pre-formada de distribuição PLP para cabo alumínio 25mm2","und",3,null,3.07,9.2099999999999991]
[1092,"Armação vertical com haste e contra-pino em chapa de ferro galvanizado 3/16\" com 2 estribos e 2 isoladores","und",3,null,18.63,55.89]
[1595,"Conector de aterramento de bronze para cabo 95mm2 a barra de até 7mm2","und",3,null,13.47,40.410000000000004]
["02672/ORSE","Conector estribo 4/2 tipo cunha - padrão Coelba","und",3,null,27.1,81.300000000000011]
[11837,"Grampo linha viva de alumínio cabo principal (10-120mm2) derivação (10-70mm2)","und",3,null,27.46,82.38]
[402,"Gancho suspensão olhal em aço galvanizado, espessura 16mm, abertura 21mm","und",3,null,6.79,20.37]
[421,"Porca olhal aço para parafuso diâmetro de 16mm","und",6,null,10.48,62.88]
[4337,"Porca zincada quadrada 16mm","und",16,null,0.43,6.88]
[430,"Parafuso M12 (rosca máquina d=12mm)x125mm cab. quadrada - zincagem a fogo","und",4,null,3.73,14.92]
[432,"Parafuso M16 (rosca máquina d=16mm)x250mm cab. quadrada - zincagem a fogo","und",4,null,6.4,25.6]
[11790,"Parafuso M16 (rosca máquina d=16mm)x450mm cab. quadrada - zincagem a fogo","und",8,null,12.03,96.24]
["01593/ORSE","Mão francesa plana 726 mm","und",4,null,5.75,23]
[3406,"Isolador polimérico de pino 15KV","und",3,null,14.08,42.24]
[841,"Cabo de alumínio com alma de aço, bitola 4 AWG","kg",2,null,24.31,48.62]
["03248/ORSE","Cruzeta de concreto tipo T 2400mm 200 Kg","und",4,null,167.89,671.56]
[5047,"Chave fusível de distribuição 15KV/100A","und",3,null,201.95,605.84999999999991]
["10661/ORSE","Elo fusível","und",3,null,7.92,23.759999999999998]
["03859/ORSE","Para-raios polimérico 12KV / 10KA","und",3,null,133.69999999999999,401.09999999999997]
[7576,"Suporte para transformador DT 185x95mm x 5/16\"","und",1,null,49.53,49.53]
[12076,"Transformador de distribuição com isolação a óleo 30KVA - 13,8KV / 380/220V","und",1,null,4460,4460]
["73783/017","Poste em concreto, Duplo T, altura 11m, carga nominal 600Kg - fornecimento e instalação","und",1,null,991,991]
[1062,"Caixa de medição com visor, para um medidor trifásico, em chapa de aço galvanizado 18 USG - diam. 100x100cm","und",1,null,93.6,93.6]
[1065,"Caixa para TC em chapa de alumínio - diam. 100x100cm","und",1,null,160.83000000000001,160.83000000000001]
[13843,"Caixa para medição trifásica - caixa para instalação de disjuntor trifásico - diam. 100x50cm","und",1,null,76.39,76.39]
[2384,"Disjuntor termomagnético tripolar 32A","und",1,null,48.67,48.67]
[21134,"Eletroduto em ferro galvanizado Ø 2\"","m",6,null,26.58,159.47999999999999]
[2643,"Luva para eletroduto em ferro galvanizado Ø 2\"","und",1,null,3.62,3.62]
[2459,"Curva 90° para eletroduto em ferro galvanizado Ø 2\"","und",1,null,9.4,9.4]
[2468,"Curva 135° para eletroduto em ferro galvanizado Ø 2\"","und",1,null,11.35,11.35]
[2681,"Eletroduto PVC rígido Ø 2\"","m",15,null,8.2200000000000006,123.30000000000001]
[1894,"Luva para eletroduto PVC Ø 2\"","und",7,null,5.33,37.31]
[1876,"Curva 90º para eletroduto PVC Ø 2\"","und",2,null,7.69,15.38]
[1020,"Cabo de cobre isolamento anti-chama 0,6/1KV 10mm2","m",100,null,5.34,534]
[863,"Cabo de cobre nu 35mm2","m",15,null,14.13,211.95000000000002]
[867,"Cabo de cobre nu 50mm2","m",15,null,18.399999999999999,276]
["SUB-TOTAL",{"$nulls":5},{"$f":"ROUND(SUM(G148:G188),2)","v":10437.34}]
["MÃO DE OBRA"]
["CÓDIGO","DESCRIÇÃO","UNIDADE","QUANT.",null,"P.UNIT.","P.TOTAL"]
[2706,"Engenheiro Eletricista","h",12,null,56.76,{"$f":"D192*F192","v":681.12}]
[2438,"Eletrotécnico","h",40,null,15.88,635.20000000000005]
[2436,"Eletricista","h",80,null,10.35,828]
[247,"Ajudante de Eletricista","h",80,null,6.44,515.20000000000005]
[3366,"Caminhão com munck, carga máx. 5T","h",4,null,54.56,218.24]
["SUB-TOTAL",{"$nulls":5},{"$f":"ROUND(SUM(G192:G196),2)","v":2877.76}]
[]
[null,"A) CUSTO UNITÁRIO TOTAL",{"$nulls":4},{"$f":"ROUND(G145+G189+G197,2)","v":13315.1}]
[null,"B) BDI (26,44%)",null,null,null,{"$f":"$C$7","v":0.26440000000000002},{"$f":"ROUND(G199*F200,2)","v":3520.51}]
[null,"PREÇO UNITÁRIO TOTAL (A+B+C)",{"$nulls":4},{"$f":"ROUND(SUM(G199:G200),2)","v":16835.61}]
[]
[]
[null," COMPOSIÇÃO DE PREÇO UNITÁRIO",null,"ITEM:",null,4]
[]
["SERVIÇO:","Fornecimento e Instalação dos eletrodutos, cabos, quadro, pontos de força dos motores, tomada, interruptor, luminárias da Captação",null,null,null,"unidade : und"]
["EQUIPAMENTO"]
["CÓDIGO","DESCRIÇÃO","UNIDADE","QUANT.",null,"P.UNIT.","P.TOTAL"]
[]
["SUB-TOTAL",{"$nulls":5},{"$f":"SUM(G209:G209)","v":0}]
["MATERIAL"]
["CÓDIGO","DESCRIÇÃO","UNIDADE","QUANT.",null,"P.UNIT.","P.TOTAL"]
[2678,"Eletroduto PVC rígido Ø 3/4\"","m",15,null,1.67,{"$f":"D213*F213","v":25.049999999999997}]
[1891,"Luva para eletroduto PVC Ø 3/4\"","und",2,null,1.24,2.48]
[2593,"Condulete de alumínio, com tampa, tipo L, diâmetro Ø 3/4\"","und",2,null,6.73,13.46,"ok"]
[2565,"Condulete de alumínio, com tampa, tipo E, diâmetro Ø 3/4\"","und",2,null,6.24,12.48]
[2559,"Condulete de alumínio, com tampa, tipo C, diâmetro Ø 3/4\"","und",1,null,6.69,6.69]
[2574,"Condulete de alumínio, com tampa, tipo T, diâmetro Ø 3/4\"","und",1,null,7.2,7.2]
[400,"Braçadeira galvanizada tipo cunha Ø 3/4\"","und",7,null,0.56000000000000005,3.9200000000000004]
[11950,"Bucha de nylon S-6 com parafuso fenda galvanizado cabeça panela 4,2x32mm autoatarrachante","und",7,null,0.18,1.26]
[7555,"Interruptor simples para condulete 10A/250V, 1 tecla","und",1,null,5.0199999999999996,5.0199999999999996]
[7528,"Tomada para condulete 2P+T 10A/250V","und",1,null,5.34,5.34]
["03954/ORSE","Espelho/Placa para condulete com 1 espaço","und",2,null,1.5,3]
[12038,"QGBT - Quadro de distribuição de energia de sobrepor, em chapa metálica, para 18 disjuntores termomagnéticos, com barramento trifásico e neutro","und",1,null,176.05,176.05]
[20009,"Disjuntor monofásico 16A, 2KA (220V)","und",2,null,10.29,20.58]
[2384,"Disjuntor termomagnético tripolar 32A","und",1,null,48.67,48.67]
["08029/ORSE","QF_MOTORES - Quadro de força e comando dos motores, com partida suave tipo softstarter, IP 54","und",1,null,5059.7,5059.7]
[1022,"Cabo de cobre isolamento anti-chama 0,6/1KV 2,5mm2","m",60,null,1.68,100.8]
[14646,"Luminária tipo calha de sobrepor, em chapa de aço, para uma lâmpada fluorescente tubular 1x40W","und",1,null,38.67,38.67]
[12294,"Soquete/Bocal","und",2,null,1.84,3.68]
[3754,"Lâmpada fluorescente tubular 40W","und",8,null,3.91,31.28]
[3758,"Lâmpada vapor de sódio 400W","und",1,null,42.23,42.23]
[13382,"Luminária para iluminação pública fechada 400W","und",1,null,132.65,132.65]
[2512,"Braço para luminária pública","und",1,null,13.27,13.27]
[2510,"Relé fotoelétrico 500 w - 220 v","und",1,null,21.88,21.88]
[12318,"Reator para 1 lâmpada de 400W - uso externo","und",1,null,52.43,52.43]
["SUB-TOTAL",{"$nulls":5},{"$f":"ROUND(SUM(G213:G236),2)","v":5827.79}]
["MÃO DE OBRA"]
["CÓDIGO","DESCRIÇÃO","UNIDADE","QUANT.",null,"P.UNIT.","P.TOTAL"]
[2706,"Engenheiro Eletricista","h",4,null,56.76,{"$f":"D240*F240","v":227.04}]
[2438,"Eletrotécnico","h",16,null,15.88,254.08]
[2436,"Eletricista","h",40,null,10.35,414]
[247,"Ajudante de Eletricista","h",40,null,6.44,257.60000000000002]
["SUB-TOTAL",{"$nulls":5},{"$f":"ROUND(SUM(G240:G243),2)","v":1152.72}]
[]
[null,"A) CUSTO UNITÁRIO TOTAL",{"$nulls":4},{"$f":"ROUND(G210+G237+G244,2)","v":6980.51}]
[null,"B) BDI (26,44%)",null,null,null,{"$f":"$C$7","v":0.26440000000000002},{"$f":"ROUND(G246*F247,2)","v":1845.65}]
[null,"PREÇO UNITÁRIO TOTAL (A+B+C)",{"$nulls":4},{"$f":"ROUND(SUM(G246:G247),2)","v":8826.16}]
[]
[]
[null," COMPOSIÇÃO DE PREÇO UNITÁRIO",null,"ITEM:",null,5]
[]
["SERVIÇO:","Fornecimento e Instalação para a Extensão de rede elétrica de média tensão, 13,8KV, Trifásico",null,null,null,"unidade : km"]
["EQUIPAMENTO"]
["CÓDIGO","DESCRIÇÃO","UNIDADE","QUANT.",null,"P.UNIT.","P.TOTAL"]
[]
["SUB-TOTAL",{"$nulls":5},{"$f":"SUM(G256:G256)","v":0}]
["MATERIAL"]
["CÓDIGO","DESCRIÇÃO","UNIDADE","QUANT.",null,"P.UNIT.","P.TOTAL"]
[379,"Arruela quadrada galvanizada D=38mm esp = 3mm furo=18mm","und",160,null,1.67,{"$f":"D260*F260","v":267.2}]
[418,"Alça pre-formada de distribuição PLP para cabo alumínio 25mm2","und",20,null,3.07,{"$f":"D261*F261","v":61.4}]
[1092,"Armação vertical com haste e contra-pino em chapa de ferro galv 3/16\" com 2 estribos e 2 isoladores","und",10,null,18.63,186.29999999999998]
[841,"Cabo de aluminio com alma de aco, bitola 4awg","kg",280,null,24.31,6806.7999999999993]
[863,"Cabo de cobre nu 35mm2 meio-duro","m",230,null,14.13,3249.9]
[1595,"Conector de aterramento de bronze p/ cabo 95mm2 a barra de ate 7mm2","und",30,null,13.47,404.1]
["03259/ORSE","Conector cunha vermelho 4x4 AWG CAA","und",60,null,26,1560]
["03248/ORSE","Cruzeta de concreto tipo T 2400mm 200 Kg","und",27,null,167.89,4533.03]
[5047,"Chave fusível de distribuição 15KV/100A","und",3,null,201.95,605.84999999999991]
["10661/ORSE","Elo fusível","und",3,null,7.92,23.759999999999998]
[2680,"Eletroduto em PVC roscável de Ø1.1/2\"","und",10,null,6.39,63.9]
[402,"Gancho suspensão olhal em aço galvanizado, espessura 16mm, abertura 21mm","und",20,null,6.79,135.80000000000001]
[11837,"Grampo linha viva de alumínio cabo principal (10-120mm2) derivação (10-70mm2)","und",30,null,27.46,823.80000000000007]
["02672/ORSE","Conector estribo 4/2 tipo cunha - padrão Coelba","und",30,null,27.1,813]
[3380,"Haste de aterramento DN 5/8 \"x3000mm, em aço revestido com camada de cobre eletrolítico, com conector tipo grampo","und",3,null,29.13,87.39]
[3398,"Isolador roldana de porcelana vidrada pibt72x72","und",20,null,4.3499999999999996,87]
[12364,"Isolador tensao p/ 15kv - 6\" disco cavilha","und",30,null,56.49,1694.7]
[3406,"Isolador polimérico de pino 15KV","und",30,null,14.08,422.4]
["01584/ORSE","Manilha sapatilha 500 dan","und",20,null,11.6,232]
[421,"Porca olhal aço para parafuso diâmetro de 16mm","und",30,null,10.48,314.40000000000003]
[445,"Pino para isolador 16x19x320mm 25kv","und",30,null,8.58,257.39999999999998]
["03859/ORSE","Para-raios polimérico 12KV / 10KA","und",3,null,133.69999999999999,401.09999999999997]
[432,"Parafuso M16 (rosca máquina d=16mm)x250mm cab. quadrada - zincagem a fogo","und",40,null,6.4,256]
[439,"Parafuso M16 (rosca máquina d=16mm)x300mm cab. quadrada - zincagem a fogo","und",40,null,6.4,256]
[11790,"Parafuso M16 (rosca máquina d=16mm)x450mm cab. quadrada - zincagem a fogo","und",120,null,12.03,1443.6]
["01672/ORSE","Parafuso M16 (rosca máquina d=16mm)x70mm cab. quadrada - zincagem a fogo","und",40,null,5.99,239.60000000000002]
[4337,"Porca zincada quadrada 16mm","und",40,null,0.43,17.2]
["73783/08","Poste em concreto, Duplo T, altura 11m, carga nominal 200Kg - fornecimento e instalação","und",20,null,743.82,14876.400000000001]
["73783/017","Poste em concreto, Duplo T, altura 11m, carga nominal 600Kg - fornecimento e instalação","und",1,null,991,991]
["SUB-TOTAL",{"$nulls":5},{"$f":"ROUND(SUM(G260:G288),2)","v":41111.03}]
["MÃO DE OBRA"]
["CÓDIGO","DESCRIÇÃO","UNIDADE","QUANT.",null,"P.UNIT.","P.TOTAL"]
[2706,"Engenheiro Eletricista","h",8,null,56.76,{"$f":"D292*F292","v":454.08}]
[2438,"Eletrotécnico","h",20,null,15.88,317.60000000000002]
[4083,"Encarregado geral","h",40,null,16.239999999999998,649.59999999999991]
[2436,"Eletricista","h",40,null,10.35,414]
[247,"Ajudante de Eletricista","h",120,null,6.44,772.80000000000007]
[4095,"Motorista de veículo leve","h",40,null,14.24,569.6]
[3366,"Caminhão com munck, carga máx. 5T","h",40,null,54.56,2182.4]
[6044,"Retroescavadeira c/ carregadeira sobre pneus","h",80,null,70.34,5627.2000000000007]
[1140,"Caminhão com carroceria madeira fixa - cap carga ate 5T","h",80,null,40.53,3242.4]
["73965/001","Escavação manual","m³",7.88,null,47.3,372.72399999999999]
["74015/001","Reaterro compactado de valas","m³",7.88,null,14.97,117.9636]
["SUB-TOTAL",{"$nulls":5},{"$f":"ROUND(SUM(G292:G302),2)","v":14720.37}]
[]
[null,"A) CUSTO UNITÁRIO TOTAL",{"$nulls":4},{"$f":"ROUND(G257+G289+G303,2)","v":55831.4}]
[null,"B) BDI (26,44%)",null,null,null,{"$f":"$C$7","v":0.26440000000000002},{"$f":"ROUND(G305*F306,2)","v":14761.82}]
[null,"PREÇO UNITÁRIO TOTAL (A+B+C)",{"$nulls":4},{"$f":"ROUND(SUM(G305:G306),2)","v":70593.22}]
[]
[null," COMPOSIÇÃO DE PREÇO UNITÁRIO",null,"ITEM:",null,6]
[]
["SERVIÇO:","Elaboração de projeto executivo das instalações elétricas de média e baixa tensão da ETA e Captação/Flutuante, com  aprovação e emolumentos junto a concessionária",null,null,null,"unidade : und"]
["EQUIPAMENTO"]
["CÓDIGO","DESCRIÇÃO","UNIDADE","QUANT.",null,"P.UNIT.","P.TOTAL"]
[]
["SUB-TOTAL",{"$nulls":5},{"$f":"SUM(G314:G314)","v":0}]
["MATERIAL"]
["CÓDIGO","DESCRIÇÃO","UNIDADE","QUANT.",null,"P.UNIT.","P.TOTAL"]
[]
["SUB-TOTAL",{"$nulls":5},{"$f":"ROUND(SUM(G318:G318),2)","v":0}]
["MÃO DE OBRA"]
["CÓDIGO","DESCRIÇÃO","UNIDADE","QUANT.",null,"P.UNIT.","P.TOTAL"]
[]
[2706,"Engenheiro Eletricista","h",16,null,56.76,{"$f":"D323*F323","v":908.16}]
[2438,"Eletrotécnico","h",40,null,15.88,635.20000000000005]
[2358,"Desenhista Projetista","h",40,null,16.79,671.59999999999991]
["SUB-TOTAL",{"$nulls":5},{"$f":"ROUND(SUM(G322:G325),2)","v":2214.96}]
[]
[null,"A) CUSTO UNITÁRIO TOTAL",{"$nulls":4},{"$f":"ROUND(G315+G319+G326,2)","v":2214.96}]
[null,"B) BDI (26,44%)",null,null,null,{"$f":"$C$7","v":0.26440000000000002},{"$f":"ROUND(G328*F329,2)","v":585.64}]
[null,"PREÇO UNITÁRIO TOTAL (A+B+C)",{"$nulls":4},{"$f":"ROUND(SUM(G328:G329),2)","v":2800.6}]
[]
[]
[null," COMPOSIÇÃO DE PREÇO UNITÁRIO",null,"ITEM:",null,7]
[]
["SERVIÇO:","Instalação/montagem elétrica e mecânica da captação flutuante",null,null,null,"unidade : und"]
["EQUIPAMENTO"]
["CÓDIGO","DESCRIÇÃO","UNIDADE","QUANT.",null,"P.UNIT.","P.TOTAL"]
[]
["SUB-TOTAL",{"$nulls":5},{"$f":"SUM(G338:G338)","v":0}]
["MATERIAL"]
["CÓDIGO","DESCRIÇÃO","UNIDADE","QUANT.",null,"P.UNIT.","P.TOTAL"]
[]
["SUB-TOTAL",{"$nulls":5},{"$f":"ROUND(SUM(G342:G342),2)","v":0}]
["MÃO DE OBRA"]
["CÓDIGO","DESCRIÇÃO","UNIDADE","QUANT.",null,"P.UNIT.","P.TOTAL"]
[]
[4083,"Encarregado geral","h",4,null,16.239999999999998,{"$f":"D347*F347","v":64.959999999999994}]
[2436,"Eletricista","h",12,null,10.35,124.19999999999999]
[247,"Montador eletromecânico","h",12,null,6.44,77.28]
[247,"Ajudante","h",12,null,6.44,77.28]
["SUB-TOTAL",{"$nulls":5},{"$f":"ROUND(SUM(G346:G350),2)","v":343.72}]
[]
[null,"A) CUSTO UNITÁRIO TOTAL",{"$nulls":4},{"$f":"ROUND(G339+G343+G351,2)","v":343.72}]
[null,"B) BDI (26,44%)",null,null,null,{"$f":"$C$7","v":0.26440000000000002},{"$f":"ROUND(G353*F354,2)","v":90.88}]
[null,"PREÇO UNITÁRIO TOTAL (A+B+C)",{"$nulls":4},{"$f":"ROUND(SUM(G353:G354),2)","v":434.6}]
[]
[]
[null," COMPOSIÇÃO DE PREÇO UNITÁRIO",null,"ITEM:",null,8]
[]
["SERVIÇO:","Fornecimento e Instalação do SPDA (Sistema de Proteção contra Descargas Atmosféricas) dos reservatórios de água",null,null,null,"unidade : und"]
["EQUIPAMENTO"]
["CÓDIGO","DESCRIÇÃO","UNIDADE","QUANT.",null,"P.UNIT.","P.TOTAL"]
[]
["SUB-TOTAL",{"$nulls":5},{"$f":"SUM(G363:G363)","v":0}]
["MATERIAL"]
["CÓDIGO","DESCRIÇÃO","UNIDADE","QUANT.",null,"P.UNIT.","P.TOTAL"]
[2680,"Eletroduto PVC rígido Ø 1.1/2\"","m",9,null,6.39,{"$f":"D367*F367","v":57.51}]
[1875,"Curva 90° para eletroduto PVC roscável Ø 1.1/2\"","und",2,null,5.13,10.26]
[1893,"Luva para eletroduto PVC Ø 1.1/2\"","und",4,null,3.31,13.24]
[394,"Braçadeira galvanizada tipo cunha Ø 1.1/2\"","und",4,null,0.79,3.16]
[11950,"Bucha de nylon S-6 com parafuso fenda galvanizado cabeça panela 4,2x32mm autoatarrachante","und",4,null,0.18,0.72]
[863,"Cabo de cobre nu 35mm2","m",35,null,14.13,494.55]
[11315,"Tampão FoFo T-16 (7Kg) - 30x30cm (p/ caixa de inspeção)","und",3,null,62.39,187.17000000000002]
[3278,"Caixa de inspeção em cconcreto pre moldado circular com tampa d=40cm, h=60cm","und",3,null,26.29,78.87]
[12732,"Solda exotérmica - solda para tubo e conexões de cobre","und",6,null,37.340000000000003,224.04000000000002]
[3380,"Haste de aterramento DN 5/8 \"x3000mm, em aço revestido com camada de cobre eletrolítico, com conector tipo grampo","und",3,null,29.13,87.39]
[4272,"Para-raios de baixa de tensão","und",1,null,103.28,103.28]
[12357,"Mastro galvanizado de ø1.1/2\"x3m","und",1,null,165.99,165.99]
[12271,"Sinalizador de topo simples com relé foto elétrico com 02 lâmpadas de 60w","und",1,null,124.49,124.49]
[11270,"Braçadeira guia  reforçada  fixação cabo para raio  ø 1.1/2\"","und",5,null,4.58,22.9]
["06666/ORSE","Isolador reforçado para mastro 1 descida (pára-raio)","und",5,null,4.8,24]
["Cotação","Kit para alimentação elétrica da iluminação de topo dos rservatórios com painel solar, baterias, fonte, cabos e conectores.","und",1,null,907.3,907.3]
["SUB-TOTAL",{"$nulls":5},{"$f":"ROUND(SUM(G367:G382),2)","v":2504.87}]
["MÃO DE OBRA"]
["CÓDIGO","DESCRIÇÃO","UNIDADE","QUANT.",null,"P.UNIT.","P.TOTAL"]
[2438,"Eletrotécnico","h",6,null,15.88,{"$f":"D386*F386","v":95.28}]
[2436,"Eletricista","h",16,null,10.35,165.6]
[247,"Ajudante de Eletricista","h",16,null,6.44,103.04]
["73965/001","Escavação manual","m³",0.5,null,47.3,23.65]
["74015/001","Reaterro compactado de valas","m³",0.5,null,14.97,7.4850000000000003]
["SUB-TOTAL",{"$nulls":5},{"$f":"ROUND(SUM(G386:G390),2)","v":395.06}]
[]
[null,"A) CUSTO UNITÁRIO TOTAL",{"$nulls":4},{"$f":"ROUND(G364+G383+G391,2)","v":2899.93}]
[null,"B) BDI (26,44%)",null,null,null,{"$f":"$C$7","v":0.26440000000000002},{"$f":"ROUND(G393*F394,2)","v":766.74}]
[null,"PREÇO UNITÁRIO TOTAL (A+B+C)",{"$nulls":4},{"$f":"ROUND(SUM(G393:G394),2)","v":3666.67}]

{"sheet":"COTAÇÕES","index":7,"n_rows":57,"n_cols":13,"rows_kept":57,"cut":false,"hidden":true,"merged":[[2,12,3,12]]}
[null,"COTAÇÃO DE PREÇOS DE MATERIAIS"]
[]
["ÍTEM","DESCRIÇÃO DE SERVIÇOS","UNID.","QUANT",null,"QTDADE.","P. UNITÁRIO","SINAPI","P. UNIT FORN.1","FORNECEDOR.1","P. UNIT FORN.2","FORNECEDOR.2"]
["4.0","FORNECIMENTO DE SUPRIMENTOS ELÉTRICOS"]
["COTAÇÃO","Caixa de medição em policarbonato - tipo II - padrão coelba","un",1,0,{"$f":"D5-E5","v":1},89.83,"000-13405"]
["COTAÇÃO","Capacete de alumínio 1.1/2\"","un",2,0,{"$f":"D6-E6","v":2},6.76,"000-12895",3.5,"média tensão PP26746/2013"]
["COTAÇÃO","Conector gtdu","un",4,0,4,5.46,"0000-2527",10.5,"média tensão PP26746/2013"]
["COTAÇÃO","Fita bandit 3/4\"","m",6,0,6,0.79,"00000-406",0.59,"arqueaçoes",0.7,"média tensão PP26746/2013"]
["COTAÇÃO","Cruzeta concreto armado \"t\" 2400mm-padrão coelba","un",4,0,4,null,null,96,"seabra.ba@postesnordeste.com.br",126,"Barbosa-Petrolina 3863-0995  "]
["COTAÇÃO","Manilha sapatilha aço 5000dan","un",3,0,3,null,null,8.9,"média tensão PP26746/2013"]
["COTAÇÃO","Pára-raios rd 15kv 10ka","un",3,0,3,261.39999999999998,"0000-4276"]
["COTAÇÃO","Suporte instalação equipamento","un",1,0,1,80.7,"0001-0956"]
["3.0","FORNECIMENTO DE MATERIAIS HIDRÁULICOS"]
["COTAÇÃO","Te PEAD 90º Ø110 mm","un",16,1,{"$f":"D14-E14","v":15},null,null,120.32,"ECOPIPE 1107",126,"vendas2@ECOPIPE"]
["3.0","FORNECIMENTO DOS MATERIAIS HIDRÁULICOS"]
["COTAÇÃO","REDUÇÃO EXCÊNTRICA EM AÇO GALVANIZADO DN 100x80mm","un",1,0,{"$f":"D16-E16","v":1},null,null,90,"vendas2@ECOPIPE"]
["COTAÇÃO","CONEXÃO FLANGEADA MANGOTE 100 PSI DN 100","un",2,0,{"$f":"D17-E17","v":2},null,null,430,"portobras298.13-5 "]
["2.0","FORNECIMENTO DE EQUIPAMENTOS"]
["COTAÇÃO","Válvula controladora de nível máximo do reservatório Ø 2\"","un",1,0,{"$f":"D19-E19","v":1},null,null,1130,"ISOVAL"]
["COTAÇÃO","Escada interna p/ reservatório","m",1,0,{"$f":"D20-E20","v":1},34.83,73665]
["7.0","Montagem dos Equipamentos"]
["COTAÇÃO","Realização de testes pré-operacionais, com fornecimento dos produtos químicos necessários para um mês de operação, e treinamento de pessoal para operação e manutenção da ETA de 8,00 a 9,00 l/s","un",1,0,{"$f":"D22-E22","v":1}]
["COTAÇÃO","Instalações elétricas da Casa de Química, inclusive fornecimento do quadro de proteção e comando dos equipamentos e fluxostato para automação da dosagem química, para Estação de Tratamento de 4,00 a 16,00 l/s.","un",1,0,{"$f":"D23-E23","v":1}]
["1.0","FORNECIMENTO DAS TUBULAÇÕES"]
["COTAÇÃO","Tubo de polietileno de alta densidade, pead, pe-80, de 160 mm x 14,6 mm, PN 12,5","m",15,0,{"$f":"D25-E25","v":15},129,"000-25878",93.91,"10061946/TIGRE"]
["2.0","FORNECIMENTO DE EQUIPAMENTOS"]
["COTAÇÃO","Valvula Retencao \"by pass\"  (Pn-25) portinhola dupla DN 150mm","un",1,0,{"$f":"D27-E27","v":1},549,"ISOVAL",603.4,"Caetano-7380-6",599.32000000000005,"Cardinal 236-1.24"]
["4.0","FORNECIMENTO DE SUPRIMENTOS ELÉTRICOS"]
["COTAÇÃO","Trafo 3f 30kva 13,8kv 380/220v","un",1,0,{"$f":"D29-E29","v":1},2950,"TNT LTDA",3100,"ELETRAFO",4600,"ALD"]
["3.0","FORNECIMENTO DE MATERIAIS HIDRÁULICOS"]
["COTAÇÃO","Valvula controladora de vazão PN 10 DN 75","un",5,3,{"$f":"D31-E31","v":2},null,null,2537,"ISOVAL"]
["1.0","FORNECIMENTO DE EQUIPAMENTOS"]
["COTAÇÃO","Conj. geração solução clorada de sal comum, capac. 2000 gCl/d. Inclui fonte corrente contínua alta amperagem, reator eletrolítico, saturador e bombas dosadoras de salmoura e de água de diluição e reserv. automatizado solução clorada","un",1,0,{"$f":"D33-E33","v":1}]
["1.0","FORNECIMENTO DAS TUBULAÇÕES"]
["COTAÇÃO","TUBO FOFO C/ FLANGES DN 200mm L= 0,50m","un",1,0,{"$f":"D35-E35","v":1},null,null,1110.01,"Caetano - 7682"]
["2.0","FORNECIMENTO DE EQUIPAMENTOS"]
["COTAÇÃO","Válvula de pé de fofo dúctil c/ crivo PN 10 dn 200 47 kg","un",1,0,{"$f":"D37-E37","v":1},null,null,1388.2,"Caetano - 7682",1340,"ISOVAL"]
["3.0","FORNECIMENTO DOS MATERIAIS HIDRÁULICOS E ELÉTRICOS"]
["COTAÇÃO","Fixador de cabo de descida de para raios com isolador","un",8,0,{"$f":"D39-E39","v":8},4.04,"000-11270"]
["3.0","FORNECIMENTO DOS MATERIAIS HIDRÁULICOS E ELÉTRICOS"]
["COTAÇÃO","Aluguel de banheiros químicos para o abrigo provisório","mês",10,0,{"$f":"D41-E41","v":10},null,null,500,"jplocacoes.com "]
["COTAÇÃO","Corrente em aço galvanizado","m",{"$f":"38+10","v":48},0,48,null,null,16.059999999999999,"PMÉDIO COFORJA"]
["COTAÇÃO","Mangote Flexível REF CDF- HD DN 150 mm (KANAFLEX) ","m",15,0,15,null,null,1720,"ISOVAL",null,null,"ok"]
["COTAÇÃO","Redução Concêntrica PEAD DE 110 x 75","un",3,2,1,null,null,90,"ECOPIPE 1107",139,"ISOVAL"]
["COTAÇÃO","Bomba dosadora, do tipo diafragma a solenóide, para dosagem das soluções químicas de sulfato de alumínio e barrilha, com vazão regulável de 0 a 60 l/h, pressão de descarga de 4 bar, alimentação monofásica de 135 W, 220 V, 60 Hz.","un",4,1,3,null,null,3109,"Emec-6117-13",2796,"EMEC-O1"]
["COTAÇÃO","Compressor de ar direto, para mistura das soluções químicas, com vazão 2,3 pcm, pressão 40 psig, motor elétrico monofásico de 0,5 CV, 220 V, 60 Hz.","un",4,1,3,null,null,314.8,"NowaK"]
["COTAÇÃO","Tanque de PEAD, para preparo das soluções químicas de sulfato de alumínio e barrilha, com capacidade de 500 litros, tampa integral removível, com dispositivo de agitação por ar comprimido.","un",4,1,3,null,null,2970,"TDO570S12-HD"]
["COTAÇÃO","Conector paralelo","un",3,0,3,7.84,"0000-1563","R$_19,9","média tensão PP26746/2013"]
["COTAÇÃO","Caixa para aterramento de 250 mm²","un",4,0,4,null,null,29,"média tensão PP26746/2013"]
["COTAÇÃO","Fivela para fita bandit 3/4\"","un",6,0,6,null,null,1.3,"média tensão PP26746/2013"]
["COTAÇÃO","Suporte instalação equipamento","un",1,0,1,46.47,"0000-7576"]
["COTAÇÃO","Manômetro de pressão (DN 100, 150, 200 mm)  x DN 1 1/2\"","un",1,0,1,110.59,"000-12898",153,"ISOVAL"]
["COTAÇÃO","TÊ DE REDUÇÃO FOFO C/ FLANGES 150x50mm","un",1,0,1,null,null,404.61,"Caetano - 7682",478,"DÚCTIL - D13-0256"]
[null,"TOTAL",{"$nulls":4},0,null,0,null,0]
[]
[null,"PEDRA BRITADA"]
[null,"MAQUINA DE SOLDA"]

{"sheet":"PREÇOS COM REAJUSTAMENTO","index":8,"n_rows":56,"n_cols":8,"rows_kept":56,"cut":false,"hidden":true,"merged":[[2,0,2,4],[3,0,3,6],[8,0,8,6],[4,0,6,0],[4,1,6,1],[4,2,6,2],[4,3,6,3],[4,4,4,7],[5,4,5,7]]}
[]
[]
[]
["COMPOSIÇÃO"]
["ÍTEM","DESCRIÇÃO DE SERVIÇOS","UNID.","Quant.","VALORES"]
[{"$nulls":4},"PREÇOS UNITÁRIOS"]
[{"$nulls":4},"P.UNIT. 2010","Atualização de preço pelo reajustamento","P.UNIT. COM BDI","Total"]
[]
["COTAÇÃO"]
[]
["COTAÇÃO","Realização de testes pré-operacionais, com fornecimento dos produtos químicos necessários para um mês de operação, e treinamento de pessoal para operação e manutenção da ETA de 8,00 a 9,00 l/s","un",1,7982,{"$f":"ROUND(E11*(1+F$56),2)","v":9788.83},{"$f":"F11*(1+0.264)","v":12373.081120000001}]
["COTAÇÃO","Instalações elétricas da Casa de Química, inclusive fornecimento do quadro de proteção e comando dos equipamentos e fluxostato para automação da dosagem química, para Estação de Tratamento de 4,00 a 16,00 l/s.","un",1,3276,{"$f":"ROUND(E12*(1+F$56),2)","v":4017.56},{"$f":"F12*(1+0.264)","v":5078.1958400000003}]
[]
[]
[null,"Período de referência dos índices: "]
[null,"i - DEZ/2012",null,"Mês de aniversário da Proposta"]
[null,"o - DEZ/2009",null,"Mês de apresentação da Proposta"]
[]
["I.","Formulário:"]
[null,"sendo:"]
[null,"R - Valor do reajustamento"]
[null,"V - Valor a ser reajustado"]
[]
["1.","AO 157956 - Terraplenagem (Coluna 38 da FGV)"]
[null,"N1",0.1]
[null,"Ti",221.327,null,"      ",{"$f":"C25*((C26-C27)/C27)","v":1.3082331061403413E-2}]
[null,"To ",195.72200000000001]
[]
["2.","AO 159428 - Edificações (Coluna 35 da FGV)"]
[null,"N2",0.3]
[null,"Ei",522.47400000000005,null,null,{"$f":"C30*((C31-C32)/C32)","v":7.2264167523649198E-2}]
[null,"Eo ",421.05099999999999]
[]
["3.","A1006821 - IPA-Origem-OG-DI-Prod. Ind. Transf.-Artigos de Borracha e de Material Plástico"]
[]
[null,"N4",0.15]
[null,"MPi",133.203,null,null,{"$f":"C36*((C37-C38)/C38)","v":3.177596026128568E-2}]
[null,"MPo ",109.91800000000001]
[]
["4.","A1006823 - IPA-Origem-OG-DI-Produtos Industrias - Indústria de Transformação-Metalurgica Básica"]
[]
[]
[null,"N5",0.3]
[null,"Fi",120.71899999999999,null,null,{"$f":"C43*((C44-C45)/C45)","v":2.650582857761068E-2}]
[null,"Fo ",110.919]
[]
["5.","A1 006825 - IPA-Origem-OG-DI-Produtos Industrias - Ind. de Transformação-Máq. E Equipamentos"]
[]
[]
[null,"N7",0.3]
[null,"Mei",133.203,null,null,{"$f":"C50*((C51-C52)/C52)","v":8.2734247047668297E-2}]
[null,"MEo ",104.40900000000001]
[]
[]
["Portanto:"]
[{"$nulls":4},"R = V * ",{"$f":"F26+F31+F37+F44+F51","v":0.22636253447161728}]

{"sheet":"cronograma","index":9,"n_rows":44,"n_cols":11,"rows_kept":44,"cut":false,"hidden":false,"merged":[[23,2,24,3],[26,10,27,10],[28,10,29,10],[31,10,32,10],[33,10,34,10],[30,0,34,0],[38,2,39,3],[36,10,37,10],[38,10,39,10],[35,0,39,0],[36,1,37,1],[38,1,39,1],[36,2,37,3],[35,2,35,3],[35,4,35,10],[43,0,43,1],[43,2,43,3],[40,0,42,0],[40,2,40,3],[40,4,40,10],[41,1,42,1],[41,2,42,3],[41,10,42,10],[25,0,29,0],[26,1,27,1],[26,2,27,3],[28,2,29,3],[1,0,1,10],[4,10,5,10],[25,2,25,3],[4,0,5,0],[4,1,5,1],[4,2,5,3],[4,4,4,9],[2,0,3,1],[6,0,24,0],[7,1,8,1],[7,10,8,10],[23,10,24,10],[23,1,24,1],[28,1,29,1],[6,4,6,10],[25,4,25,10],[33,1,34,1],[31,1,32,1],[31,2,32,3],[33,2,34,3],[30,2,30,3],[30,4,30,10],[6,2,6,3],[7,2,8,3],[9,1,10,1],[9,2,10,3],[11,1,12,1],[11,2,12,3],[19,10,20,10],[21,10,22,10],[13,1,14,1],[13,2,14,3],[9,10,10,10],[11,10,12,10],[13,10,14,10],[19,1,20,1],[21,1,22,1],[17,2,18,3],[19,2,20,3],[21,2,22,3],[2,2,3,10],[15,2,16,3],[15,10,16,10],[15,1,16,1],[17,1,18,1],[17,10,18,10]]}
[]
["            CRONOGRAMA FÍSICO - FINANCEIRO"]
["OBRA",null,"Execução de serviços remanescentes de Sistemas de Abastecimento de Água em comunidades rurais do município de Remanso - BA."]
[]
["ITEM","ATIVIDADE","VALOR TOTAL DO ITEM  (R$)",null,"MESES",{"$nulls":5},"SOMA (%)"]
[{"$nulls":4},1,2,3,4,5,6]
[1,"Serviços Preliminares"]
[null,"ADMINISTRAÇÃO LOCAL E MANUTENÇÃO DE CANTEIRO DE OBRAS",{"$f":"'SERV. PRELIM.'!G8","v":155673.17000000001},null,{"$f":"$C$8/6","v":25945.528333333335},{"$f":"$C$8/6","v":25945.528333333335},{"$f":"$C$8/6","v":25945.528333333335},25945.528333333335,25945.528333333335,25945.528333333335,{"$f":"SUM(E9:J9)","v":0.99999999999999989}]
[{"$nulls":4},{"$f":"E8/$C$8","v":0.16666666666666666},{"$f":"F8/$C$8","v":0.16666666666666666},0.16666666666666666,0.16666666666666666,0.16666666666666666,0.16666666666666666]
[null,"PLACA DE IDENTIFICAÇÃO DE OBRA COM 4X3M - FORNECIMENTO E INSTALAÇÃO - MODELO CODEVASF-MI",{"$f":"'SERV. PRELIM.'!G9","v":4291.2},null,{"$f":"C10","v":4291.2},{"$nulls":5},{"$f":"SUM(E11:J11)","v":1}]
[{"$nulls":4},1]
[null,"INSTALAÇÃO DE CANTEIRO DE OBRAS",{"$f":"'SERV. PRELIM.'!G10","v":15588.6},null,{"$f":"C12","v":15588.6},{"$nulls":5},{"$f":"SUM(E13:J13)","v":1}]
[{"$nulls":4},1]
[null,"LIMPEZA DO TERRENO - RASPAGEM E LIMPEZA MANUAL",{"$f":"'SERV. PRELIM.'!G11","v":1989},null,{"$f":"C14","v":1989},{"$nulls":5},{"$f":"SUM(E15:J15)","v":1}]
[{"$nulls":4},1]
[null,"MOBILIZAÇÃO DE EQUIPAMENTO E PESSOAS",{"$f":"'SERV. PRELIM.'!G12","v":9662.75},null,{"$f":"C16","v":9662.75},{"$nulls":5},{"$f":"SUM(E17:J17)","v":1}]
[{"$nulls":4},1]
[null,"DESMOBILIZAÇÃO DE EQUIPAMENTO E PESSOAS",{"$f":"'SERV. PRELIM.'!G13","v":9662.75},{"$nulls":6},{"$f":"C18","v":9662.75},{"$f":"SUM(E19:J19)","v":1}]
[{"$nulls":9},1]
[null,"CARREGO, TRANSPORTE E DESCARREGO DE MATERIAIS ORIUNDOS DO REMANESCENTE DE OBRA DO CONTRATO ANTERIOR",{"$f":"'SERV. PRELIM.'!G14","v":1639.98},null,{"$f":"C20","v":1639.98},{"$nulls":5},{"$f":"SUM(E21:J21)","v":1}]
[{"$nulls":4},1]
[null,"ALUGUEL DE BANHEIROS QUIMICOS PARA O ABRIGO PROVISÓRIO",{"$f":"'SERV. PRELIM.'!G15","v":3793.2},null,{"$f":"C22","v":3793.2},{"$nulls":5},{"$f":"SUM(E23:J23)","v":1}]
[{"$nulls":4},1]
[null,"VEÍCULO TIPO COMERCIAL LEVE 1.4 FLEX (85cv),C/ ARCONDICIONADO, DH, TE, PARA APOIO À FISCALIZAÇÃO, INCLUINDO DESPESAS COM COMBUSTÍVEL, ÓLEOS, MANUTENÇÃO, LICENCIAMENTO, SEGUROS E IMPOSTOS",{"$f":"'SERV. PRELIM.'!G16","v":23423.58},null,{"$f":"$C$24/6","v":3903.9300000000003},{"$f":"$C$24/6","v":3903.9300000000003},3903.9300000000003,3903.9300000000003,3903.9300000000003,3903.9300000000003,{"$f":"SUM(E25:J25)","v":0.99999999999999989}]
[{"$nulls":4},{"$f":"E24/$C$24","v":0.16666666666666666},{"$f":"F24/$C$24","v":0.16666666666666666},0.16666666666666666,0.16666666666666666,0.16666666666666666,0.16666666666666666]
[2,"SUBSISTEMA 1"]
[null,"SERVIÇOS",{"$f":"'Sistema 1'!I7","v":336194.18000000017},null,{"$f":"$C$27/6","v":56032.363333333364},{"$f":"$C$27/6","v":56032.363333333364},56032.363333333364,56032.363333333364,56032.363333333364,56032.363333333364,{"$f":"SUM(E28:J28)","v":1.0000000000000002}]
[{"$nulls":4},{"$f":"E27/$C$27","v":0.16666666666666669},{"$f":"F27/$C$27","v":0.16666666666666669},0.16666666666666669,0.16666666666666669,0.16666666666666669,0.16666666666666669]
[null,"MATERIAIS",{"$f":"'Sistema 1'!I259","v":72893.459999999977},null,{"$f":"$C$29/2","v":36446.729999999989},{"$f":"$C$29/2","v":36446.729999999989},{"$nulls":4},{"$f":"SUM(E30:J30)","v":1}]
[{"$nulls":4},{"$f":"E29/$C$29","v":0.5},{"$f":"F29/$C$29","v":0.5}]
[3,"SUBSISTEMA 2"]
[null,"SERVIÇOS",{"$f":"'Sistema 2'!I9","v":615197.63},null,{"$f":"$C$32/6","v":102532.93833333334},{"$f":"$C$32/6","v":102532.93833333334},102532.93833333334,102532.93833333334,102532.93833333334,102532.93833333334,{"$f":"SUM(E33:J33)","v":1.0000000000000002}]
[{"$nulls":4},{"$f":"E32/$C$32","v":0.16666666666666669},{"$f":"F32/$C$32","v":0.16666666666666669},0.16666666666666669,0.16666666666666669,0.16666666666666669,0.16666666666666669]
[null,"MATERIAIS",{"$f":"'Sistema 2'!I271","v":153133.68000000011},null,{"$f":"$C$34/2","v":76566.840000000055},{"$f":"$C$34/2","v":76566.840000000055},{"$nulls":4},{"$f":"SUM(E35:J35)","v":1}]
[{"$nulls":4},{"$f":"E34/$C$34","v":0.5},{"$f":"F34/$C$34","v":0.5}]
[4,"SUBSISTEMA 3"]
[null,"SERVIÇOS",{"$f":"'Sistema 3'!I9","v":478817.87000000029},null,{"$f":"$C$37/6","v":79802.978333333376},{"$f":"$C$37/6","v":79802.978333333376},79802.978333333376,79802.978333333376,79802.978333333376,79802.978333333376,{"$f":"SUM(E38:J38)","v":0.99999999999999989}]
[{"$nulls":4},{"$f":"E37/$C$37","v":0.16666666666666666},{"$f":"F37/$C$37","v":0.16666666666666666},0.16666666666666666,0.16666666666666666,0.16666666666666666,0.16666666666666666]
[null,"MATERIAIS",{"$f":"'Sistema 3'!I267","v":205672.06000000023},null,{"$f":"$C$39/2","v":102836.03000000012},{"$f":"$C$39/2","v":102836.03000000012},{"$nulls":4},{"$f":"SUM(E40:J40)","v":1}]
[{"$nulls":4},{"$f":"E39/$C$39","v":0.5},{"$f":"F39/$C$39","v":0.5}]
[5,"SISTEMA DE AUTOMAÇÃO"]
[null,"SERVIÇOS",{"$f":"Resumo!F12","v":95482.62},{"$nulls":4},{"$f":"$C$42/3","v":31827.539999999997},{"$f":"$C$42/3","v":31827.539999999997},31827.539999999997,{"$f":"SUM(E43:J43)","v":1}]
[{"$nulls":7},{"$f":"H42/$C$42","v":0.33333333333333331},{"$f":"I42/$C$42","v":0.33333333333333331},0.33333333333333331]
["TOTAIS :",null,{"$f":"SUM(C7:D43)","v":2183115.7300000009},null,{"$f":"E42+E39+E37+E34+E32+E29+E27+E24+E8","v":484067.33833333349},484067.33833333349,268217.7383333334,300045.27833333338,300045.27833333338,300045.27833333338,{"$f":"(K42+K39+K37+K34+K32+K29+K27+K24+K8)/9","v":1}]

{"sheet":"Plan4","index":10,"n_rows":12,"n_cols":6,"rows_kept":12,"cut":false,"hidden":true,"merged":[]}
[]
[null,null,null,"COTAÇÃO DE MATERIAIS"]
[]
[null,null,"COTAÇÃO","Bomba dosadora, do tipo diafragma a solenóide, para dosagem das soluções químicas de sulfato de alumínio e barrilha, com vazão regulável de 0 a 60 l/h, pressão de descarga de 4 bar, alimentação monofásica de 135 W, 220 V, 60 Hz.","un",3]
[null,null,"COTAÇÃO","CABO EPROTENAX 4 x 50 mm.","m",1000]
[null,null,"COTAÇÃO","Compressor de ar direto, para mistura das soluções químicas, com vazão 2,3 pcm, pressão 40 psig, motor elétrico monofásico de 0,5 CV, 220 V, 60 Hz.","un",3]
[null,null,"COTAÇÃO","Compressor de ar direto, para mistura das soluções químicas, com vazão 2,3 pcm, pressão 40 psig, motor elétrico monofásico de 0,5 CV, 220 V, 60 Hz.","un",3]
[null,null,"COTAÇÃO","Emenda ELASPEED – 1KV – L – EPD-2549 PARA CABO EPROTENAX 4 x 50 mm.","un",16]
[null,null,"COTAÇÃO","Emenda ELASPEED – 1KV – L – EPD-2549 PARA CABO EPROTENAX 4 x 50 mm.","un",84]
[null,null,"COTAÇÃO","Mangote Flexível REF CDF- HD DN 125 mm (KANAFLEX) ","m",15]
[null,null,"COTAÇÃO","Mangote Flexível REF CDF- HD DN 150 mm (KANAFLEX) ","m",15]
[null,null,"COTAÇÃO","Tubo de polietileno PEAD PE-80 PN 12,5 DN 160 mm","m",284]